Alle Katastralgemeinden Niederösterreichs - Statistiken

Allgemein
  • Dieses Quiz wurde 103 mal gespielt
    102 seit der letzten Aktualisierung
  • Das Durchschnittsergebnis liegt bei 177 aus 3040
Antworten auf der Karte
Die Antworten werden auf der Karte rot bzw. grün angezeigt, abhängig davon wie oft sie richtig erraten wurden.
 
Antwortstatistiken
Bezirk KG-Nummer Gemeinde Katastralgemeinde % Korrekt
Hollabrunn 09020 Hollabrunn Groß
49%
Amstetten 03103 Strengberg Au
45%
Korneuburg 11030 Ernstbrunn Au
45%
St. Pölten-Land 01901 Pressbaum Au am Kraking
45%
Bruck an der Leitha 05002 Au am Leithagebirge Au am Leithagebirge
45%
Melk 14108 Pöchlarn Brunn
43%
St. Pölten-Land 19415 Pyhra Brunn
43%
Zwettl 24109 Arbesbach Brunn
43%
Mödling 16105 Brunn am Gebirge Brunn am Gebirge
43%
Krems-Land 12002 Lichtenau im Waldviertel Brunn am Walde
43%
Wiener Neustadt-Land 23402 Bad Fischau-Brunn Brunn an der Schneebergbahn
43%
Horn 10005 Brunn an der Wild Brunn an der Wild
43%
Waidhofen an der Thaya 21105 Dobersberg Brunn bei Dobersberg
43%
Wiener Neustadt-Land 23403 Bad Erlach Brunn bei Pitten
43%
Waidhofen an der Thaya 21106 Waidhofen an der Thaya-Land Brunn bei Waidhofen
43%
Krems-Land 12101 Gedersdorf Brunn im Felde
43%
Melk 14157 Loosdorf Rohr
43%
Wiener Neustadt-Land 23454 Rohr im Gebirge Rohr im Gebirge
43%
St. Pölten 19544 St. Pölten St. Pölten
40%
Amstetten 03106 Haidershofen Dorf an der Enns
38%
Melk 14185 Emmersdorf an der Donau Hain
38%
St. Pölten-Land 19125 Obritzberg-Rust Hain
38%
Bruck an der Leitha 05102 Berg Berg
36%
St. Pölten-Land 19410 Kasten bei Böheimkirchen Berg
36%
Krems-Land 12328 Maria Laach am Jauerling Hof
36%
St. Pölten-Land 19485 Stössing Hof
36%
Bruck an der Leitha 05010 Hof am Leithagebirge Hof am Leithagebirge
36%
Krems an der Donau 12132 Krems an der Donau Stein
36%
Zwettl 24282 Bad Traunstein Stein
36%
St. Pölten-Land 19585 Hafnerbach Stein-Eichberg
36%
St. Pölten-Land 19724 Neulengbach Haag
32%
Amstetten 03013 Winklarn Haag Dorf
32%
Amstetten 03112 Haag Haag Stadt
32%
Krems an der Donau 12114 Krems an der Donau Krems
32%
Gmünd 07321 Großschönau Mistelbach
32%
Mistelbach 15028 Mistelbach Mistelbach
32%
Mistelbach 13037 Gnadendorf Pyhra
32%
St. Pölten-Land 19552 Pyhra Pyhra
32%
Waidhofen an der Thaya 21168 Waidhofen an der Thaya Pyhra
32%
St. Pölten-Land 19601 Pyhra Wald
32%
Melk 14307 Pöggstall Bruck am Ostrong
30%
Bruck an der Leitha 05003 Bruck an der Leitha Bruck an der Leitha
30%
Gänserndorf 06006 Gänserndorf Gänserndorf
30%
Horn 10208 Geras Geras
30%
Mistelbach 13024 Laa an der Thaya Laa an der Thaya
30%
Mistelbach 13025 Laa an der Thaya Laaer Herrengüter
30%
Mistelbach 13026 Laa an der Thaya Laaer Klafter
30%
Tulln 20189 Tulln an der Donau Tulln
30%
Wiener Neustadt 23443 Wiener Neustadt Wiener Neustadt
30%
Baden 04002 Baden Baden
28%
Lilienfeld 19009 Hainfeld Hainfeld
28%
Zwettl 24266 Kottes-Purk Purk
28%
Amstetten 03220 Weistrach Rohrbach
28%
Baden 04027 Alland Rohrbach
28%
Hollabrunn 09128 Ziersdorf Rohrbach
28%
Waidhofen an der Thaya 21209 Pfaffenschlag bei Waidhofen an der Thaya Rohrbach
28%
Neunkirchen 23332 Ternitz Rohrbach am Steinfelde
28%
Melk 14167 Dunkelsteinerwald Thal
28%
St. Pölten-Land 19589 Hafnerbach Thal
28%
Tulln 20036 Grafenwörth Wagram am Wagram
28%
Gänserndorf 06227 Eckartsau Wagram an der Donau
28%
St. Pölten-Land 19180 Traismauer Wagram an der Traisen
28%
Waidhofen an der Thaya 21194 Waidhofen an der Thaya Waidhofen an der Thaya
28%
Waidhofen an der Ybbs 03329 Waidhofen an der Ybbs Waidhofen an der Ybbs
28%
Neunkirchen 23321 Neunkirchen Neunkirchen
26%
Wiener Neustadt-Land 23451 Waldegg Oed
26%
Zwettl 24260 Martinsberg Oed
26%
St. Pölten-Land 19537 Hafnerbach Oed bei Korning
26%
St. Pölten-Land 19538 Weinburg Oed bei Weinburg
26%
Amstetten 03028 Oed-Oehling Oed Markt
26%
Hollabrunn 09042 Hollabrunn Puch
26%
Waidhofen an der Thaya 21167 Waidhofen an der Thaya Puch
26%
Bruck an der Leitha 05220 Schwechat Schwechat
26%
Melk 14182 Emmersdorf an der Donau St. Georgen
26%
Amstetten 03326 St. Georgen am Reith St. Georgen am Reith
26%
St. Pölten 19453 St. Pölten St. Georgen am Steinfelde
26%
Amstetten 03012 St. Georgen am Ybbsfelde St. Georgen am Ybbsfelde
26%
Scheibbs 22137 St. Georgen an der Leys St. Georgen an der Leys
26%
St. Pölten-Land 19119 Traismauer St. Georgen bei Wagram
26%
Waidhofen an der Ybbs 03325 Waidhofen an der Ybbs St. Georgen in der Klaus
26%
Lilienfeld 19329 Traisen Traisen
26%
St. Pölten-Land 19702 Altlengbach Altlengbach
23%
Scheibbs 22101 St. Anton an der Jeßnitz Anger
23%
Gmünd 07004 Großdietmanns Dietmanns
23%
Waidhofen an der Thaya 21005 Dietmanns Dietmanns
23%
Zwettl 24211 Bad Traunstein Dietmanns
23%
Zwettl 24110 Groß Gerungs Dietmanns
23%
Baden 04309 Furth an der Triesting Furth
23%
Hollabrunn 09014 Göllersdorf Furth
23%
Krems-Land 12154 Furth bei Göttweig Furth
23%
Melk 14012 Kirnberg an der Mank Furth
23%
St. Pölten-Land 19447 Böheimkirchen Furth bei Außenkasten
23%
Korneuburg 01708 Gerasdorf bei Wien Gerasdorf
23%
Neunkirchen 23305 St. Egyden am Steinfeld Gerasdorf am Steinfelde
23%
Bruck an der Leitha 05009 Götzendorf an der Leitha Götzendorf
23%
Gänserndorf 06007 Velm-Götzendorf Götzendorf
23%
Gänserndorf 06112 Hohenau an der March Hohenau
23%
Waidhofen an der Thaya 21132 Dobersberg Hohenau
23%
Baden 04015 Klausen-Leopoldsdorf Klausen-Leopoldsdorf
23%
Korneuburg 11006 Korneuburg Korneuburg
23%
Zwettl 24250 Kottes-Purk Leopolds
23%
Lilienfeld 19318 Lilienfeld Lilienfeld
23%
Gänserndorf 06011 Angern an der March Mannersdorf
23%
St. Pölten-Land 19516 Markersdorf-Haindorf Mannersdorf
23%
Bruck an der Leitha 05012 Mannersdorf am Leithagebirge Mannersdorf am Leithagebirge
23%
Melk 14328 Raxendorf Mannersdorf bei Heiligenblut
23%
Melk 14140 Zelking-Matzleinsdorf Mannersdorf bei Zelking
23%
Gänserndorf 06013 Matzen-Raggendorf Matzen
23%
Mödling 16119 Mödling Mödling
23%
St. Pölten-Land 19737 Neulengbach Neulengbach
23%
Krems-Land 12181 Albrechtsberg an der Großen Krems Purkersdorf
23%
St. Pölten-Land 01906 Purkersdorf Purkersdorf
23%
Krems-Land 12223 Schönberg am Kamp Raan
23%
Gänserndorf 06311 Lassee Schönfeld
23%
Waidhofen an der Thaya 21181 Waldkirchen an der Thaya Schönfeld
23%
Zwettl 24177 Arbesbach Schönfeld
23%
Zwettl 24055 Göpfritz an der Wild Schönfeld
23%
Korneuburg 11142 Stockerau Stockerau
23%
Gmünd 07234 Kirchberg am Walde Ullrichs
23%
Zwettl 24392 Zwettl-Niederösterreich Zwettl Stadt
23%
Zwettl 24393 Zwettl-Niederösterreich Zwettl Stift
23%
Amstetten 03003 Amstetten Amstetten
21%
Gänserndorf 06001 Angern an der March Angern
21%
Krems an der Donau 12146 Krems an der Donau Angern
21%
St. Pölten-Land 19105 Herzogenburg Angern
21%
Neunkirchen 23103 Gloggnitz Aue
21%
St. Pölten-Land 19412 Böheimkirchen Böheimkirchen
21%
Lilienfeld 19307 Eschenau Eschenau
21%
Waidhofen an der Thaya 21114 Vitis Eschenau
21%
Bruck an der Leitha 05207 Himberg Himberg
21%
Krems-Land 12184 Weinzierl am Walde Himberg
21%
Melk 14122 Dunkelsteinerwald Himberg
21%
St. Pölten-Land 19132 Inzersdorf-Getzersdorf Inzersdorf an der Traisen
21%
Lilienfeld 19016 Kaumberg Kaumberg
21%
Mistelbach 13022 Neudorf im Weinviertel Kirchstetten
21%
St. Pölten-Land 19730 Kirchstetten Kirchstetten
21%
Mistelbach 15026 Mistelbach Lanzendorf
21%
St. Pölten-Land 19506 Böheimkirchen Lanzendorf bei Böheimkirchen
21%
St. Pölten-Land 19507 Kasten bei Böheimkirchen Lanzendorf bei Kasten
21%
Bruck an der Leitha 05210 Leopoldsdorf Leopoldsdorf
21%
Gmünd 07115 Reingers Leopoldsdorf
21%
Gänserndorf 06211 Leopoldsdorf im Marchfelde Leopoldsdorf im Marchfelde
21%
Gänserndorf 06307 Marchegg Marchegg
21%
St. Pölten-Land 19142 Nußdorf ob der Traisen Neusiedl
21%
Tulln 20158 Langenrohr Neusiedl
21%
Zwettl 24349 Zwettl-Niederösterreich Neusiedl
21%
Melk 14337 Raxendorf Neusiedl am Feldstein
21%
Neunkirchen 23323 St. Egyden am Steinfeld Neusiedl am Steinfelde
21%
Neunkirchen 23324 Grünbach am Schneeberg Neusiedl am Walde
21%
Gänserndorf 06117 Neusiedl an der Zaya Neusiedl an der Zaya
21%
Baden 04319 Hernstein Neusiedl bei Grillenberg
21%
Krems-Land 12188 Weinzierl am Walde Neusiedl bei Habruck
21%
Wiener Neustadt-Land 23450 Waidmannsfeld Neusiedl bei Pernitz
21%
Melk 14338 Raxendorf Neusiedl bei Pfaffenhof
21%
Krems-Land 12344 Maria Laach am Jauerling Oberndorf
21%
Melk 14341 Artstetten-Pöbring Oberndorf
21%
Zwettl 24356 Zwettl-Niederösterreich Oberndorf
21%
St. Pölten-Land 19146 Traismauer Oberndorf am Gebirge
21%
Scheibbs 22122 Oberndorf an der Melk Oberndorf an der Melk
21%
Waidhofen an der Thaya 21030 Raabs an der Thaya Oberndorf bei Raabs
21%
Waidhofen an der Thaya 21031 Raabs an der Thaya Oberndorf bei Weikertschlag
21%
St. Pölten-Land 19145 Herzogenburg Oberndorf in der Ebene
21%
Waidhofen an der Thaya 21033 Raabs an der Thaya Ober- und Unterreith
21%
Melk 14190 Emmersdorf an der Donau Reith
21%
St. Pölten-Land 19563 Böheimkirchen Reith
21%
Mistelbach 13044 Staatz Staatz-Kautendorf
21%
Krems-Land 12229 Straß im Straßertale Straß
21%
Waidhofen an der Thaya 21187 Thaya Thaya
21%
St. Pölten-Land 19166 Traismauer Traismauer
21%
Gmünd 07341 Unserfrau-Altweitra Ulrichs
21%
St. Pölten-Land 19621 Wilhelmsburg Wilhelmsburg
21%
Melk 14420 Ybbs an der Donau Ybbs
21%
Gänserndorf 06315 Weiden an der March Zwerndorf
21%
St. Pölten 19636 St. Pölten Zwerndorf
21%
Amstetten 03004 Ardagger Ardagger Markt
19%
Amstetten 03005 Ardagger Ardagger Stift
19%
Amstetten 03202 Aschbach-Markt Aschbach Dorf
19%
Amstetten 03203 Aschbach-Markt Aschbach Markt
19%
Zwettl 24204 Kottes-Purk Bernhards
19%
Zwettl 24302 Zwettl-Niederösterreich Bernhards
19%
Waidhofen an der Thaya 21108 Dobersberg Dobersberg
19%
Bruck an der Leitha 05005 Enzersdorf an der Fischa Enzersdorf an der Fischa
19%
Mistelbach 13010 Staatz Enzersdorf bei Staatz
19%
Hollabrunn 09011 Hollabrunn Enzersdorf im Thale
19%
Bruck an der Leitha 05203 Fischamend Fischamend Dorf
19%
Bruck an der Leitha 05204 Fischamend Fischamend Markt
19%
Korneuburg 11026 Hagenbrunn Hagenbrunn
19%
Melk 14020 Hürm Hainberg
19%
Bruck an der Leitha 05104 Hainburg an der Donau Hainburg an der Donau
19%
St. Pölten-Land 19130 Herzogenburg Herzogenburg
19%
Gänserndorf 06019 Hohenruppersdorf Hohenruppersdorf
19%
Hollabrunn 09028 Hollabrunn Hollabrunn
19%
Horn 10027 Horn Horn
19%
Mistelbach 15117 Bernhardsthal Katzelsdorf
19%
Wiener Neustadt-Land 23415 Katzelsdorf Katzelsdorf
19%
Tulln 20139 Tulbing Katzelsdorf an der Zeil
19%
Tulln 20138 Tulbing Katzelsdorf im Dorf
19%
Tulln 20018 Kirchberg am Wagram Kirchberg am Wagram
19%
Gmünd 07218 Kirchberg am Walde Kirchberg am Walde
19%
Neunkirchen 23008 Kirchberg am Wechsel Kirchberg am Wechsel
19%
St. Pölten-Land 19207 Kirchberg an der Pielach Kirchberg an der Pielach
19%
Zwettl 24028 Göpfritz an der Wild Kirchberg an der Wild
19%
Lilienfeld 19046 Kleinzell Kleinzell
19%
Melk 14136 Loosdorf Loosdorf
19%
Mistelbach 13027 Fallbach Loosdorf
19%
Gänserndorf 06217 Obersiebenbrunn Obersiebenbrunn
19%
Hollabrunn 18008 Hadres Obritz
19%
Mistelbach 15124 Poysdorf Poysdorf
19%
Gänserndorf 06017 Matzen-Raggendorf Raggendorf
19%
Baden 04306 Altenmarkt an der Triesting St. Corona
19%
Neunkirchen 23016 St. Corona am Wechsel St. Corona am Wechsel
19%
Amstetten 03218 St. Peter in der Au St. Peter in der Au Dorf
19%
Amstetten 03219 St. Peter in der Au St. Peter in der Au Markt
19%
Neunkirchen 23346 Wartmannstetten Straßhof
19%
Gänserndorf 06313 Untersiebenbrunn Untersiebenbrunn
19%
Bruck an der Leitha 05222 Himberg Velm
19%
Gänserndorf 06027 Velm-Götzendorf Velm
19%
St. Pölten 19594 St. Pölten Viehofen
19%
Mödling 16126 Vösendorf Vösendorf
19%
Melk 14081 Texingtal Weißenbach
19%
Neunkirchen 23150 Gloggnitz Weißenbach
19%
Scheibbs 22035 Lunz am See Weißenbach
19%
Waidhofen an der Thaya 21198 Gastern Weissenbach
19%
Baden 04327 Weißenbach an der Triesting Weißenbach an der Triesting
19%
Mödling 16127 Hinterbrühl Weißenbach bei Mödling
19%
Gänserndorf 06128 Zistersdorf Zistersdorf
19%
Zwettl 24102 Groß Gerungs Albern
17%
Zwettl 24002 Allentsteig Allentsteig
17%
Tulln 20103 St. Andrä-Wördern Altenberg
17%
Horn 10001 Altenburg Altenburg
17%
St. Pölten-Land 19403 Wilhelmsburg Altenburg
17%
Mistelbach 15102 Altlichtenwarth Altlichtenwarth
17%
Bruck an der Leitha 05101 Bad Deutsch-Altenburg Bad Deutsch-Altenburg
17%
Baden 04102 Ebreichsdorf Ebreichsdorf
17%
St. Pölten-Land 19709 Brand-Laaben Eck
17%
St. Pölten-Land 19431 Weinburg Eck
17%
Zwettl 24213 Kirchschlag Eck
17%
St. Pölten-Land 19120 Inzersdorf-Getzersdorf Getzersdorf
17%
St. Pölten-Land 19455 Pyhra Getzersdorf
17%
Gänserndorf 06207 Groß-Enzersdorf Groß-Enzersdorf
17%
Mistelbach 15111 Großkrut Großkrut
17%
Waidhofen an der Thaya 21013 Groß-Siegharts Großsiegharts
17%
Krems-Land 12319 Spitz Gut am Steg
17%
Gänserndorf 06209 Haringsee Haringsee
17%
Gänserndorf 06111 Hauskirchen Hauskirchen
17%
Bruck an der Leitha 05011 Höflein Höflein
17%
Tulln 01702 Klosterneuburg Höflein an der Donau
17%
St. Pölten-Land 19205 Hofstetten-Grünau Hofstetten
17%
St. Pölten-Land 19133 Kapelln Kapelln
17%
Waidhofen an der Thaya 21014 Karlstein an der Thaya Karlstein
17%
St. Pölten-Land 19494 Karlstetten Karlstetten
17%
St. Pölten-Land 19495 Kasten bei Böheimkirchen Kasten
17%
Waidhofen an der Thaya 21143 Kautzen Kautzen
17%
Neunkirchen 23124 Semmering Kurort Semmering
17%
St. Pölten-Land 19518 Markersdorf-Haindorf Markersdorf
17%
St. Pölten-Land 19735 Neulengbach Markersdorf
17%
St. Pölten-Land 19523 Michelbach Michelbach Dorf
17%
St. Pölten-Land 19524 Michelbach Michelbach Markt
17%
Melk 14380 Münichreith-Laimbach Münichreith
17%
Zwettl 24258 Kottes-Purk Münichreith
17%
Waidhofen an der Thaya 21069 Karlstein an der Thaya Münichreith an der Thaya
17%
Melk 14335 Raxendorf Neudorf
17%
Mistelbach 13029 Neudorf im Weinviertel Neudorf
17%
Zwettl 24158 Rappottenstein Neustift
17%
Neunkirchen 23013 Aspangberg-St. Peter Neustift am Alpenwald
17%
Krems-Land 12119 Rohrendorf bei Krems Neustift an der Donau
17%
St. Pölten-Land 19533 Ober-Grafendorf Neustift bei Gasten
17%
Scheibbs 22121 Scheibbs Neustift bei Scheibbs
17%
Krems-Land 12219 Schönberg am Kamp Neustift bei Schönberg
17%
Melk 14042 Hürm Neustift bei Sooß
17%
Tulln 20023 Kirchberg am Wagram Neustift im Felde
17%
St. Pölten-Land 19738 Neustift-Innermanzing Neustift-Innermanzing
17%
St. Pölten-Land 19459 Ober-Grafendorf Obergrafendorf
17%
Gänserndorf 06218 Orth an der Donau Orth an der Donau
17%
Wiener Neustadt-Land 23453 Pernitz Pernitz
17%
St. Pölten-Land 19150 Perschling Perschling
17%
Waidhofen an der Thaya 21035 Ludweis-Aigen Pfaffenschlag
17%
Waidhofen an der Thaya 21165 Pfaffenschlag bei Waidhofen an der Thaya Pfaffenschlag
17%
Zwettl 24262 Kottes-Purk Pfaffenschlag
17%
Gänserndorf 06016 Prottes Prottes
17%
Waidhofen an der Thaya 21038 Raabs an der Thaya Raabs an der Thaya
17%
Waidhofen an der Thaya 21041 Ludweis-Aigen Radl
17%
Lilienfeld 19027 Ramsau Ramsau
17%
Zwettl 24045 Pölla Ramsau
17%
Gänserndorf 06018 Schönkirchen-Reyersdorf Reyersdorf
17%
Tulln 20175 Michelhausen Rust
17%
Wiener Neustadt-Land 23209 Bad Schönau Schönau im Gebirge
17%
Gänserndorf 06020 Schönkirchen-Reyersdorf Schönkirchen
17%
Melk 14354 Artstetten-Pöbring Schwarzau
17%
Neunkirchen 23341 Schwarzau am Steinfeld Schwarzau am Steinfeld
17%
Neunkirchen 23153 Schwarzau im Gebirge Schwarzau im Gebirge
17%
Krems-Land 12047 Gföhl Seeb
17%
Mistelbach 15039 Mistelbach Siebenhirten
17%
St. Pölten-Land 19576 Böheimkirchen Siebenhirten
17%
Korneuburg 11137 Sierndorf Sierndorf
17%
Gänserndorf 06123 Jedenspeigen Sierndorf an der March
17%
Lilienfeld 19301 St. Aegyd am Neuwalde St. Aegyd am Neuwalde
17%
St. Pölten 19583 St. Pölten Stattersdorf
17%
Korneuburg 11018 Stetten Stetten
17%
Tulln 20017 Grafenwörth St. Johann
17%
Neunkirchen 23335 Ternitz St. Johann am Steinfelde
17%
Amstetten 03212 St. Peter in der Au St. Johann in Engstetten
17%
Amstetten 03137 St. Valentin St. Valentin
17%
Neunkirchen 23139 Grafenbach-St. Valentin St. Valentin-Landschach
17%
Lilienfeld 19331 Türnitz Türnitz
17%
Waidhofen an der Thaya 21193 Vitis Vitis
17%
Gänserndorf 06029 Weikendorf Weikendorf
17%
Mistelbach 15042 Wilfersdorf Wilfersdorf
17%
Tulln 20194 Tulbing Wilfersdorf
17%
Melk 14082 Mank Wolkersdorf
17%
Mistelbach 15224 Wolkersdorf im Weinviertel Wolkersdorf
17%
Krems-Land 12301 Aggsbach Aggsbach
15%
Melk 14101 Schönbühel-Aggsbach Aggsbach
15%
Krems-Land 12145 Furth bei Göttweig Aigen
15%
Waidhofen an der Thaya 21001 Ludweis-Aigen Aigen
15%
Wiener Neustadt-Land 23201 Kirchschlag in der Buckligen Welt Aigen
15%
Zwettl 24101 Groß Gerungs Aigen
15%
Hollabrunn 18001 Alberndorf im Pulkautal Alberndorf
15%
Waidhofen an der Thaya 21002 Raabs an der Thaya Alberndorf
15%
Amstetten 03301 Allhartsberg Allhartsberg
15%
Gmünd 07349 Unserfrau-Altweitra Altweitra
15%
Tulln 20106 Langenrohr Asparn
15%
Mistelbach 15001 Asparn an der Zaya Asparn an der Zaya
15%
Gänserndorf 06003 Auersthal Auersthal
15%
Krems-Land 12148 Mautern an der Donau Baumgarten
15%
Tulln 20110 Judenau-Baumgarten Baumgarten am Tullnerfeld
15%
Tulln 20005 Großweikersdorf Baumgarten am Wagram
15%
Gänserndorf 06301 Weiden an der March Baumgarten an der March
15%
St. Pölten-Land 19408 Ober-Grafendorf Baumgarten bei Grafendorf
15%
St. Pölten-Land 19409 Kasten bei Böheimkirchen Baumgarten bei Kasten
15%
Tulln 20111 Sitzenberg-Reidling Baumgarten bei Reidling
15%
Mistelbach 15105 Bernhardsthal Bernhardsthal
15%
Amstetten 03205 Biberbach Biberbach
15%
Melk 14401 Blindenmarkt Blindenmarkt
15%
Bruck an der Leitha 05103 Prellenkirchen Deutsch Haslau
15%
Gänserndorf 06031 Deutsch-Wagram Deutsch-Wagram
15%
Gänserndorf 06104 Palterndorf-Dobermannsdorf Dobermannsdorf
15%
Lilienfeld 19304 Lilienfeld Dörfl
15%
St. Pölten-Land 19706 Asperhofen Dörfl
15%
Tulln 20007 Kirchberg am Wagram Dörfl
15%
St. Pölten-Land 19425 Kasten bei Böheimkirchen Dörfl bei Kasten
15%
St. Pölten 19426 St. Pölten Dörfl bei Ochsenburg
15%
Mistelbach 15106 Drasenhofen Drasenhofen
15%
Gänserndorf 06106 Dürnkrut Dürnkrut
15%
Melk 14109 Leiben Ebersdorf
15%
St. Pölten-Land 19429 Ober-Grafendorf Ebersdorf
15%
Tulln 20116 Atzenbrugg Ebersdorf
15%
Mistelbach 15006 Wilfersdorf Ebersdorf an der Zaya
15%
Gänserndorf 06203 Eckartsau Eckartsau
15%
Gänserndorf 06303 Engelhartstetten Engelhartstetten
15%
Mistelbach 15108 Falkenstein Falkenstein
15%
Scheibbs 22007 Gaming Gaming
15%
Gmünd 07007 Gmünd Gmünd
15%
Bruck an der Leitha 05008 Göttlesbrunn-Arbesthal Göttlesbrunn
15%
Bruck an der Leitha 05205 Gramatneusiedl Gramatneusiedl
15%
Scheibbs 22009 Gresten Gresten
15%
Gänserndorf 06021 Groß-Schweinbarth Groß-Schweinbarth
15%
Amstetten 03208 Weistrach Grub
15%
Horn 10024 Irnfritz-Messern Grub
15%
Mödling 16109 Wienerwald Grub
15%
Gänserndorf 06008 Angern an der March Grub an der March
15%
St. Pölten-Land 19464 Ober-Grafendorf Grub bei Obergrafendorf
15%
Tulln 20128 Würmla Grub bei Saladorf
15%
St. Pölten-Land 19465 Weinburg Grub bei Weinburg
15%
St. Pölten-Land 19469 Hafnerbach Hafnerbach
15%
Gmünd 07139 Heidenreichstein Haslau
15%
Bruck an der Leitha 05105 Haslau-Maria Ellend Haslau an der Donau
15%
St. Pölten-Land 19474 Haunoldstein Haunoldstein
15%
Mistelbach 15114 Hausbrunn Hausbrunn
15%
Gmünd 07111 Heidenreichstein Heidenreichstein
15%
Gmünd 07021 Großdietmanns Höhenberg
15%
Lilienfeld 19311 Hohenberg Hohenberg
15%
Scheibbs 22012 Lunz am See Hohenberg
15%
St. Pölten-Land 19488 Böheimkirchen Hub und Grub
15%
Gänserndorf 06114 Jedenspeigen Jedenspeigen
15%
Tulln 01704 Klosterneuburg Klosterneuburg
15%
Melk 14321 Pöggstall Laas
15%
Gänserndorf 06305 Lassee Lassee
15%
Melk 14038 Mank Mank
15%
Gänserndorf 06212 Mannsdorf an der Donau Mannsdorf
15%
Gänserndorf 06213 Markgrafneusiedl Markgrafneusiedl
15%
Melk 14142 Dunkelsteinerwald Mauer
15%
Amstetten 03023 Amstetten Mauer bei Amstetten
15%
Melk 14143 Melk Melk
15%
St. Pölten-Land 19531 Neidling Neidling
15%
Melk 14411 Neumarkt an der Ybbs Neumarkt
15%
St. Pölten-Land 19144 Nußdorf ob der Traisen Nußdorf an der Traisen
15%
St. Pölten-Land 19147 Obritzberg-Rust Obritzberg
15%
Krems-Land 12166 Furth bei Göttweig Palt
15%
Melk 14348 Raxendorf Pölla
15%
St. Pölten 19547 St. Pölten Pottenbrunn
15%
St. Pölten-Land 01905 Pressbaum Preßbaum
15%
Neunkirchen 23328 Puchberg am Schneeberg Puchberg am Schneeberg
15%
Scheibbs 22026 Randegg Puchberg bei Randegg
15%
Gänserndorf 06223 Raasdorf Raasdorf
15%
Mistelbach 15125 Rabensburg Rabensburg
15%
St. Pölten-Land 19156 Wölbling Ratzersdorf
15%
St. Pölten 19560 St. Pölten Ratzersdorf an der Traisen
15%
Gmünd 07326 Bad Großpertholz Reichenau
15%
Neunkirchen 23137 Reichenau an der Rax Reichenau
15%
Hollabrunn 18125 Pulkau Rohrendorf
15%
Waidhofen an der Thaya 21042 Raabs an der Thaya Rossa
15%
Gmünd 07132 Litschau Schlag
15%
Zwettl 24052 Schwarzenau Schlag
15%
Mistelbach 15127 Schrattenberg Schrattenberg
15%
Gänserndorf 06022 Spannberg Spannberg
15%
Korneuburg 11138 Spillern Spillern
15%
Krems-Land 12358 Spitz Spitz
15%
St. Pölten 19580 St. Pölten Spratzern
15%
St. Pölten-Land 19163 Statzendorf Statzendorf
15%
Gmünd 07320 St. Martin St. Martin
15%
Melk 14417 St. Martin-Karlsbach St. Martin
15%
Gmünd 07339 Weitra Sulz
15%
Mödling 16125 Wienerwald Sulz im Wienerwald
15%
Mistelbach 13045 Unterstinkenbrunn Unterstinkenbrunn
15%
Amstetten 03043 Viehdorf Viehdorf
15%
Waidhofen an der Thaya 21197 Waldkirchen an der Thaya Waldkirchen
15%
Krems-Land 12140 Weißenkirchen in der Wachau Weißenkirchen
15%
St. Pölten-Land 19170 Perschling Weißenkirchen an der Perschling
15%
Waidhofen an der Thaya 21202 Windigsteig Windigsteig
15%
Bruck an der Leitha 05116 Wolfsthal Wolfsthal
15%
Amstetten 03333 Ybbsitz Ybbsitz
15%
Horn 10243 Drosendorf-Zissersdorf Zissersdorf
15%
Korneuburg 11149 Hausleiten Zissersdorf
15%
Mistelbach 13055 Gnadendorf Zwentendorf
15%
Tulln 20201 Zwentendorf an der Donau Zwentendorf
15%
Bruck an der Leitha 05224 Zwölfaxing Zwölfaxing
15%
Gänserndorf 06030 Aderklaa Aderklaa
13%
Baden 04001 Alland Alland
13%
Baden 04301 Altenmarkt an der Triesting Altenmarkt
13%
Melk 14201 Yspertal Altenmarkt
13%
Mistelbach 13001 Gaubitsch Altenmarkt
13%
Hollabrunn 09001 Hollabrunn Altenmarkt im Thale
13%
Tulln 20108 Atzenbrugg Atzenbrugg
13%
Melk 14005 Bischofstetten Bischofstetten
13%
Zwettl 24105 Groß Gerungs Blumau
13%
Waidhofen an der Thaya 21003 Ludweis-Aigen Blumau an der Wild
13%
Baden 04042 Blumau-Neurißhof Blumau-Neurißhof
13%
Mistelbach 15201 Bockfließ Bockfließ
13%
Gmünd 07203 Brand-Nagelberg Brand
13%
St. Pölten-Land 19704 Brand-Laaben Brand
13%
Zwettl 24305 Waldhausen Brand
13%
Scheibbs 22104 Wolfpassing Buch
13%
Horn 10203 Drosendorf-Zissersdorf Drosendorf Altstadt
13%
Horn 10204 Drosendorf-Zissersdorf Drosendorf Stadt
13%
Gänserndorf 06105 Drösing Drösing
13%
Gänserndorf 06005 Ebenthal Ebenthal
13%
Krems-Land 12151 Paudorf Eggendorf
13%
St. Pölten 19434 St. Pölten Eggendorf
13%
Tulln 20117 Sitzenberg-Reidling Eggendorf
13%
Korneuburg 11102 Stetteldorf am Wagram Eggendorf am Wagram
13%
Hollabrunn 09108 Maissau Eggendorf am Walde
13%
Hollabrunn 09009 Hollabrunn Eggendorf im Thale
13%
St. Pölten-Land 19710 Eichgraben Eichgraben
13%
Amstetten 03109 Ennsdorf Ennsdorf
13%
Korneuburg 11024 Enzersfeld im Weinviertel Enzersfeld
13%
Zwettl 24219 Kottes-Purk Ernst
13%
St. Pölten-Land 19440 Pyhra Fahra
13%
Baden 04308 Pottenstein Fahrafeld
13%
St. Pölten-Land 19441 Kasten bei Böheimkirchen Fahrafeld
13%
Waidhofen an der Thaya 21118 Gastern Gastern
13%
Mistelbach 13013 Gaubitsch Gaubitsch
13%
Mistelbach 15013 Gaweinstal Gaweinstal
13%
Krems-Land 12314 Maria Laach am Jauerling Gießhübl
13%
Mödling 16108 Gießhübl Gießhübl
13%
Neunkirchen 23109 Gloggnitz Gloggnitz
13%
Mistelbach 13015 Gnadendorf Gnadendorf
13%
Zwettl 24020 Göpfritz an der Wild Göpfritz an der Wild
13%
Tulln 20014 Grafenwörth Grafenwörth
13%
Scheibbs 22113 Oberndorf an der Melk Gries
13%
Mistelbach 15205 Großengersdorf Großengersdorf
13%
Gänserndorf 06208 Großhofen Großhofen
13%
St. Pölten-Land 19203 Hofstetten-Grünau Grünau
13%
Waidhofen an der Thaya 21131 Windigsteig Grünau
13%
Krems-Land 12211 Hadersdorf-Kammern Hadersdorf am Kamp
13%
Zwettl 24127 Groß Gerungs Haid
13%
Hollabrunn 18104 Hardegg Hardegg
13%
St. Pölten 19472 St. Pölten Harland
13%
Mistelbach 15115 Herrnbaumgarten Herrnbaumgarten
13%
Horn 10028 Irnfritz-Messern Irnfritz
13%
Horn 10218 Japons Japons
13%
Wiener Neustadt-Land 23205 Kirchschlag in der Buckligen Welt Kirchschlag
13%
Zwettl 24241 Kirchschlag Kirchschlag
13%
Mödling 16116 Laab im Walde Laab im Walde
13%
Krems-Land 12215 Langenlois Langenlois
13%
Gmünd 07117 Litschau Litschau
13%
St. Pölten-Land 19208 Loich Loich
13%
Gänserndorf 06306 Engelhartstetten Loimersdorf
13%
St. Pölten-Land 19734 Maria Anzbach Maria Anzbach
13%
Bruck an der Leitha 05108 Haslau-Maria Ellend Maria Ellend
13%
Melk 14221 Maria Taferl Maria Taferl
13%
Krems-Land 12162 Mautern an der Donau Mautern
13%
Melk 14330 Raxendorf Moos
13%
Gänserndorf 06101 Ringelsdorf-Niederabsdorf Niederabsdorf
13%
Korneuburg 11116 Niederhollabrunn Niederhollabrunn
13%
Melk 14043 Hürm Oberradl
13%
St. Pölten 19554 St. Pölten Oberradlberg
13%
St. Pölten 19598 St. Pölten Oberwagram
13%
Gänserndorf 06310 Weiden an der March Oberweiden
13%
Amstetten 03029 Oed-Oehling Öhling
13%
St. Pölten-Land 19741 Neulengbach Ollersbach
13%
Gänserndorf 06014 Angern an der March Ollersdorf
13%
Gänserndorf 06119 Palterndorf-Dobermannsdorf Palterndorf
13%
Gänserndorf 06219 Parbasdorf Parbasdorf
13%
Krems-Land 12147 Paudorf Paudorf
13%
Neunkirchen 23129 Payerbach Payerbach
13%
Bruck an der Leitha 05216 Himberg Pellendorf
13%
Mistelbach 15035 Gaweinstal Pellendorf
13%
Mödling 16121 Perchtoldsdorf Perchtoldsdorf
13%
Bruck an der Leitha 05109 Petronell-Carnuntum Petronell
13%
Melk 14412 Petzenkirchen Petzenkirchen
13%
Wiener Neustadt-Land 23429 Markt Piesting Piesting
13%
Gänserndorf 06015 Bad Pirawarth Pirawarth
13%
Neunkirchen 23133 Reichenau an der Rax Prein
13%
St. Pölten-Land 19212 Rabenstein an der Pielach Rabenstein
13%
Bruck an der Leitha 05217 Schwechat Rannersdorf
13%
Gänserndorf 06121 Hauskirchen Rannersdorf
13%
St. Pölten-Land 19559 Hafnerbach Rannersdorf
13%
Gmünd 07126 Reingers Reingers
13%
Amstetten 03032 Wallsee-Sindelburg Ried
13%
St. Pölten-Land 19158 Nußdorf ob der Traisen Ried
13%
Tulln 20173 Sieghartskirchen Ried am Riederberg
13%
Gänserndorf 06122 Ringelsdorf-Niederabsdorf Ringelsdorf
13%
Bruck an der Leitha 05017 Rohrau Rohrau
13%
Bruck an der Leitha 05112 Scharndorf Scharndorf
13%
Zwettl 24275 Kirchschlag Scheibb
13%
Gmünd 07133 Litschau Schönau
13%
Zwettl 24277 Bad Traunstein Schönau Amt
13%
Gänserndorf 06225 Groß-Enzersdorf Schönau an der Donau
13%
Baden 04028 Schönau an der Triesting Schönau an der Triesting
13%
Neunkirchen 23142 Schottwien Schottwien
13%
Gmünd 07226 Schrems Schrems
13%
Bruck an der Leitha 05219 Schwadorf Schwadorf
13%
St. Pölten 19575 St. Pölten Schwadorf
13%
Amstetten 03222 Seitenstetten Seitenstetten Dorf
13%
Amstetten 03223 Seitenstetten Seitenstetten Markt
13%
Tulln 20180 Sitzenberg-Reidling Sitzenberg
13%
Bruck an der Leitha 05019 Sommerein Sommerein
13%
Horn 10003 St. Bernhard-Frauenhofen St. Bernhard
13%
Melk 14061 St. Leonhard am Forst St. Leonhard am Forst
13%
Krems-Land 12018 St. Leonhard am Hornerwald St. Leonhard am Hornerwalde
13%
Waidhofen an der Ybbs 03327 Waidhofen an der Ybbs St. Leonhard am Walde
13%
Krems-Land 12190 Weißenkirchen in der Wachau St. Michael
13%
Amstetten 03216 St. Peter in der Au St. Michael am Bruckbach
13%
St. Pölten-Land 19587 Stössing Stössing
13%
Gänserndorf 06025 Weikendorf Stripfing
13%
Mistelbach 13047 Stronsdorf Stronsdorf
13%
Lilienfeld 19040 St. Veit an der Gölsen St. Veit an der Gölsen
13%
Wiener Neustadt-Land 23436 Theresienfeld Theresienfeld
13%
Baden 04033 Traiskirchen Traiskirchen
13%
St. Pölten-Land 01908 Tullnerbach Tullnerbach
13%
St. Pölten-Land 19553 St. Margarethen an der Sierning Unterradl
13%
St. Pölten 19555 St. Pölten Unterradlberg
13%
St. Pölten 19599 St. Pölten Unterwagram
13%
Baden 04035 Bad Vöslau Vöslau
13%
Scheibbs 22139 Wang Wang
13%
Krems-Land 12363 Maria Laach am Jauerling Weinberg
13%
St. Pölten-Land 19608 Weinburg Weinburg
13%
Horn 10238 Weitersfeld Weitersfeld
13%
Gmünd 07348 Weitra Weitra
13%
Mödling 16128 Wiener Neudorf Wiener Neudorf
13%
Scheibbs 22143 Wieselburg Wieselburg
13%
Mistelbach 13051 Wildendürnbach Wildendürnbach
13%
Horn 10067 Röhrenbach Winkl
13%
Tulln 20040 Kirchberg am Wagram Winkl
13%
Neunkirchen 23356 Würflach Würflach
13%
Neunkirchen 23020 Zöbern Zöbern
13%
Gmünd 07201 Amaliendorf-Aalfang Aalfang
11%
Neunkirchen 23101 Altendorf Altendorf
11%
Mistelbach 15101 Großkrut Althöflein
11%
Zwettl 24103 Altmelon Altmelon
11%
Gmünd 07202 Amaliendorf-Aalfang Amaliendorf
11%
Gänserndorf 06201 Andlersdorf Andlersdorf
11%
Bruck an der Leitha 05001 Göttlesbrunn-Arbesthal Arbesthal
11%
Melk 14105 Artstetten-Pöbring Artstetten
11%
Neunkirchen 23001 Aspang-Markt Aspang
11%
Korneuburg 11023 Bisamberg Bisamberg
11%
Mödling 16104 Breitenfurt bei Wien Breitenfurt
11%
Neunkirchen 23106 Buchbach Buchbach
11%
St. Pölten-Land 19416 Stössing Buchbach
11%
Waidhofen an der Thaya 21107 Waidhofen an der Thaya-Land Buchbach
11%
Gänserndorf 06004 Weikendorf Dörfles
11%
Korneuburg 11031 Ernstbrunn Dörfles
11%
Wiener Neustadt-Land 23405 Ebenfurth Ebenfurth
11%
Bruck an der Leitha 05202 Ebergassing Ebergassing
11%
Horn 10106 Eggenburg Eggenburg
11%
Mistelbach 15007 Ladendorf Eggersdorf
11%
Waidhofen an der Thaya 21007 Karlstein an der Thaya Eggersdorf
11%
Amstetten 03110 St. Pantaleon-Erla Erla
11%
St. Pölten-Land 19712 Asperhofen Erla
11%
Melk 14111 Erlauf Erlauf
11%
Korneuburg 11032 Ernstbrunn Ernstbrunn
11%
Amstetten 03207 Ertl Ertl
11%
Amstetten 03008 Euratsfeld Euratsfeld
11%
Mistelbach 13011 Fallbach Fallbach
11%
Amstetten 03009 Ferschnitz Ferschnitz
11%
St. Pölten-Land 19202 Frankenfels Frankenfels
11%
Horn 10018 St. Bernhard-Frauenhofen Frauenhofen
11%
Tulln 20123 Tulln an der Donau Frauenhofen
11%
Mödling 16107 Gaaden Gaaden
11%
Wiener Neustadt-Land 23410 Hohe Wand Gaaden
11%
Horn 10021 Gars am Kamp Gars am Kamp
11%
Melk 14315 Pöggstall Gerersdorf
11%
St. Pölten-Land 19454 Gerersdorf Gerersdorf
11%
Tulln 20125 Sieghartskirchen Gerersdorf
11%
Krems-Land 12012 Gföhl Gföhl
11%
St. Pölten-Land 19716 Brand-Laaben Gföhl
11%
Gänserndorf 06206 Glinzendorf Glinzendorf
11%
Melk 14116 Golling an der Erlauf Golling
11%
Scheibbs 22008 Göstling an der Ybbs Göstling
11%
Melk 14209 Persenbeug-Gottsdorf Gottsdorf
11%
Krems-Land 12156 Furth bei Göttweig Göttweig
11%
Mistelbach 15204 Großebersdorf Großebersdorf
11%
Mistelbach 13019 Großharras Großharras
11%
Korneuburg 11015 Großrußbach Großrußbach
11%
Neunkirchen 23308 Schwarzau am Steinfeld Guntrams
11%
Mödling 16111 Guntramsdorf Guntramsdorf
11%
St. Pölten 19468 St. Pölten Hafing
11%
Horn 10113 Burgschleinitz-Kühnring Harmannsdorf
11%
Hollabrunn 09025 Wullersdorf Hart
11%
Melk 14176 Artstetten-Pöbring Hart
11%
Neunkirchen 23113 Enzenreith Hart
11%
St. Pölten 19473 St. Pölten Hart
11%
Gmünd 07110 Haugschlag Haugschlag
11%
Korneuburg 11111 Hausleiten Hausleithen
11%
Baden 04012 Heiligenkreuz Heiligenkreuz
11%
Mödling 16112 Hennersdorf Hennersdorf
11%
Wiener Neustadt-Land 23203 Hochneukirchen-Gschaidt Hochneukirchen
11%
Wiener Neustadt-Land 23204 Hollenthon Hollenthon
11%
Bruck an der Leitha 05107 Hundsheim Hundsheim
11%
Tulln 20136 Judenau-Baumgarten Judenau
11%
Mödling 16115 Kaltenleutgeben Kaltenleutgeben
11%
Amstetten 03336 Kematen an der Ybbs Kematen
11%
Gänserndorf 06009 Matzen-Raggendorf Kleinharras
11%
Gänserndorf 06010 Bad Pirawarth Kollnbrunn
11%
Zwettl 24248 Kottes-Purk Kottes
11%
Mistelbach 15025 Ladendorf Ladendorf
11%
Horn 10220 Langau Langau
11%
Korneuburg 11029 Langenzersdorf Langenzersdorf
11%
Korneuburg 11008 Leobendorf Leobendorf
11%
Baden 04018 Leobersdorf Leobersdorf
11%
Wiener Neustadt-Land 23419 Lichtenwörth Lichtenwörth
11%
Waidhofen an der Thaya 21024 Ludweis-Aigen Ludweis
11%
Hollabrunn 09118 Maissau Maissau
11%
Melk 14220 Marbach an der Donau Marbach
11%
Scheibbs 22119 Wieselburg-Land Marbach
11%
Zwettl 24342 Zwettl-Niederösterreich Marbach am Walde
11%
Krems-Land 12180 Albrechtsberg an der Großen Krems Marbach an der Kleinen Krems
11%
Krems-Land 12028 Rastenfeld Marbach im Felde
11%
Mödling 16118 Maria Enzersdorf Maria Enzersdorf
11%
Bruck an der Leitha 05212 Maria-Lanzendorf Maria-Lanzendorf
11%
Waidhofen an der Thaya 21159 Dobersberg Merkengersch
11%
Horn 10037 Irnfritz-Messern Messern
11%
Horn 10039 Rosenburg-Mold Mold
11%
Gmünd 07221 Brand-Nagelberg Nagelberg
11%
Gänserndorf 06309 Untersiebenbrunn Neuhof
11%
Zwettl 24259 Ottenschlag Neuhof
11%
Melk 14146 Dunkelsteinerwald Neuhofen
11%
Amstetten 03025 Neuhofen an der Ybbs Neuhofen an der Ybbs
11%
Amstetten 03026 Neustadtl an der Donau Neustadtl
11%
Mistelbach 15030 Niederleis Niederleis
11%
Waidhofen an der Thaya 21162 Waidhofen an der Thaya-Land Nonndorf
11%
Zwettl 24159 Groß Gerungs Nonndorf
11%
Horn 10046 Irnfritz-Messern Nonndorf an der Wild
11%
Waidhofen an der Thaya 21028 Raabs an der Thaya Nonndorf bei Raabs an der Thaya
11%
Hollabrunn 09059 Wullersdorf Oberstinkenbrunn
11%
St. Pölten-Land 19177 Wölbling Oberwölbling
11%
St. Pölten 19637 St. Pölten Oberzwischenbrunn
11%
Zwettl 24261 Ottenschlag Ottenschlag
11%
Zwettl 24400 Zwettl-Niederösterreich Ottenschlag
11%
St. Pölten 19540 St. Pölten Pengersdorf
11%
St. Pölten-Land 19541 Pyhra Perersdorf
11%
Melk 14230 Persenbeug-Gottsdorf Persenbeug
11%
Neunkirchen 23327 Pitten Pitten
11%
Melk 14153 Pöchlarn Pöchlarn
11%
Baden 04106 Pottendorf Pottendorf
11%
Melk 14050 Hürm Pöttendorf
11%
Neunkirchen 23360 Ternitz Pottschach
11%
Mistelbach 15123 Poysdorf Poysbrunn
11%
Bruck an der Leitha 05110 Prellenkirchen Prellenkirchen
11%
Neunkirchen 23134 Prigglitz Prigglitz
11%
Gänserndorf 06120 Hauskirchen Prinzendorf
11%
St. Pölten-Land 19548 Prinzersdorf Prinzersdorf
11%
Hollabrunn 18121 Pulkau Pulkau
11%
Horn 10225 Geras Purgstall
11%
Scheibbs 22125 Purgstall an der Erlauf Purgstall
11%
Neunkirchen 23136 Raach am Hochgebirge Raach
11%
Hollabrunn 18012 Pernersdorf Ragelsdorf
11%
St. Pölten 19556 St. Pölten Ragelsdorf
11%
Waidhofen an der Thaya 21171 Waldkirchen an der Thaya Rappolz
11%
Hollabrunn 09127 Ravelsbach Ravelsbach
11%
Tulln 20171 Sitzenberg-Reidling Reidling
11%
Waidhofen an der Thaya 21174 Dobersberg Reinolz
11%
Baden 04107 Reisenberg Reisenberg
11%
Hollabrunn 18122 Retz Retz Altstadt
11%
Hollabrunn 18123 Retz Retz Stadt
11%
Horn 10053 Röhrenbach Röhrenbach
11%
St. Pölten-Land 19567 Böheimkirchen Röhrenbach
11%
Tulln 20174 Sieghartskirchen Röhrenbach
11%
Horn 10054 Rosenburg-Mold Rosenburg
11%
Scheibbs 22132 Scheibbs Scheibbs
11%
Mistelbach 15217 Ulrichskirchen-Schleinbach Schleinbach
11%
Melk 14161 Schollach Schollach
11%
Krems-Land 12227 Schönberg am Kamp Schönberg
11%
Mistelbach 15038 Gaweinstal Schrick
11%
Zwettl 24056 Schwarzenau Schwarzenau
11%
Amstetten 03321 Opponitz Schwarzenbach
11%
Lilienfeld 19034 St. Veit an der Gölsen Schwarzenbach
11%
St. Pölten-Land 19213 Schwarzenbach an der Pielach Schwarzenbach
11%
Wiener Neustadt-Land 23432 Schwarzenbach Schwarzenbach
11%
Zwettl 24375 Schweiggers Schwarzenbach
11%
Baden 04109 Seibersdorf Seibersdorf
11%
Korneuburg 01710 Gerasdorf bei Wien Seyring
11%
Tulln 20179 Sieghartskirchen Sieghartskirchen
11%
Tulln 20104 St. Andrä-Wördern St. Andrä
11%
St. Pölten-Land 19104 Herzogenburg St. Andrä an der Traisen
11%
Scheibbs 22138 Steinakirchen am Forst Steinakirchen am Forst
11%
St. Pölten 19586 St. Pölten Steinfeld
11%
Gänserndorf 06023 Angern an der March Stillfried
11%
Melk 14234 St. Oswald St. Oswald
11%
Amstetten 03133 Strengberg Strengberg
11%
Gänserndorf 06126 Neusiedl an der Zaya St. Ulrich
11%
Melk 14074 Texingtal Texing
11%
Neunkirchen 23019 Thomasberg Thomasberg
11%
Neunkirchen 23147 Trattenbach Trattenbach
11%
Tulln 20188 Tulbing Tulbing
11%
Mistelbach 15220 Ulrichskirchen-Schleinbach Ulrichskirchen
11%
St. Pölten-Land 19178 Wölbling Unterwölbling
11%
St. Pölten 19638 St. Pölten Unterzwischenbrunn
11%
Waidhofen an der Thaya 21192 Waidhofen an der Thaya-Land Vestepoppen
11%
Amstetten 03044 Wallsee-Sindelburg Wallsee
11%
St. Pölten 19604 St. Pölten Wasserburg
11%
Melk 14367 Weiten Weiten
11%
Gmünd 07350 Weitra Wetzles
11%
Waidhofen an der Thaya 21062 Raabs an der Thaya Wetzles
11%
Korneuburg 11145 Leitzersdorf Wiesen
11%
St. Pölten-Land 19620 Böheimkirchen Wiesen
11%
Amstetten 03225 Wolfsbach Wolfsbach
11%
Horn 10239 Drosendorf-Zissersdorf Wolfsbach
11%
St. Pölten-Land 19633 Pyhra Zell
11%
Waidhofen an der Ybbs 03334 Waidhofen an der Ybbs Zell Arzberg
11%
Waidhofen an der Ybbs 03335 Waidhofen an der Ybbs Zell Markt
11%
Mödling 16101 Achau Achau
9%
St. Pölten-Land 19401 Pyhra Adeldorf
9%
St. Pölten-Land 19703 Asperhofen Asperhofen
9%
Wiener Neustadt-Land 23407 Bad Erlach Bad Erlach
9%
Wiener Neustadt-Land 23401 Bad Fischau-Brunn Bad Fischau
9%
Baden 04302 Berndorf Berndorf I
9%
Baden 04303 Berndorf Berndorf II
9%
Baden 04304 Berndorf Berndorf III
9%
Baden 04305 Berndorf Berndorf IV
9%
Neunkirchen 23301 Breitenau Breitenau
9%
Gänserndorf 06302 Marchegg Breitensee
9%
Gmünd 07003 Gmünd Breitensee
9%
Neunkirchen 23105 Breitenstein Breitenstein
9%
Gänserndorf 06202 Leopoldsdorf im Marchfelde Breitstetten
9%
Horn 10103 Burgschleinitz-Kühnring Burgschleinitz
9%
Waidhofen an der Thaya 21004 Ludweis-Aigen Diemschlag
9%
Melk 14205 Dorfstetten Dorfstetten
9%
Krems-Land 12103 Droß Droß
9%
Neunkirchen 23303 Ternitz Dunkelstein
9%
Krems-Land 12105 Dürnstein Dürnstein
9%
Neunkirchen 23002 Edlitz Edlitz
9%
St. Pölten-Land 19432 Weinburg Edlitz
9%
Gmünd 07104 Eggern Eggern
9%
Gmünd 07006 Gmünd Eibenstein
9%
Waidhofen an der Thaya 21008 Raabs an der Thaya Eibenstein
9%
Mistelbach 15008 Mistelbach Eibesthal
9%
Waidhofen an der Thaya 21009 Groß-Siegharts Ellends
9%
Waidhofen an der Thaya 21113 Kautzen Engelbrechts
9%
Zwettl 24309 Großgöttfritz Engelbrechts
9%
Neunkirchen 23108 Enzenreith Enzenreith
9%
St. Pölten-Land 19113 Kapelln Etzersdorf
9%
Melk 14313 Raxendorf Feistritz
9%
Neunkirchen 23003 Feistritz am Wechsel Feistritz
9%
Wiener Neustadt-Land 23408 Felixdorf Felixdorf
9%
Tulln 20009 Fels am Wagram Fels am Wagram
9%
Tulln 20010 Grafenwörth Feuersbrunn
9%
Zwettl 24016 Pölla Franzen
9%
Waidhofen an der Thaya 21115 Waldkirchen an der Thaya Fratres
9%
Gänserndorf 06205 Haringsee Fuchsenbigl
9%
St. Pölten-Land 01902 Gablitz Gablitz
9%
Krems-Land 12108 Gedersdorf Gedersdorf
9%
St. Pölten-Land 19452 Böheimkirchen Gemersdorf
9%
Waidhofen an der Thaya 21119 Waldkirchen an der Thaya Gilgenberg
9%
Hollabrunn 09017 Göllersdorf Göllersdorf
9%
Lilienfeld 19008 Hainfeld Gölsen
9%
Waidhofen an der Thaya 21122 Waidhofen an der Thaya Götzles
9%
Waidhofen an der Thaya 21123 Waidhofen an der Thaya-Land Götzweis
9%
Neunkirchen 23111 Grafenbach-St. Valentin Grafenbach
9%
Waidhofen an der Thaya 21124 Vitis Grafenschlag
9%
Zwettl 24224 Grafenschlag Grafenschlag
9%
Gmünd 07109 Haugschlag Griesbach
9%
Zwettl 24121 Groß Gerungs Griesbach
9%
Waidhofen an der Thaya 21071 Karlstein an der Thaya Griesbach bei Dobersberg
9%
Waidhofen an der Thaya 21126 Waidhofen an der Thaya-Land Griesbach bei Waidhofen
9%
Neunkirchen 23004 Grimmenstein Grimmenstein
9%
Gänserndorf 06304 Engelhartstetten Groißenbrunn
9%
Baden 04009 Bad Vöslau Großau
9%
Waidhofen an der Thaya 21012 Raabs an der Thaya Großau
9%
Zwettl 24122 Groß Gerungs Großgerungs
9%
Korneuburg 11123 Großmugl Großmugl
9%
Gmünd 07333 Großschönau Großschönau
9%
St. Pölten-Land 19577 Haunoldstein Großsierning
9%
Waidhofen an der Thaya 21130 Kautzen Großtaxen
9%
Tulln 20037 Großweikersdorf Großweikersdorf
9%
Gmünd 07019 Waldenstein Grünbach
9%
Zwettl 24126 Rappottenstein Grünbach
9%
Neunkirchen 23307 Grünbach am Schneeberg Grünbach am Schneeberg
9%
Hollabrunn 09023 Wullersdorf Grund
9%
Mödling 16110 Gumpoldskirchen Gumpoldskirchen
9%
Baden 04010 Günselsdorf Günselsdorf
9%
Hollabrunn 09024 Guntersdorf Guntersdorf
9%
St. Pölten-Land 19124 Herzogenburg Gutenbrunn
9%
Zwettl 24229 Gutenbrunn Gutenbrunn
9%
Wiener Neustadt-Land 23447 Gutenstein Gutenstein
9%
Gmünd 07138 Heidenreichstein Guttenbrunn
9%
Mistelbach 15112 Ottenthal Guttenbrunn
9%
Zwettl 24322 Zwettl-Niederösterreich Guttenbrunn
9%
Hollabrunn 18004 Hadres Hadres
9%
Mistelbach 13018 Laa an der Thaya Hanfthal
9%
Gmünd 07308 Moorbad Harbach Harbach
9%
Baden 04313 Hernstein Hernstein
9%
St. Pölten-Land 19480 Pyhra Heuberg
9%
Mödling 16113 Hinterbrühl Hinterbrühl
9%
Korneuburg 11115 Sierndorf Höbersdorf
9%
Mistelbach 15018 Wilfersdorf Hobersdorf
9%
Wiener Neustadt-Land 23413 Hochwolkersdorf Hochwolkersdorf
9%
Melk 14186 Emmersdorf an der Donau Hofamt
9%
Hollabrunn 09114 Hohenwarth-Mühlbach am Manhartsberg Hohenwarth
9%
Melk 14123 Dunkelsteinerwald Hohenwarth
9%
Waidhofen an der Thaya 21068 Karlstein an der Thaya Hohenwarth
9%
Waidhofen an der Thaya 21134 Waidhofen an der Thaya Hollenbach
9%
Gmünd 07216 Kirchberg am Walde Hollenstein
9%
Hollabrunn 09115 Ziersdorf Hollenstein
9%
Melk 14026 Hürm Hürm
9%
Melk 14215 Yspertal Isper
9%
Krems-Land 12019 Jaidhof Jaidhof
9%
St. Pölten-Land 19491 Böheimkirchen Jeutendorf
9%
Waidhofen an der Thaya 21141 Waidhofen an der Thaya-Land Kainraths
9%
Krems-Land 12213 Hadersdorf-Kammern Kammern
9%
Hollabrunn 09032 Nappersdorf-Kammersdorf Kammersdorf
9%
Melk 14407 St. Martin-Karlsbach Karlsbach
9%
Melk 14030 Kilb Kilb
9%
Amstetten 03214 St. Peter in der Au Kirnberg
9%
Melk 14031 Kirnberg an der Mank Kirnberg
9%
Bruck an der Leitha 05209 Klein-Neusiedl Klein-Neusiedl
9%
Melk 14125 Klein-Pöchlarn Kleinpöchlarn
9%
Mistelbach 15120 Drasenhofen Kleinschweinbarth
9%
Neunkirchen 23119 Reichenau an der Rax Klein- und Großau
9%
Waidhofen an der Thaya 21017 Raabs an der Thaya Kollmitzdörfl
9%
Gänserndorf 06210 Eckartsau Kopfstetten
9%
St. Pölten-Land 19501 Ober-Grafendorf Kotting
9%
Krems-Land 12022 Krumau am Kamp Krumau am Kamp
9%
Melk 14131 Krummnußbaum Krumnußbaum
9%
Melk 14219 Marbach an der Donau Krumnußbaum
9%
Horn 10117 Burgschleinitz-Kühnring Kühnring
9%
Tulln 20147 Tulln an der Donau Langenlebarn-Oberaigen
9%
Tulln 20148 Tulln an der Donau Langenlebarn-Unteraigen
9%
Tulln 20146 Langenrohr Langenrohr
9%
Wiener Neustadt-Land 23418 Lanzenkirchen Lanzenkirchen
9%
Korneuburg 11118 Leitzersdorf Leitzersdorf
9%
Krems-Land 12216 Lengenfeld Lengenfeld
9%
Krems-Land 12025 Lichtenau im Waldviertel Lichtenau
9%
Waidhofen an der Thaya 21020 Raabs an der Thaya Liebnitz
9%
Waidhofen an der Thaya 21021 Raabs an der Thaya Lindau
9%
Waidhofen an der Thaya 21023 Raabs an der Thaya Luden
9%
Hollabrunn 18007 Mailberg Mailberg
9%
Bruck an der Leitha 05211 Schwechat Mannswörth
9%
Gänserndorf 06308 Engelhartstetten Markthof
9%
Zwettl 24253 Martinsberg Martinsberg
9%
Waidhofen an der Thaya 21157 Waidhofen an der Thaya Matzles
9%
St. Pölten-Land 01903 Mauerbach Mauerbach
9%
Gänserndorf 06116 Zistersdorf Maustrenk
9%
St. Pölten-Land 19522 Böheimkirchen Mechters
9%
Waidhofen an der Thaya 21155 Windigsteig Meires
9%
Tulln 20149 Michelhausen Michelhausen
9%
Baden 04104 Mitterndorf an der Fischa Mitterndorf
9%
Krems-Land 12339 Maria Laach am Jauerling Mitterndorf
9%
Melk 14223 Nöchling Mitterndorf
9%
St. Pölten-Land 19527 Markersdorf-Haindorf Mitterndorf
9%
Tulln 20151 Michelhausen Mitterndorf
9%
Zwettl 24255 Martinsberg Mitterndorf
9%
Waidhofen an der Thaya 21025 Raabs an der Thaya Modsiedl
9%
Neunkirchen 23319 Neunkirchen Mollram
9%
Bruck an der Leitha 05213 Moosbrunn Moosbrunn
9%
Waidhofen an der Thaya 21026 Raabs an der Thaya Mostbach
9%
Melk 14332 Pöggstall Muckendorf
9%
Tulln 20156 Muckendorf-Wipfing Muckendorf
9%
Gmünd 07322 Bad Großpertholz Mühlbach
9%
Zwettl 24155 Groß Gerungs Mühlbach
9%
Hollabrunn 09121 Hohenwarth-Mühlbach am Manhartsberg Mühlbach am Manhartsberg
9%
Hollabrunn 09037 Nappersdorf-Kammersdorf Nappersdorf
9%
Neunkirchen 23320 Natschbach-Loipersbach Natschbach
9%
Waidhofen an der Thaya 21027 Raabs an der Thaya Neuriegers
9%
Gänserndorf 06124 Sulz im Weinviertel Niedersulz
9%
Krems-Land 12016 Lichtenau im Waldviertel Obergrünbach
9%
Waidhofen an der Thaya 21029 Karlstein an der Thaya Obergrünbach
9%
Waidhofen an der Thaya 21032 Raabs an der Thaya Oberpfaffendorf
9%
Mistelbach 15211 Wolkersdorf im Weinviertel Obersdorf
9%
St. Pölten-Land 19590 Pyhra Obertiefenbach
9%
Baden 04105 Oberwaltersdorf Oberwaltersdorf
9%
St. Pölten 19536 St. Pölten Ochsenburg
9%
Melk 14342 Pöggstall Öd
9%
Amstetten 03317 Opponitz Opponitz
9%
St. Pölten-Land 19148 Herzogenburg Ossarn
9%
Mistelbach 15121 Ottenthal Ottenthal
9%
Tulln 20024 Großriedenthal Ottenthal
9%
Neunkirchen 23128 Otterthal Otterthal
9%
Mistelbach 15034 Mistelbach Paasdorf
9%
St. Pölten-Land 19149 Kapelln Panzing und Miesting
9%
Hollabrunn 18009 Pernersdorf Peigarten
9%
Waidhofen an der Thaya 21164 Thaya Peigarten
9%
Horn 10047 Pernegg Pernegg
9%
Hollabrunn 18010 Pernersdorf Pernersdorf
9%
Baden 04023 Pfaffstätten Pfaffstätten
9%
Gänserndorf 06220 Eckartsau Pframa
9%
Mistelbach 15213 Pillichsdorf Pillichsdorf
9%
Melk 14346 Artstetten-Pöbring Pöbring
9%
Waidhofen an der Thaya 21036 Raabs an der Thaya Pommersdorf
9%
Baden 04321 Pottenstein Pottenstein
9%
Waidhofen an der Thaya 21037 Raabs an der Thaya Primmersdorf
9%
Gänserndorf 06221 Groß-Enzersdorf Probstdorf
9%
St. Pölten 19551 St. Pölten Pummersdorf
9%
Waidhofen an der Thaya 21039 Raabs an der Thaya Rabesreith
9%
Neunkirchen 23329 Ternitz Raglitz
9%
Scheibbs 22027 Randegg Randegg
9%
Zwettl 24171 Rappottenstein Rappottenstein
9%
St. Pölten-Land 19154 Kapelln Rassing
9%
Krems-Land 12042 Rastenfeld Rastenfeld
9%
Bruck an der Leitha 05218 Rauchenwarth Rauchenwarth
9%
Melk 14352 Raxendorf Raxendorf
9%
St. Pölten-Land 19562 Pyhra Reichgrüben
9%
Scheibbs 22028 Reinsberg Reinsberg
9%
Mistelbach 15126 Bernhardsthal Reinthal
9%
Mistelbach 15215 Pillichsdorf Reuhof
9%
Horn 10131 Röschitz Röschitz
9%
St. Pölten-Land 19159 Statzendorf Rottersdorf
9%
Waidhofen an der Thaya 21044 Ludweis-Aigen Sauggern
9%
Waidhofen an der Thaya 21045 Raabs an der Thaya Schaditz
9%
Neunkirchen 23338 Scheiblingkirchen-Thernberg Scheiblingkirchen
9%
St. Pölten-Land 19573 Böheimkirchen Schildberg
9%
Waidhofen an der Thaya 21046 Karlstein an der Thaya Schlader
9%
Zwettl 24053 Allentsteig Schlagles
9%
Melk 14162 Schönbühel-Aggsbach Schönbühel an der Donau
9%
Neunkirchen 23340 Schrattenbach Schrattenbach
9%
Hollabrunn 18126 Schrattenthal Schrattenthal
9%
St. Pölten-Land 19162 Obritzberg-Rust Schweinern
9%
Neunkirchen 23342 Seebenstein Seebenstein
9%
Hollabrunn 18013 Seefeld-Kadolz Seefeld
9%
Korneuburg 11135 Hausleiten Seitzersdorf-Wolfpassing
9%
Neunkirchen 23343 Ternitz Sieding
9%
Horn 10134 Sigmundsherberg Sigmundsherberg
9%
Wiener Neustadt-Land 23433 Sollenau Sollenau
9%
Amstetten 03324 Sonntagberg Sonntagberg
9%
Baden 04031 Sooß Sooß
9%
Melk 14068 Hürm Sooß
9%
Waidhofen an der Thaya 21050 Raabs an der Thaya Speisendorf
9%
Scheibbs 22136 St. Anton an der Jeßnitz St. Anton an der Jeßnitz
9%
Mistelbach 15128 Drasenhofen Steinebrunn
9%
Korneuburg 11141 Stetteldorf am Wagram Stetteldorf am Wagram
9%
Gänserndorf 06312 Engelhartstetten Stopfenreuth
9%
Amstetten 03121 St. Pantaleon-Erla St. Pantaleon
9%
Horn 10138 Straning-Grafenberg Straning
9%
Krems-Land 12135 Stratzing Stratzing
9%
Gänserndorf 06226 Haringsee Straudorf
9%
Gmünd 07233 Kirchberg am Walde Süßenbach
9%
Waidhofen an der Thaya 21051 Raabs an der Thaya Süssenbach
9%
Gänserndorf 06026 Weikendorf Tallesbrunn
9%
Baden 04040 Tattendorf Tattendorf
9%
Baden 04032 Teesdorf Teesdorf
9%
St. Pölten-Land 19181 Kapelln Thalheim
9%
Neunkirchen 23348 Scheiblingkirchen-Thernberg Thernberg
9%
Korneuburg 11039 Ernstbrunn Thomasl
9%
Waidhofen an der Thaya 21052 Karlstein an der Thaya Thuma
9%
Waidhofen an der Thaya 21053 Karlstein an der Thaya Thures
9%
Waidhofen an der Thaya 21054 Raabs an der Thaya Trabersdorf
9%
Bruck an der Leitha 05021 Trautmannsdorf an der Leitha Trautmannsdorf
9%
Horn 10236 Geras Trautmannsdorf
9%
Waidhofen an der Thaya 21055 Ludweis-Aigen Tröbings
9%
Baden 04112 Trumau Trumau
9%
Waidhofen an der Thaya 21190 Waidhofen an der Thaya Ulrichschlag
9%
Gmünd 07342 Unserfrau-Altweitra Unserfrau
9%
St. Pölten-Land 19460 Böheimkirchen Untergrafendorf
9%
Waidhofen an der Thaya 21056 Raabs an der Thaya Unterpertholz
9%
Waidhofen an der Thaya 21057 Raabs an der Thaya Unterpfaffendorf
9%
Waidhofen an der Thaya 21191 Waidhofen an der Thaya Vestenötting
9%
St. Pölten 19596 St. Pölten Völtendorf
9%
Waidhofen an der Thaya 21196 Waldkirchen an der Thaya Waldhers
9%
Neunkirchen 23352 Warth Warth
9%
Gmünd 07347 Bad Großpertholz Weikertschlag
9%
Waidhofen an der Thaya 21059 Raabs an der Thaya Weikertschlag
9%
Waidhofen an der Thaya 21060 Groß-Siegharts Weinern
9%
St. Pölten-Land 19610 Hafnerbach Weinzierl
9%
Scheibbs 22142 Wieselburg-Land Weinzierl
9%
Krems-Land 12139 Weinzierl am Walde Weinzierl am Walde
9%
Tulln 20192 Atzenbrugg Weinzierl bei Atzenbrugg
9%
Krems an der Donau 12138 Krems an der Donau Weinzierl bei Krems
9%
Tulln 20193 Sieghartskirchen Weinzierl bei Ollern
9%
St. Pölten-Land 19611 Böheimkirchen Weisching
9%
Amstetten 03224 Weistrach Weistrach
9%
Mistelbach 15131 Poysdorf Wetzelsdorf
9%
Waidhofen an der Thaya 21063 Groß-Siegharts Wienings
9%
Wiener Neustadt-Land 23444 Wiesmath Wiesmath
9%
Waidhofen an der Thaya 21064 Raabs an der Thaya Wilhelmshof
9%
Krems-Land 12366 Aggsbach Willendorf
9%
Neunkirchen 23354 Willendorf Willendorf
9%
Neunkirchen 23151 Wimpassing im Schwarzatale Wimpassing
9%
St. Pölten-Land 19624 Hafnerbach Wimpassing an der Pielach
9%
Amstetten 03046 Winklarn Winklarn
9%
Gänserndorf 06229 Eckartsau Witzelsdorf
9%
Scheibbs 22145 Wolfpassing Wolfpassing
9%
Tulln 20196 Zeiselmauer-Wolfpassing Wolfpassing
9%
Mistelbach 15223 Hochleithen Wolfpassing an der Hochleithen
9%
St. Pölten-Land 01909 Wolfsgraben Wolfsgraben
9%
St. Pölten-Land 19763 Brand-Laaben Wöllersdorf
9%
Wiener Neustadt-Land 23441 Wöllersdorf-Steinabrückl Wöllersdorf
9%
Tulln 20197 St. Andrä-Wördern Wördern
9%
Hollabrunn 09072 Wullersdorf Wullersdorf
9%
St. Pölten-Land 19179 Obritzberg-Rust Zagging
9%
Amstetten 03048 Zeillern Zeillern
9%
Melk 14174 Zelking-Matzleinsdorf Zelking
9%
Hollabrunn 18133 Zellerndorf Zellerndorf
9%
Waidhofen an der Thaya 21066 Raabs an der Thaya Zemmendorf
9%
Waidhofen an der Thaya 21067 Raabs an der Thaya Ziernreith
9%
Hollabrunn 09135 Ziersdorf Ziersdorf
9%
Wiener Neustadt-Land 23442 Zillingdorf Zillingdorf
9%
St. Pölten-Land 19101 Statzendorf Absdorf
6%
Tulln 20001 Absdorf Absdorf
6%
Gmünd 07001 Waldenstein Albrechts
6%
Krems-Land 12141 Albrechtsberg an der Großen Krems Albrechtsberg
6%
Melk 14103 Loosdorf Albrechtsberg
6%
Waidhofen an der Thaya 21101 Waidhofen an der Thaya Altwaidhofen
6%
Waidhofen an der Thaya 21102 Waidhofen an der Thaya Altwaidhofen Großer Wald
6%
Mistelbach 13057 Staatz Ameis
6%
Horn 10002 Brunn an der Wild Atzelsdorf
6%
Mistelbach 15002 Gaweinstal Atzelsdorf
6%
Tulln 20107 Michelhausen Atzelsdorf
6%
Zwettl 24203 Bärnkopf Bärnkopf
6%
Melk 14305 Pöggstall Bergern bei Pöggstall
6%
Melk 14106 Zelking-Matzleinsdorf Bergern-Maierhöfen
6%
Mödling 16103 Biedermannsdorf Biedermannsdorf
6%
Gänserndorf 06103 Zistersdorf Blumenthal
6%
Zwettl 24209 Grafenschlag Bromberg
6%
Mistelbach 15003 Wilfersdorf Bullendorf
6%
Waidhofen an der Thaya 21006 Ludweis-Aigen Drösiedl
6%
Zwettl 24011 Echsenbach Echsenbach
6%
Krems an der Donau 12106 Krems an der Donau Egelsee
6%
St. Pölten-Land 19433 Pyhra Egelsee
6%
Tulln 20118 Würmla Egelsee
6%
Mistelbach 13009 Gnadendorf Eichenbrunn
6%
Gänserndorf 06107 Zistersdorf Eichhorn
6%
Gmünd 07105 Eisgarn Eisgarn
6%
Melk 14180 Emmersdorf an der Donau Emmersdorf
6%
St. Pölten-Land 19711 Neulengbach Emmersdorf
6%
Baden 04307 Enzesfeld-Lindabrunn Enzesfeld
6%
Gänserndorf 06108 Sulz im Weinviertel Erdpreß
6%
Gänserndorf 06204 Groß-Enzersdorf Franzensdorf
6%
St. Pölten-Land 19115 Nußdorf ob der Traisen Franzhausen
6%
Mistelbach 15011 Mistelbach Frättingsdorf
6%
Gänserndorf 06109 Zistersdorf Gaiselberg
6%
St. Pölten-Land 19118 Traismauer Gemeinlebarn
6%
Waidhofen an der Thaya 21070 Karlstein an der Thaya Göpfritzschlag
6%
Gänserndorf 06110 Zistersdorf Gösting
6%
Horn 10111 Straning-Grafenberg Grafenberg
6%
Zwettl 24318 Großgöttfritz Großgöttfritz
6%
Gänserndorf 06113 Zistersdorf Großinzersdorf
6%
Gmünd 07324 Bad Großpertholz Großpertholz
6%
St. Pölten-Land 19123 Obritzberg-Rust Grünz
6%
Wiener Neustadt-Land 23202 Hochneukirchen-Gschaidt Gschaidt
6%
Mistelbach 13016 Fallbach Hagenberg
6%
Amstetten 03113 Haidershofen Haidershofen
6%
Krems-Land 12212 Langenlois Haindorf
6%
St. Pölten-Land 19470 Markersdorf-Haindorf Haindorf
6%
Korneuburg 11109 Niederhollabrunn Haselbach
6%
St. Pölten-Land 19127 Perschling Haselbach
6%
Zwettl 24129 Arbesbach Haselbach
6%
Hollabrunn 18005 Haugsdorf Haugsdorf
6%
Zwettl 24131 Rappottenstein Hausbach
6%
Zwettl 24024 Schwarzenau Hausbach
6%
St. Pölten-Land 19128 Wölbling Hausheim
6%
Waidhofen an der Thaya 21208 Vitis Heinreichs
6%
Zwettl 24132 Groß Gerungs Heinreichs
6%
Zwettl 24026 Pölla Heinreichs
6%
Gmünd 07311 Unserfrau-Altweitra Heinreichs bei Weitra
6%
Gmünd 07215 Hirschbach Hirschbach
6%
Baden 04312 Hirtenberg Hirtenberg
6%
Neunkirchen 23007 Grimmenstein Hochegg
6%
Melk 14214 Hofamt Priel Hofamt Priel
6%
Gmünd 07011 Hoheneich Hoheneich
6%
Wiener Neustadt-Land 23414 Matzendorf-Hölles Hölles
6%
Mistelbach 15020 Mistelbach Hörersdorf
6%
Gmünd 07114 Reingers Illmanns
6%
Waidhofen an der Thaya 21139 Vitis Jetzles
6%
Waidhofen an der Thaya 21140 Vitis Jetzleser Wald
6%
St. Pölten-Land 19134 Kapelln Katzenberg
6%
Mistelbach 15118 Poysdorf Ketzelsdorf
6%
Waidhofen an der Thaya 21150 Kautzen Kleintaxen
6%
Waidhofen an der Thaya 21016 Raabs an der Thaya Koggendorf
6%
Waidhofen an der Thaya 21018 Ludweis-Aigen Kollmitzgraben
6%
Korneuburg 11028 Enzersfeld im Weinviertel Königsbrunn
6%
Tulln 20020 Königsbrunn am Wagram Königsbrunn
6%
Tulln 20142 Königstetten Königstetten
6%
Baden 04016 Kottingbrunn Kottingbrunn
6%
Wiener Neustadt-Land 23206 Krumbach Krumbach
6%
Neunkirchen 23123 Payerbach Küb
6%
St. Pölten-Land 19733 Brand-Laaben Laaben
6%
Melk 14322 Münichreith-Laimbach Laimbach
6%
St. Pölten-Land 19139 Perschling Langmannersdorf
6%
Zwettl 24249 Grafenschlag Langschlag
6%
Zwettl 24149 Langschlag Langschlag
6%
Mödling 16117 Laxenburg Laxenburg
6%
Melk 14134 Leiben Leiben
6%
Waidhofen an der Thaya 21153 Dobersberg Lexnitz
6%
Wiener Neustadt-Land 23208 Lichtenegg Lichtenegg
6%
Baden 04315 Enzesfeld-Lindabrunn Lindabrunn
6%
Waidhofen an der Thaya 21022 Groß-Siegharts Loibes
6%
Gänserndorf 06115 Zistersdorf Loidesthal
6%
Neunkirchen 23317 Natschbach-Loipersbach Loipersbach
6%
Krems-Land 12333 Maria Laach am Jauerling Maria Laach am Jauerling
6%
Lilienfeld 19319 Lilienfeld Marktl
6%
Wiener Neustadt-Land 23422 Matzendorf-Hölles Matzendorf
6%
Waidhofen an der Thaya 21158 Windigsteig Matzlesschlag
6%
St. Pölten-Land 19520 Böheimkirchen Mauterheim
6%
Hollabrunn 18111 Hardegg Merkersdorf
6%
Korneuburg 11036 Ernstbrunn Merkersdorf
6%
Neunkirchen 23012 Mönichkirchen Mönichkirchen
6%
Wiener Neustadt-Land 23449 Muggendorf Muggendorf
6%
Krems-Land 12341 Mühldorf Mühldorf
6%
Mödling 16120 Münchendorf Münchendorf
6%
Waidhofen an der Thaya 21161 Thaya Niederedlitz
6%
Mistelbach 15210 Kreuzstetten Niederkreuzstetten
6%
Melk 14225 Nöchling Nöchling
6%
Waidhofen an der Thaya 21163 Thaya Oberedlitz
6%
Wiener Neustadt-Land 23426 Eggendorf Obereggendorf
6%
Zwettl 24355 Zwettl-Niederösterreich Oberhof
6%
Korneuburg 11037 Ernstbrunn Oberleis
6%
Mistelbach 13042 Stronsdorf Oberschoderlee
6%
Gänserndorf 06125 Sulz im Weinviertel Obersulz
6%
Mistelbach 15033 Asparn an der Zaya Olgersdorf
6%
Mistelbach 13034 Stronsdorf Patzmannsdorf
6%
Melk 14347 Pöggstall Pöggstall
6%
Krems-Land 12122 Senftenberg Priel
6%
Scheibbs 22124 Puchenstuben Puchenstuben
6%
Gänserndorf 06222 Raasdorf Pysdorf
6%
Hollabrunn 18136 Pulkau Rafing
6%
Waidhofen an der Thaya 21169 Windigsteig Rafings
6%
St. Pölten-Land 19561 Pyhra Reichenhag
6%
Zwettl 24365 Großgöttfritz Reichers
6%
St. Pölten-Land 19157 Nußdorf ob der Traisen Reichersdorf
6%
Gmünd 07330 Weitra Reinprechts
6%
Mistelbach 15216 Wolkersdorf im Weinviertel Riedenthal
6%
Mistelbach 13038 Gnadendorf Röhrabrunn
6%
Zwettl 24307 Zwettl-Niederösterreich Rosenau Dorf
6%
Zwettl 24374 Zwettl-Niederösterreich Rosenau Schloß
6%
Krems-Land 12167 Rossatz-Arnsdorf Rossatz
6%
Waidhofen an der Thaya 21176 Gastern Rueders
6%
Melk 14058 Ruprechtshofen Ruprechtshofen
6%
Korneuburg 11134 Hausleiten Schmida
6%
Zwettl 24276 Kirchschlag Schneeberg
6%
Zwettl 24278 Schönbach Schönbach
6%
Amstetten 03037 Wallsee-Sindelburg Schweinberg
6%
Horn 10245 Japons Schweinburg
6%
Waidhofen an der Thaya 21048 Ludweis-Aigen Seebs
6%
Krems-Land 12130 Senftenberg Senftenberg
6%
Hollabrunn 09052 Sitzendorf an der Schmida Sitzendorf
6%
Horn 10056 Irnfritz-Messern Sitzendorf
6%
Wiener Neustadt-Land 23210 Kirchschlag in der Buckligen Welt Stang
6%
St. Pölten 19588 St. Pölten Teufelhof
6%
St. Pölten-Land 19755 Kirchstetten Totzenbach
6%
Zwettl 24285 Bad Traunstein Traunstein
6%
Wiener Neustadt-Land 23437 Eggendorf Untereggendorf
6%
St. Pölten-Land 19595 Gerersdorf Völlerndorf
6%
Neunkirchen 23148 Bürg-Vöstenhof Vöstenhof
6%
Horn 10064 Brunn an der Wild Waiden
6%
Gänserndorf 06129 Dürnkrut Waidendorf
6%
Waidhofen an der Thaya 21195 Windigsteig Waldberg
6%
Wiener Neustadt-Land 23456 Waldegg Waldegg
6%
Gmünd 07015 Waldenstein Waldenstein
6%
Zwettl 24385 Waldhausen Waldhausen
6%
Mistelbach 13049 Staatz Waltersdorf
6%
Gänserndorf 06127 Drösing Waltersdorf an der March
6%
Mistelbach 15130 Poysdorf Walterskirchen
6%
Baden 04114 Pottendorf Wampersdorf
6%
Neunkirchen 23353 Wartmannstetten Wartmannstetten
6%
St. Pölten-Land 19169 Statzendorf Weidling
6%
Tulln 01706 Klosterneuburg Weidling
6%
Baden 04036 Baden Weikersdorf
6%
Wiener Neustadt-Land 23439 Weikersdorf am Steinfelde Weikersdorf
6%
Zwettl 24067 Göpfritz an der Wild Weinpolz
6%
Gmünd 07016 Großdietmanns Wielands
6%
Zwettl 24295 Grafenschlag Wielands
6%
Tulln 20195 Muckendorf-Wipfing Wipfing
6%
Gänserndorf 06228 Groß-Enzersdorf Wittau
6%
Tulln 20198 Würmla Würmla
6%
Waidhofen an der Thaya 21065 Raabs an der Thaya Zabenreith
6%
Tulln 20199 Zeiselmauer-Wolfpassing Zeiselmauer
6%
Mistelbach 13054 Neudorf im Weinviertel Zlabern
6%
Zwettl 24003 Göpfritz an der Wild Almosen
4%
Tulln 20003 Kirchberg am Wagram Altenwörth
4%
Zwettl 24104 Arbesbach Arbesbach
4%
St. Pölten-Land 19496 Böheimkirchen Außerkasten
4%
Amstetten 03302 Sonntagberg Böhlerwerk
4%
Zwettl 24304 Zwettl-Niederösterreich Bösenneunzehn
4%
Korneuburg 11101 Niederhollabrunn Bruderndorf
4%
Zwettl 24107 Langschlag Bruderndorf
4%
Hollabrunn 18102 Zellerndorf Dietmannsdorf
4%
Horn 10011 Brunn an der Wild Dietmannsdorf
4%
St. Pölten-Land 19422 Weinburg Dietmannsdorf
4%
St. Pölten-Land 19707 Kirchstetten Doppel
4%
St. Pölten-Land 19109 Obritzberg-Rust Doppel
4%
St. Pölten-Land 19423 Hafnerbach Doppel bei Rannersdorf
4%
Amstetten 03007 Amstetten Edla
4%
Mistelbach 15203 Großebersdorf Eibesbrunn
4%
Gmünd 07017 Großdietmanns Eichberg
4%
Neunkirchen 23107 Gloggnitz Eichberg
4%
St. Pölten-Land 19437 St. Margarethen an der Sierning Eigendorf
4%
Mistelbach 15107 Poysdorf Erdberg
4%
Mistelbach 13008 Staatz Ernsdorf
4%
Krems-Land 12207 Grafenegg Etsdorf
4%
Mistelbach 15109 Poysdorf Föllim
4%
Hollabrunn 09073 Sitzendorf an der Schmida Frauendorf
4%
St. Pölten-Land 19116 Traismauer Frauendorf
4%
Tulln 20011 Königsbrunn am Wagram Frauendorf
4%
Zwettl 24118 Groß Gerungs Frauendorf
4%
Wiener Neustadt-Land 23409 Lanzenkirchen Frohsdorf
4%
Korneuburg 11105 Hausleiten Gaisruck
4%
Bruck an der Leitha 05006 Trautmannsdorf an der Leitha Gallbrunn
4%
Zwettl 24017 Schwarzenau Ganz
4%
St. Pölten 19449 St. Pölten Ganzendorf
4%
Waidhofen an der Thaya 21117 Gastern Garolden
4%
Hollabrunn 09112 Heldenberg Glaubendorf
4%
Neunkirchen 23306 Scheiblingkirchen-Thernberg Gleißenfeld
4%
Neunkirchen 23110 Gloggnitz Graben
4%
Gmünd 07108 Reingers Grametten
4%
Tulln 20127 St. Andrä-Wördern Greifenstein
4%
Baden 04311 Hernstein Grillenberg
4%
Waidhofen an der Thaya 21127 Pfaffenschlag bei Waidhofen an der Thaya Großeberharts
4%
Hollabrunn 09119 Ziersdorf Großmeiseldorf
4%
Tulln 20025 Großriedenthal Großriedenthal
4%
St. Pölten-Land 19160 Obritzberg-Rust Großrust
4%
Tulln 01701 Klosterneuburg Gugging
4%
St. Pölten-Land 19182 Perschling Gunnersdorf
4%
Bruck an der Leitha 05206 Himberg Gutenhof
4%
Amstetten 03014 Viehdorf Hainstetten
4%
Gmünd 07309 St. Martin Harmannschlag
4%
Neunkirchen 23310 Warth Haßbach
4%
Mistelbach 15206 Kreuttal Hautzendorf
4%
Gänserndorf 06032 Deutsch-Wagram Helmahof
4%
Neunkirchen 23311 Würflach Hettmannsdorf
4%
Hollabrunn 09027 Wullersdorf Hetzmannsdorf
4%
Korneuburg 11003 Harmannsdorf Hetzmannsdorf
4%
St. Pölten-Land 19482 Pyhra Hinterholz
4%
Neunkirchen 23116 Reichenau an der Rax Hirschwang
4%
Neunkirchen 23117 Reichenau an der Rax Hirschwanger Forst
4%
St. Pölten-Land 19486 Gerersdorf Hofing
4%
Krems an der Donau 12158 Krems an der Donau Hollenburg
4%
Mistelbach 15022 Mistelbach Hüttendorf
4%
Waidhofen an der Thaya 21135 Kautzen Illmau
4%
Waidhofen an der Thaya 21137 Thaya Jarolden
4%
Gmünd 07315 Bad Großpertholz Karlstift
4%
Bruck an der Leitha 05208 Schwechat Kledering
4%
Waidhofen an der Thaya 21144 Waidhofen an der Thaya Kleineberharts
4%
Baden 04316 Altenmarkt an der Triesting Kleinmariazell
4%
Horn 10120 Meiseldorf Kleinmeiseldorf
4%
Waidhofen an der Thaya 21149 Windigsteig Kleinreichenbach
4%
St. Pölten-Land 19161 Obritzberg-Rust Kleinrust
4%
Amstetten 03019 Ardagger Kollmitzberg
4%
Waidhofen an der Thaya 21152 Windigsteig Kottschallings
4%
Amstetten 03213 Aschbach-Markt Krenstetten
4%
Tulln 01705 Klosterneuburg Kritzendorf
4%
St. Pölten-Land 19136 Statzendorf Kuffern
4%
Gmünd 07229 Schrems Kurzschwarza
4%
Gmünd 07228 Schrems Langschwarza
4%
Amstetten 03022 St. Georgen am Ybbsfelde Leutzmannsdorf
4%
Hollabrunn 09117 Maissau Limberg
4%
St. Pölten-Land 19511 Gerersdorf Loipersdorf
4%
St. Pölten-Land 19512 Pyhra Loitzenberg
4%
Hollabrunn 18110 Hardegg Mallersbach
4%
St. Pölten-Land 19517 St. Margarethen an der Sierning Margarethen
4%
Bruck an der Leitha 05013 Enzersdorf an der Fischa Margarethen am Moos
4%
Waidhofen an der Thaya 21156 Windigsteig Markl
4%
Melk 14141 Zelking-Matzleinsdorf Matzleinsdorf
4%
Krems-Land 12164 Paudorf Meidling
4%
Mistelbach 15027 Asparn an der Zaya Michelstetten
4%
Wiener Neustadt-Land 23448 Miesenbach Miesenbach
4%
St. Pölten-Land 19525 Markersdorf-Haindorf Mitterau
4%
Scheibbs 22020 Gaming Mitterau
4%
Amstetten 03217 Aschbach-Markt Mitterhausleiten
4%
Tulln 20155 Atzenbrugg Moosbierbaum
4%
Horn 10041 Horn Mühlfeld
4%
Scheibbs 22120 Wieselburg-Land Mühling
4%
Mistelbach 15209 Wolkersdorf im Weinviertel Münichsthal
4%
St. Pölten-Land 19183 Perschling Murstetten
4%
St. Pölten 19530 St. Pölten Nadelbach
4%
Baden 04318 Weißenbach an der Triesting Neuhaus
4%
Scheibbs 22022 Gaming Neuhaus
4%
Horn 10043 Brunn an der Wild Neukirchen
4%
Melk 14336 Pöggstall Neukirchen
4%
Neunkirchen 23014 Aspangberg-St. Peter Neuwald
4%
Gänserndorf 06118 Sulz im Weinviertel Nexing
4%
Gänserndorf 06216 Groß-Enzersdorf Oberhausen
4%
Horn 10216 Weitersfeld Oberhöflein
4%
Neunkirchen 23325 Höflein an der Hohen Wand Oberhöflein
4%
Mistelbach 15225 Kreuzstetten Oberkreuzstetten
4%
Bruck an der Leitha 05215 Lanzendorf Oberlanzendorf
4%
Korneuburg 11120 Sierndorf Obermallebarn
4%
Wiener Neustadt-Land 23427 Waldegg Oberpiesting
4%
Tulln 20160 Sieghartskirchen Ollern
4%
Bruck an der Leitha 05014 Rohrau Pachfurth
4%
Neunkirchen 23130 Grafenbach-St. Valentin Penk
4%
Melk 14150 Dunkelsteinerwald Pfaffing
4%
St. Pölten-Land 19542 Hafnerbach Pfaffing
4%
St. Pölten-Land 19151 Obritzberg-Rust Pfaffing
4%
Krems-Land 12222 Schönberg am Kamp Plank am Kamp
4%
Baden 04322 Hernstein Pöllau
4%
Amstetten 03031 Amstetten Preinsbach
4%
Gmünd 07223 Schrems Pürbach
4%
Mistelbach 15036 Ladendorf Pürstendorf
4%
Waidhofen an der Thaya 21172 Dobersberg Reibers
4%
Waidhofen an der Thaya 21173 Kautzen Reinberg-Dobersberg
4%
Gmünd 07124 Eggern Reinberg-Heidenreichstein
4%
Gmünd 07125 Eggern Reinberg-Litschau
4%
Melk 14056 Ruprechtshofen Riegers
4%
Waidhofen an der Thaya 21175 Dobersberg Riegers
4%
Zwettl 24049 Pölla Riegers
4%
Waidhofen an der Thaya 21177 Waldkirchen an der Thaya Rudolz
4%
Gänserndorf 06224 Groß-Enzersdorf Rutzendorf
4%
Gmünd 07130 Litschau Saaß
4%
Zwettl 24273 Sallingberg Sallingberg
4%
St. Pölten-Land 19569 Hafnerbach Sasendorf
4%
Gmünd 07332 Unserfrau-Altweitra Schagges
4%
Melk 14160 Schollach Schallaburg
4%
Krems-Land 12226 Langenlois Schiltern
4%
Neunkirchen 23339 Seebenstein Schiltern
4%
Mistelbach 15037 Asparn an der Zaya Schletz
4%
Hollabrunn 09049 Grabern Schöngrabern
4%
Lilienfeld 19326 Lilienfeld Schrambach
4%
Zwettl 24376 Schweiggers Schweiggers
4%
Waidhofen an der Thaya 21049 Groß-Siegharts Sieghartsles
4%
Hollabrunn 09054 Hollabrunn Sonnberg
4%
St. Pölten-Land 19584 Kasten bei Böheimkirchen Steinabruck
4%
Wiener Neustadt-Land 23434 Wöllersdorf-Steinabrückl Steinabrückl
4%
Melk 14060 Texingtal St. Gotthard
4%
Wiener Neustadt-Land 23435 Hohe Wand Stollhof
4%
Mistelbach 15129 Drasenhofen Stützenhofen
4%
Krems an der Donau 12172 Krems an der Donau Thallern
4%
Tulln 20185 Sitzenberg-Reidling Thallern
4%
Tulln 20186 Atzenbrugg Trasdorf
4%
Amstetten 03042 Amstetten Ulmerfeld
4%
Wiener Neustadt-Land 23211 Kirchschlag in der Buckligen Welt Ungerbach
4%
Mistelbach 13048 Laa an der Thaya Ungerndorf
4%
Bruck an der Leitha 05221 Lanzendorf Unterlanzendorf
4%
Korneuburg 11121 Sierndorf Untermallebarn
4%
Mistelbach 13043 Stronsdorf Unterschoderlee
4%
Baden 04113 Ebreichsdorf Unterwaltersdorf
4%
Neunkirchen 23351 St. Egyden am Steinfeld Urschendorf
4%
St. Pölten-Land 19759 Kirchstetten Waasen
4%
St. Pölten-Land 19597 Weinburg Waasen
4%
Scheibbs 22140 Oberndorf an der Melk Waasen
4%
Wiener Neustadt-Land 23455 Waidmannsfeld Waidmannsfeld
4%
Wiener Neustadt-Land 23438 Walpersbach Walpersbach
4%
Horn 10141 Straning-Grafenberg Wartberg
4%
Tulln 01707 Klosterneuburg Weidlingbach
4%
St. Pölten-Land 19173 Herzogenburg Wielandsthal
4%
Bruck an der Leitha 05115 Scharndorf Wildungsmauer
4%
Gänserndorf 06102 Zistersdorf Windisch Baumgarten
4%
St. Pölten-Land 19185 Perschling Winkling
4%
Wiener Neustadt-Land 23440 Winzendorf-Muthmannsdorf Winzendorf
4%
St. Pölten 19628 St. Pölten Wolfenberg
4%
Tulln 20101 Sieghartskirchen Abstetten
2%
Krems-Land 12201 Schönberg am Kamp Altenhof
2%
Gmünd 07101 Heidenreichstein Altmanns
2%
Mistelbach 15043 Asparn an der Zaya Altmanns
2%
St. Pölten 19404 St. Pölten Altmannsdorf
2%
Zwettl 24004 Pölla Altpölla
2%
Mistelbach 15103 Poysdorf Altruppersdorf
2%
Krems-Land 12137 Gedersdorf Altweidling
2%
Horn 10101 Burgschleinitz-Kühnring Amelsdorf
2%
Gmünd 07302 Bad Großpertholz Angelbach
2%
Lilienfeld 19302 Annaberg Annarotte
2%
Zwettl 24301 Zwettl-Niederösterreich Annatsberg
2%
Zwettl 24201 Sallingberg Armschlag
2%
Melk 14003 Hürm Atzing
2%
St. Pölten-Land 19406 Pyhra Auern
2%
Scheibbs 22102 Steinakirchen am Forst Außerochsenbach
2%
St. Pölten-Land 19407 Ober-Grafendorf Badendorf
2%
Hollabrunn 09004 Göllersdorf Bergau
2%
Amstetten 03006 Neustadtl an der Donau Berghof
2%
Melk 14107 Schönbühel-Aggsbach Berging
2%
Tulln 20006 Königsbrunn am Wagram Bierbaum am Kleebigl
2%
St. Pölten-Land 19411 Pyhra Blindorf
2%
Mistelbach 15202 Hochleithen Bogenneusiedl
2%
Zwettl 24303 Zwettl-Niederösterreich Böhmhöf
2%
St. Pölten-Land 19414 Kasten bei Böheimkirchen Braunsberg
2%
Horn 10004 Horn Breiteneich
2%
Zwettl 24006 Göpfritz an der Wild Breitenfeld
2%
Hollabrunn 09006 Hollabrunn Breitenwaida
2%
Amstetten 03206 Wolfsbach Bubendorf
2%
Horn 10006 Gars am Kamp Buchberg
2%
Scheibbs 22005 Reinsberg Buchberg
2%
Krems-Land 12202 Schönberg am Kamp Buchberger Waldhütten
2%
Horn 10007 Altenburg Burgerwiesen
2%
Horn 10105 Burgschleinitz-Kühnring Buttendorf
2%
Tulln 20112 Tulbing Chorherrn
2%
Hollabrunn 09007 Hollabrunn Dietersdorf
2%
Tulln 20114 Sieghartskirchen Dietersdorf
2%
Krems-Land 12003 Krumau am Kamp Dobra
2%
Zwettl 24009 Pölla Dobra
2%
St. Pölten-Land 19424 Böheimkirchen Dorfern
2%
Mödling 16106 Wienerwald Dornbach
2%
Wiener Neustadt-Land 23404 Markt Piesting Dreistetten
2%
Krems-Land 12104 Droß Droßeramt
2%
Wiener Neustadt-Land 23445 Waldegg Dürnbach
2%
St. Pölten-Land 19428 Böheimkirchen Dürnhag
2%
Krems-Land 12004 Lichtenau im Waldviertel Ebergersch
2%
Amstetten 03107 Haag Edelhof
2%
Zwettl 24308 Zwettl-Niederösterreich Edelhof
2%
St. Pölten-Land 19435 Gerersdorf Eggsdorf
2%
Gmünd 07005 Großdietmanns Ehrendorf
2%
St. Pölten-Land 19111 Herzogenburg Einöd
2%
Krems-Land 12005 Krumau am Kamp Eisenberg
2%
Krems-Land 12006 Jaidhof Eisenbergeramt
2%
Krems-Land 12008 Jaidhof Eisengraberamt
2%
Krems-Land 12177 Albrechtsberg an der Großen Krems Els
2%
Krems-Land 12205 Straß im Straßertale Elsarn
2%
Krems-Land 12307 Mühldorf Elsarn am Jauerling
2%
Zwettl 24310 Zwettl-Niederösterreich Eschabruck
2%
Horn 10015 Gars am Kamp Etzmannsdorf am Kamp
2%
Horn 10108 Straning-Grafenberg Etzmannsdorf bei Straning
2%
Scheibbs 22108 Purgstall an der Erlauf Feichsen
2%
Wiener Neustadt-Land 23446 Pernitz Feichtenbach
2%
St. Pölten-Land 19442 St. Margarethen an der Sierning Feilendorf
2%
Horn 10016 Röhrenbach Feinfeld
2%
Melk 14011 Texingtal Fischbach
2%
Zwettl 24394 Zwettl-Niederösterreich Flachau
2%
Neunkirchen 23304 Ternitz Flatz
2%
Krems-Land 12209 Schönberg am Kamp Freischling
2%
Zwettl 24312 Zwettl-Niederösterreich Friedersbach
2%
Krems-Land 12312 Maria Laach am Jauerling Friedersdorf
2%
St. Pölten-Land 19117 Obritzberg-Rust Fugging
2%
Horn 10019 Altenburg Fuglau
2%
Korneuburg 11104 Großmugl Füllersdorf
2%
Baden 04310 Weißenbach an der Triesting Gadenweith
2%
Baden 04005 Bad Vöslau Gainfarn
2%
Melk 14113 Dunkelsteinerwald Gansbach
2%
St. Pölten-Land 19450 Ober-Grafendorf Gasten
2%
Korneuburg 11106 Großmugl Geitzendorf
2%
Bruck an der Leitha 05007 Rohrau Gerhaus
2%
Melk 14114 Dunkelsteinerwald Gerolding
2%
Melk 14115 Dunkelsteinerwald Geroldinger Wald
2%
Zwettl 24019 Echsenbach Gerweis
2%
Krems-Land 12013 Gföhl Gföhleramt
2%
Mistelbach 15110 Großkrut Ginzersdorf
2%
Korneuburg 11107 Großmugl Glasweiner Wald
2%
Krems an der Donau 12109 Krems an der Donau Gneixendorf
2%
Krems-Land 12210 Langenlois Gobelsburg
2%
Horn 10022 Röhrenbach Gobelsdorf
2%
St. Pölten-Land 19456 Wilhelmsburg Göblasbruck
2%
Korneuburg 11108 Hausleiten Goldgeben
2%
Waidhofen an der Thaya 21121 Dobersberg Goschenreith
2%
Waidhofen an der Thaya 21011 Karlstein an der Thaya Goschenreith
2%
Melk 14183 Emmersdorf an der Donau Gossam
2%
Horn 10023 Röhrenbach Greillenstein
2%
Baden 04008 Alland Groisbach
2%
Krems-Land 12317 Aggsbach Groisbach
2%
Hollabrunn 18003 Seefeld-Kadolz Großkadolz
2%
Gmünd 07121 Eisgarn Großradischen
2%
Zwettl 24396 Schweiggers Großreichenbach
2%
Hollabrunn 09056 Göllersdorf Großstelzendorf
2%
Krems-Land 12014 Gföhl Grottendorf
2%
Neunkirchen 23006 Feistritz am Wechsel Grottendorf
2%
Horn 10025 St. Bernhard-Frauenhofen Grünberg
2%
Krems-Land 12234 Grafenegg Grunddorf
2%
St. Pölten-Land 19122 Perschling Grunddorf
2%
Zwettl 24298 Kottes-Purk Gschwendt
2%
Zwettl 24321 Zwettl-Niederösterreich Gschwendt
2%
Amstetten 03111 Haag Gstetten
2%
Tulln 20203 Würmla Gumperding
2%
Neunkirchen 23309 Wartmannstetten Hafning
2%
Mistelbach 13017 Fallbach Hagendorf
2%
Krems-Land 12235 Grafenegg Haitzendorf
2%
Horn 10212 Geras Harth
2%
Wiener Neustadt-Land 23412 Ebenfurth Haschendorf
2%
Horn 10026 Irnfritz-Messern Haselberg
2%
Zwettl 24230 Bad Traunstein Haselberg
2%
Korneuburg 11110 Leitzersdorf Hatzenbach
2%
Amstetten 03015 Amstetten Hausmening
2%
Amstetten 03016 St. Georgen am Ybbsfelde Hermannsdorf
2%
Korneuburg 11114 Großmugl Herzogbirbaum
2%
St. Pölten-Land 19131 Traismauer Hilpersdorf
2%
St. Pölten-Land 19481 Böheimkirchen Hinterberg
2%
Tulln 20132 St. Andrä-Wördern Hintersdorf
2%
Korneuburg 11004 Großrußbach Hipples
2%
Gmünd 07312 Moorbad Harbach Hirschenwies
2%
Mistelbach 15019 Gaweinstal Höbersbrunn
2%
Amstetten 03115 St. Valentin Hofkirchen
2%
Bruck an der Leitha 05023 Rohrau Hollern
2%
Gmünd 07018 Großdietmanns Hörmanns
2%
Gmünd 07113 Litschau Hörmanns
2%
Zwettl 24325 Zwettl-Niederösterreich Hörmanns
2%
Horn 10217 Geras Hötzelsdorf
2%
Melk 14124 Schönbühel-Aggsbach Hub
2%
Scheibbs 22116 Oberndorf an der Melk Hub
2%
Zwettl 24234 Bad Traunstein Hummelberg Amt
2%
St. Pölten-Land 19489 Kasten bei Böheimkirchen Hummelberg bei Kasten
2%
St. Pölten-Land 19490 Pyhra Hummelberg bei Pyhra
2%
Amstetten 03018 Wallsee-Sindelburg Igelschwang
2%
Amstetten 03027 Ferschnitz Innerochsenbach
2%
Waidhofen an der Thaya 21138 Vitis Jaudling
2%
Tulln 20016 Grafenwörth Jettsdorf
2%
Krems-Land 12236 Grafenegg Kamp
2%
Zwettl 24136 Arbesbach Kamp
2%
Korneuburg 01709 Gerasdorf bei Wien Kapellerfeld
2%
Korneuburg 11005 Großrußbach Karnabrunn
2%
Melk 14029 Kilb Kettenreith
2%
Mistelbach 15023 Mistelbach Kettlasbrunn
2%
Tulln 01703 Klosterneuburg Kierling
2%
Neunkirchen 23313 Warth Kirchau
2%
Tulln 20140 St. Andrä-Wördern Kirchbach
2%
Zwettl 24139 Rappottenstein Kirchbach
2%
St. Pölten-Land 19731 Brand-Laaben Klamm
2%
St. Pölten-Land 19498 Weinburg Klangen
2%
Hollabrunn 09034 Hollabrunn Kleedorf
2%
Korneuburg 11027 Bisamberg Kleinengersdorf
2%
Baden 04314 Hernstein Kleinfeld
2%
Mistelbach 15119 Poysdorf Kleinhadersdorf
2%
Hollabrunn 09030 Hollabrunn Kleinkadolz
2%
Zwettl 24331 Zwettl-Niederösterreich Kleinotten
2%
Gmünd 07122 Eisgarn Kleinradischen
2%
St. Pölten-Land 19578 St. Margarethen an der Sierning Kleinsierning
2%
Hollabrunn 09067 Nappersdorf-Kammersdorf Kleinweikersdorf
2%
Korneuburg 11146 Leitzersdorf Kleinwilfersdorf
2%
Wiener Neustadt-Land 23416 Lanzenkirchen Kleinwolkersdorf
2%
Waidhofen an der Thaya 21151 Gastern Kleinzwettl
2%
Zwettl 24335 Zwettl-Niederösterreich Koblhof
2%
Scheibbs 22015 Göstling an der Ybbs Königsberg
2%
Zwettl 24337 Zwettl-Niederösterreich Koppenzeil
2%
Horn 10219 Geras Kottaun
2%
Melk 14409 Blindenmarkt Kottingburgstall
2%
Mistelbach 13030 Laa an der Thaya Kottingneusiedl
2%
Horn 10030 Gars am Kamp Kotzendorf
2%
St. Pölten-Land 19502 Wilhelmsburg Kreisbach
2%
Neunkirchen 23122 Payerbach Kreuzberg
2%
Amstetten 03312 Allhartsberg Kröllendorf
2%
Mistelbach 15207 Ulrichskirchen-Schleinbach Kronberg
2%
St. Pölten-Land 19504 Kasten bei Böheimkirchen Kronberg
2%
Neunkirchen 23314 Warth Kulm
2%
Scheibbs 22016 Gaming Lackenhof
2%
Baden 04103 Pottendorf Landegg
2%
Gmünd 07220 Schrems Langegg
2%
Gmünd 07316 St. Martin Langfeld
2%
Gmünd 07317 Moorbad Harbach Lauterbach
2%
St. Pölten-Land 19508 Karlstetten Lauterbach
2%
Baden 04017 Baden Leesdorf
2%
Melk 14133 Leiben Lehen
2%
Neunkirchen 23010 Kirchberg am Wechsel Lehen
2%
Scheibbs 22117 Oberndorf an der Melk Lehen bei Oberndorf
2%
Lilienfeld 19317 Türnitz Lehenrotte
2%
Wiener Neustadt-Land 23207 Kirchschlag in der Buckligen Welt Lembach
2%
Zwettl 24151 Rappottenstein Lembach
2%
Waidhofen an der Thaya 21019 Ludweis-Aigen Liebenberg
2%
Amstetten 03119 Strengberg Limbach
2%
Zwettl 24339 Schweiggers Limbach
2%
Neunkirchen 23316 Natschbach-Loipersbach Lindgrub
2%
Horn 10033 Pernegg Ludweishofen
2%
Horn 10036 Gars am Kamp Maiersch
2%
Wiener Neustadt-Land 23421 Hohe Wand Maiersdorf
2%
Korneuburg 11040 Ernstbrunn Maisbirbaum
2%
Mistelbach 15208 Großebersdorf Manhartsbrunn
2%
Mistelbach 15044 Gaweinstal Martinsdorf
2%
St. Pölten 19519 St. Pölten Matzersdorf
2%
Lilienfeld 19023 St. Veit an der Gölsen Mayerhöfen
2%
Melk 14039 Kirnberg an der Mank Mayerhöfen
2%
Melk 14379 Münichreith-Laimbach Mayerhofen
2%
St. Pölten-Land 19521 Michelbach Mayerhöfen
2%
Zwettl 24343 Zwettl-Niederösterreich Mayerhöfen
2%
Baden 04019 Alland Mayerling
2%
Krems-Land 12174 Senftenberg Meislingeramt
2%
Baden 04020 Baden Mitterberg
2%
Hollabrunn 18112 Retzbach Mitterretzbach
2%
Horn 10038 Horn Mödring
2%
Korneuburg 11009 Harmannsdorf Mollmannsdorf
2%
Neunkirchen 23011 Kirchberg am Wechsel Molzegg
2%
Zwettl 24257 Sallingberg Moniholz
2%
Gmünd 07119 Heidenreichstein Motten
2%
Krems-Land 12035 Rastenfeld Mottingeramt
2%
Gänserndorf 06215 Groß-Enzersdorf Mühlleiten
2%
Wiener Neustadt-Land 23423 Winzendorf-Muthmannsdorf Muthmannsdorf
2%
Zwettl 24348 Zwettl-Niederösterreich Negers
2%
Tulln 20157 Tulln an der Donau Neuaigen
2%
Horn 10042 Röhrenbach Neubau
2%
Krems-Land 12036 Gföhl Neubau
2%
Mistelbach 15029 Ladendorf Neubau
2%
Zwettl 24042 Pölla Neupölla
2%
Mistelbach 13041 Wildendürnbach Neuruppersdorf
2%
Korneuburg 11103 Niederhollabrunn Niederfellabrunn
2%
Korneuburg 11139 Rußbach Niederrußbach
2%
Gmünd 07013 Hoheneich Nondorf
2%
Zwettl 24044 Pölla Nondorf
2%
Horn 10045 Gars am Kamp Nondorf bei Gars
2%
Baden 04320 Altenmarkt an der Triesting Nöstach
2%
Korneuburg 11124 Großmugl Nursch
2%
St. Pölten-Land 19534 Pyhra Nützling
2%
Korneuburg 11002 Harmannsdorf Obergänserndorf
2%
Hollabrunn 09021 Göllersdorf Obergrub
2%
St. Pölten-Land 19466 Pyhra Obergrub
2%
Gmünd 07318 Unserfrau-Altweitra Oberlembach
2%
St. Pölten-Land 19184 Perschling Obermoos
2%
Hollabrunn 18116 Retz Obernalb
2%
Korneuburg 11125 Sierndorf Oberolberndorf
2%
Hollabrunn 18117 Retzbach Oberretzbach
2%
Korneuburg 11132 Rußbach Oberrußbach
2%
Krems-Land 12052 St. Leonhard am Hornerwald Obertautendorferamt
2%
St. Pölten-Land 19740 Kirchstetten Oberwolfsbach
2%
Korneuburg 11150 Stockerau Oberzögersdorf
2%
Waidhofen an der Thaya 21034 Ludweis-Aigen Oedt an der Wild
2%
Baden 04022 Traiskirchen Oeynhausen
2%
Hollabrunn 09122 Hohenwarth-Mühlbach am Manhartsberg Olbersdorf
2%
Amstetten 03120 Strengberg Ottendorf
2%
Korneuburg 11126 Großmugl Ottendorf
2%
St. Pölten-Land 19743 Kirchstetten Paltram
2%
Neunkirchen 23326 Neunkirchen Peisching
2%
Wiener Neustadt-Land 23452 Waldegg Peisching
2%
Scheibbs 22024 Randegg Perwarth
2%
St. Pölten-Land 19744 Neulengbach Pettenau
2%
Korneuburg 11129 Hausleiten Pettendorf
2%
Melk 14345 Raxendorf Pfaffenhof
2%
Lilienfeld 19024 St. Veit an der Gölsen Pfenningbach
2%
Melk 14151 Melk Pielach
2%
Melk 14048 Texingtal Plankenstein
2%
Hollabrunn 18119 Zellerndorf Platt
2%
Hollabrunn 18120 Hardegg Pleißsing
2%
Waidhofen an der Thaya 21166 Kautzen Plessberg
2%
Zwettl 24264 Kirchschlag Plessberg
2%
St. Pölten-Land 19152 Kapelln Pönning
2%
Hollabrunn 09040 Göllersdorf Porrau
2%
Krems-Land 12039 Krumau am Kamp Preinreichs
2%
Zwettl 24167 Groß Gerungs Preinreichs
2%
Mistelbach 15214 Großebersdorf Putzing
2%
Gmünd 07325 Unserfrau-Altweitra Pyhrabruck
2%
Scheibbs 22126 Wang Pyhrafeld
2%
Zwettl 24267 Sallingberg Rabenhof
2%
St. Pölten-Land 19155 Kapelln Rapoltendorf
2%
Bruck an der Leitha 05111 Scharndorf Regelsbrunn
2%
Gmünd 07022 Großdietmanns Reinpolz
2%
Horn 10128 Burgschleinitz-Kühnring Reinprechtspölla
2%
St. Pölten 19557 St. Pölten Reitzersdorf
2%
St. Pölten-Land 19564 Ober-Grafendorf Reitzing
2%
Hollabrunn 18124 Hardegg Riegersburg
2%
Waidhofen an der Ybbs 03320 Waidhofen an der Ybbs Rien
2%
Korneuburg 11130 Großmugl Ringendorf
2%
St. Pölten-Land 19566 Ober-Grafendorf Ritzersdorf
2%
Horn 10143 Sigmundsherberg Rodingersdorf
2%
Scheibbs 22128 Purgstall an der Erlauf Rogatsboden
2%
Hollabrunn 09046 Sitzendorf an der Schmida Roseldorf
2%
Korneuburg 11131 Großmugl Roseldorf
2%
Gmünd 07129 Haugschlag Rottal
2%
Korneuburg 11013 Harmannsdorf Rückersdorf
2%
Zwettl 24371 Zwettl-Niederösterreich Rudmanns
2%
St. Pölten-Land 19568 Gerersdorf Salau
2%
Bruck an der Leitha 05018 Trautmannsdorf an der Leitha Sarasdorf
2%
Neunkirchen 23336 St. Egyden am Steinfeld Saubersdorf
2%
Neunkirchen 23017 Thomasberg Sauerbüchl
2%
Lilienfeld 19032 Hainfeld Saugraben
2%
Neunkirchen 23337 Pitten Sautern
2%
St. Pölten-Land 19571 Karlstetten Schaubing
2%
St. Pölten-Land 19572 Pyhra Schauching
2%
Krems-Land 12046 Jaidhof Schiltingeramt
2%
Neunkirchen 23140 Payerbach Schmidsdorf
2%
St. Pölten-Land 19574 Pyhra Schnabling
2%
Bruck an der Leitha 05113 Prellenkirchen Schönabrunn
2%
Amstetten 03036 Amstetten Schönbichl
2%
Zwettl 24176 Groß Gerungs Schönbichl
2%
Hollabrunn 09048 Göllersdorf Schönborn
2%
Neunkirchen 23141 Altendorf Schönstadl
2%
Waidhofen an der Thaya 21182 Dobersberg Schuppertholz
2%
Amstetten 03322 Ybbsitz Schwarzenberg
2%
Waidhofen an der Thaya 21183 Pfaffenschlag bei Waidhofen an der Thaya Schwarzenberg
2%
Baden 04323 Weißenbach an der Triesting Schwarzensee
2%
Korneuburg 11136 Sierndorf Senning
2%
St. Pölten-Land 19748 Kirchstetten Senning
2%
St. Pölten-Land 19749 Kirchstetten Sichelbach
2%
Korneuburg 11017 Ernstbrunn Simonsfeld
2%
Neunkirchen 23143 Raach am Hochgebirge Sonnleiten
2%
St. Pölten-Land 19579 Stössing Sonnleiten
2%
Melk 14067 Texingtal Sonnleithen
2%
Lilienfeld 19327 Lilienfeld Stangenthal
2%
Korneuburg 11139 Stetteldorf am Wagram Starnwörth
2%
St. Pölten-Land 19747 Neulengbach St. Christophen
2%
Korneuburg 11140 Großmugl Steinabrunn
2%
Gmünd 07338 Bad Großpertholz Steinbach
2%
Gmünd 07231 Brand-Nagelberg Steinbach
2%
Korneuburg 11038 Ernstbrunn Steinbach
2%
Melk 14356 Raxendorf Steinbach
2%
Zwettl 24059 Allentsteig Steinbach
2%
Horn 10059 Altenburg Steinegg
2%
Melk 14071 Texingtal Steingrub
2%
Krems-Land 12228 Schönberg am Kamp Stiefern
2%
Bruck an der Leitha 05020 Trautmannsdorf an der Leitha Stixneusiedl
2%
Horn 10035 Brunn an der Wild St. Marein
2%
Horn 10136 Meiseldorf Stockern
2%
St. Pölten-Land 19164 Traismauer Stollhofen
2%
Korneuburg 11152 Rußbach Stranzendorf
2%
Gänserndorf 06024 Strasshof an der Nordbahn Straßerfeld
2%
Mistelbach 15218 Kreuzstetten Streifing
2%
Korneuburg 11143 Niederhollabrunn Streitdorf
2%
Neunkirchen 23144 Gloggnitz Stuppach
2%
St. Pölten-Land 19753 Neulengbach Tausendblum
2%
Tulln 20184 Atzenbrugg Tautendorf
2%
Horn 10074 Gars am Kamp Tautendorf bei Gars
2%
Horn 10061 Röhrenbach Tautendorf bei Röhrenbach
2%
Krems-Land 12136 Gedersdorf Theiß
2%
Baden 04325 Altenmarkt an der Triesting Thenneberg
2%
Horn 10062 Gars am Kamp Thunau am Kamp
2%
Mistelbach 15219 Hochleithen Traunfeld
2%
Baden 04034 Traiskirchen Tribuswinkel
2%
St. Pölten-Land 19756 Neulengbach Umsee
2%
Hollabrunn 09022 Göllersdorf Untergrub
2%
Neunkirchen 23350 Höflein an der Hohen Wand Unterhöflein
2%
Gmünd 07023 Großdietmanns Unterlembach
2%
Hollabrunn 18014 Hadres Untermarkersdorf
2%
Hollabrunn 18128 Retz Unternalb
2%
Mistelbach 15221 Kreuttal Unterolberndorf
2%
Zwettl 24380 Zwettl-Niederösterreich Unterrabenthan
2%
Hollabrunn 18129 Retzbach Unterretzbach
2%
Zwettl 24381 Zwettl-Niederösterreich Unterrosenauerwaldhäuser
2%
Krems-Land 12058 St. Leonhard am Hornerwald Untertautendorferamt
2%
St. Pölten-Land 19591 Böheimkirchen Untertiefenbach
2%
St. Pölten-Land 19758 Neulengbach Unterwolfsbach
2%
Korneuburg 11151 Stockerau Unterzögersdorf
2%
St. Pölten-Land 19593 Prinzersdorf Uttendorf
2%
Hollabrunn 09064 Göllersdorf Viendorf
2%
Hollabrunn 09065 Göllersdorf Viendorf Weingebirge
2%
Zwettl 24399 Schweiggers Vierlings
2%
Hollabrunn 18130 Schrattenthal Waitzendorf
2%
St. Pölten 19600 St. Pölten Waitzendorf
2%
Zwettl 24384 Zwettl-Niederösterreich Waldhams
2%
Waidhofen an der Thaya 21058 Groß-Siegharts Waldreichs
2%
Zwettl 24065 Pölla Waldreichs
2%
St. Pölten-Land 19167 Inzersdorf-Getzersdorf Walpersdorf
2%
Zwettl 24290 Martinsberg Walpersdorf
2%
Tulln 20191 Würmla Waltendorf
2%
Bruck an der Leitha 05114 Prellenkirchen Wangheim
2%
Horn 10065 Gars am Kamp Wanzenau
2%
Horn 10066 Irnfritz-Messern Wappoltenreith
2%
Gmünd 07346 Bad Großpertholz Watzmanns
2%
Scheibbs 22141 Wieselburg-Land Wechling
2%
Zwettl 24066 Pölla Wegscheid
2%
Baden 04115 Ebreichsdorf Weigelsdorf
2%
Melk 14239 Hofamt Priel Weins
2%
Korneuburg 11020 Großrußbach Weinsteig
2%
St. Pölten-Land 19609 Pyhra Weinzettl
2%
Gmünd 07236 Kirchberg am Walde Weißenalbern
2%
St. Pölten 19613 St. Pölten Weitern
2%
Korneuburg 11021 Großrußbach Wetzleinsdorf
2%
Hollabrunn 09066 Hollabrunn Weyerburg
2%
Bruck an der Leitha 05223 Ebergassing Wienerherberg
2%
Baden 04038 Traiskirchen Wienersdorf
2%
St. Pölten-Land 19172 Perschling Wieselbruck
2%
Lilienfeld 19044 St. Veit an der Gölsen Wiesenfeld
2%
Bruck an der Leitha 05022 Bruck an der Leitha Wilfleinsdorf
2%
Krems-Land 12055 St. Leonhard am Hornerwald Wilhalm
2%
Melk 14240 Maria Taferl Wimm
2%
Amstetten 03045 Neustadtl an der Donau Windpassing
2%
Hollabrunn 09069 Grabern Windpassing
2%
St. Pölten 19625 St. Pölten Windpassing
2%
St. Pölten-Land 19626 Markersdorf-Haindorf Winkel
2%
St. Pölten 19627 St. Pölten Witzendorf
2%
Horn 10068 Gars am Kamp Wolfshof
2%
Krems-Land 12056 St. Leonhard am Hornerwald Wolfshoferamt
2%
Neunkirchen 23355 Würflach Wolfsohl
2%
Wiener Neustadt-Land 23457 Waldegg Wopfing
2%
Melk 14173 Pöchlarn Wörth
2%
Neunkirchen 23152 Enzenreith Wörth
2%
St. Pölten 19630 St. Pölten Wörth
2%
Mistelbach 13052 Staatz Wultendorf
2%
St. Pölten-Land 19631 Markersdorf-Haindorf Wultendorf
2%
Gmünd 07355 Moorbad Harbach Wultschau
2%
Mistelbach 13053 Laa an der Thaya Wulzeshofen
2%
Horn 10070 Rosenburg-Mold Zaingrub
2%
Krems-Land 12233 Langenlois Zöbing
2%
St. Pölten-Land 19635 Pyhra Zuleithen
2%
Gmünd 07357 Großschönau Zweres
2%
Zwettl 24072 Allentsteig Zwinzen
2%
Amstetten 03201 Aschbach-Markt Abetzberg
0%
Neunkirchen 23102 Gloggnitz Abfaltersbach
0%
Gmünd 07301 Bad Großpertholz Abschlag
0%
St. Pölten-Land 19102 Herzogenburg Adletzberg
0%
St. Pölten-Land 19402 Neidling Afing
0%
Melk 14301 Raxendorf Afterbach
0%
Melk 14102 Schönbühel-Aggsbach Aggstein
0%
Scheibbs 22001 Lunz am See Ahorn
0%
Tulln 20102 Sitzenberg-Reidling Ahrenberg
0%
Melk 14302 Artstetten-Pöbring Aichau
0%
Melk 14001 St. Leonhard am Forst Aichbach
0%
St. Pölten-Land 19201 Hofstetten-Grünau Aigelsbach
0%
Amstetten 03101 Ernsthofen Aigenfließen
0%
Krems-Land 12001 Lichtenau im Waldviertel Allentsgschwendt
0%
St. Pölten-Land 19701 Neulengbach Almersberg
0%
Neunkirchen 23018 Kirchberg am Wechsel Alpeltal
0%
Amstetten 03102 St. Valentin Altenhofen
0%
Scheibbs 22002 Gaming Altenreith
0%
Mistelbach 13036 Wildendürnbach Altprerau
0%
St. Pölten-Land 19103 Wölbling Ambach
0%
Tulln 20004 Großweikersdorf Ameisthal
0%
Amstetten 03002 Neuhofen an der Ybbs Amesleithen
0%
Krems-Land 12302 Mühldorf Amstall
0%
Mödling 16102 Gaaden Anningerforst
0%
Lilienfeld 19303 Türnitz Anthofrotte
0%
St. Pölten-Land 19106 Inzersdorf-Getzersdorf Anzenberg
0%
Melk 14104 Schollach Anzendorf
0%
St. Pölten-Land 19107 Wölbling Anzenhof
0%
Tulln 20105 Würmla Anzing
0%
Zwettl 24001 Göpfritz an der Wild Äpfelgschwendt
0%
Melk 14303 Pöggstall Arndorf
0%
Melk 14002 Hürm Arnersdorf
0%
Waidhofen an der Thaya 21103 Pfaffenschlag bei Waidhofen an der Thaya Arnolz
0%
Melk 14202 Nöchling Artneramt
0%
Waidhofen an der Thaya 21104 Pfaffenschlag bei Waidhofen an der Thaya Artolz
0%
Krems-Land 12176 Albrechtsberg an der Großen Krems Arzwiesen
0%
Melk 14304 Pöggstall Aschelberg
0%
Zwettl 24202 Schönbach Aschen
0%
Hollabrunn 09002 Wullersdorf Aschendorf
0%
Gänserndorf 06002 Weikendorf Aspacherfeld
0%
Hollabrunn 09003 Hollabrunn Aspersdorf
0%
Krems-Land 12142 Albrechtsberg an der Großen Krems Attenreith
0%
St. Pölten-Land 19405 Pyhra Atzling
0%
Hollabrunn 18002 Haugsdorf Auggenthal
0%
Melk 14203 Marbach an der Donau Auratsberg
0%
Baden 04013 Alland Äußerer Kaltenbergerforst
0%
Lilienfeld 19308 Türnitz Außerfahrafeld
0%
Lilienfeld 19042 St. Veit an der Gölsen Außerwiesenbach
0%
Horn 10201 Drosendorf-Zissersdorf Autendorf
0%
Melk 14375 Münichreith-Laimbach Bachones
0%
Amstetten 03104 Behamberg Badhof
0%
Hollabrunn 09101 Ravelsbach Baierdorf
0%
Tulln 20109 Zwentendorf an der Donau Bärndorf
0%
Krems-Land 12304 Maria Laach am Jauerling Benking
0%
Neunkirchen 23104 Gloggnitz Berglach
0%
Zwettl 24205 Kirchschlag Bernhardshof
0%
Lilienfeld 19001 Rohrbach an der Gölsen Bernreit
0%
Zwettl 24206 Ottenschlag Bernreith
0%
Zwettl 24005 Allentsteig Bernschlag
0%
Zwettl 24207 Schönbach Bernton
0%
Zwettl 24208 Bad Traunstein Biberschlag
0%
Mistelbach 13006 Laa an der Thaya Blaustaudnerhof
0%
Scheibbs 22003 Lunz am See Bodingbach
0%
Zwettl 24106 Groß Gerungs Böhmsdorf
0%
Gmünd 07002 Gmünd Böhmzeil
0%
St. Pölten-Land 19413 Stössing Bonnleiten
0%
Hollabrunn 09102 Hohenwarth-Mühlbach am Manhartsberg Bösendürnbach
0%
Baden 04003 Baden Braiten
0%
Scheibbs 22103 Scheibbs Brandstatt
0%
Melk 14306 Raxendorf Braunegg
0%
Hollabrunn 09005 Sitzendorf an der Schmida Braunsdorf
0%
Scheibbs 22004 Gaming Brettl
0%
Zwettl 24108 Langschlag Bruderndorferwaldhäuser
0%
Horn 10102 Sigmundsherberg Brugg
0%
Zwettl 24007 Pölla Brugg
0%
Gmünd 07304 Weitra Brühl
0%
Amstetten 03105 Haidershofen Brunnhof
0%
Zwettl 24395 Schweiggers Brunnhöf
0%
Hollabrunn 09103 Hohenwarth-Mühlbach am Manhartsberg Burgfrieden
0%
Horn 10008 Gars am Kamp Burgholz
0%
St. Pölten-Land 19417 Stössing Dachsbach
0%
Scheibbs 22105 St. Georgen an der Leys Dachsberg
0%
Horn 10202 Geras Dallein
0%
St. Pölten-Land 19418 Kasten bei Böheimkirchen Damberg
0%
Zwettl 24210 Kottes-Purk Dankholz
0%
Horn 10010 Brunn an der Wild Dappach
0%
Hollabrunn 18101 Zellerndorf Deinzendorf
0%
Baden 04101 Seibersdorf Deutsch Brodersdorf
0%
Melk 14192 Krummnußbaum Diedersdorf
0%
St. Pölten-Land 19419 Böheimkirchen Diemannsberg
0%
Melk 14008 Hürm Diendorf
0%
St. Pölten-Land 19108 Obritzberg-Rust Diendorf
0%
Tulln 20113 Würmla Diendorf
0%
Krems-Land 12203 Grafenegg Diendorf am Kamp
0%
Krems-Land 12204 Straß im Straßertale Diendorf am Walde
0%
Mistelbach 13007 Großharras Diepolz
0%
Neunkirchen 23302 Wartmannstetten Diepolz
0%
St. Pölten-Land 19705 Asperhofen Diesendorf
0%
St. Pölten-Land 19420 Neidling Dietersberg
0%
Zwettl 24189 Rappottenstein Dietharts
0%
Zwettl 24008 Allentsteig Dietreichs
0%
Zwettl 24111 Altmelon Dietrichsbach
0%
Melk 14308 Pöggstall Dietsam
0%
Gmünd 07102 Heidenreichstein Dietweis
0%
Hollabrunn 09104 Ziersdorf Dippersdorf
0%
St. Pölten-Land 19421 Gerersdorf Distelburg
0%
Horn 10012 Horn Doberndorf
0%
Melk 14309 Artstetten-Pöbring Dölla
0%
Zwettl 24010 Pölla Döllersheim
0%
Krems-Land 12102 Gedersdorf Donaudorf
0%
Melk 14403 Ybbs an der Donau Donaudorf
0%
Zwettl 24296 Kottes-Purk Doppl
0%
Zwettl 24212 Schönbach Dorfstadt
0%
Horn 10013 Irnfritz-Messern Dorna
0%
Baden 04004 Schönau an der Triesting Dornau
0%
St. Pölten-Land 19708 Asperhofen Dornberg
0%
Lilienfeld 19002 Rohrbach an der Gölsen Durlaß
0%
St. Pölten-Land 19427 Weinburg Dürnerhof
0%
Hollabrunn 09008 Nappersdorf-Kammersdorf Dürnleis
0%
Tulln 20115 Zwentendorf an der Donau Dürnrohr
0%
Mistelbach 15005 Mistelbach Ebendorf
0%
Lilienfeld 19003 Kleinzell Ebenwald
0%
Hollabrunn 09107 Hohenwarth-Mühlbach am Manhartsberg Ebersbrunn
0%
St. Pölten-Land 19430 Pyhra Ebersreith
0%
Gmünd 07103 Heidenreichstein Eberweis
0%
Melk 14110 Dunkelsteinerwald Eckartsberg
0%
Zwettl 24012 Allentsteig Edelbach
0%
Waidhofen an der Thaya 21109 Waidhofen an der Thaya-Land Edelprinz
0%
Melk 14376 Münichreith-Laimbach Edelsreith
0%
Waidhofen an der Thaya 21110 Windigsteig Edengans
0%
St. Pölten-Land 19110 Herzogenburg Ederding
0%
Zwettl 24214 Martinsberg Edlesberg
0%
Waidhofen an der Thaya 21111 Thaya Eggmanns
0%
Zwettl 24112 Groß Gerungs Eggress
0%
Gmünd 07204 Schrems Ehrenhöbarten
0%
St. Pölten-Land 19436 Haunoldstein Eibelsau
0%
Melk 14310 Raxendorf Eibetsberg bei Raxendorf
0%
Melk 14311 Weiten Eibetsberg bei Weiten
0%
Zwettl 24013 Pölla Eichhorns
0%
Tulln 20119 Sieghartskirchen Einsiedl
0%
Krems-Land 12007 Jaidhof Eisengraben
0%
Waidhofen an der Thaya 21112 Pfaffenschlag bei Waidhofen an der Thaya Eisenreichs
0%
Melk 14312 Weiten Eitental
0%
St. Pölten-Land 19112 Obritzberg-Rust Eitzendorf
0%
Hollabrunn 09010 Göllersdorf Eitzersthal
0%
Tulln 20120 Sieghartskirchen Elsbach
0%
Zwettl 24215 Kottes-Purk Elsenreith
0%
Horn 10205 Drosendorf-Zissersdorf Elsern
0%
Wiener Neustadt-Land 23406 Winzendorf-Muthmannsdorf Emmerberg
0%
Amstetten 03108 St. Valentin Endholz
0%
Zwettl 24216 Ottenschlag Endlas
0%
Krems-Land 12206 Grafenegg Engabrunn
0%
Tulln 20008 Kirchberg am Wagram Engelmannsbrunn
0%
Krems-Land 12060 Lichtenau im Waldviertel Engelschalks
0%
Horn 10107 Eggenburg Engelsdorf
0%
St. Pölten-Land 19438 Weinburg Engelsdorf
0%
Gmünd 07306 Großschönau Engelstein
0%
St. Pölten-Land 19439 Neidling Enikelberg
0%
Zwettl 24218 Kottes-Purk Ensberg
0%
Krems-Land 12143 Albrechtsberg an der Großen Krems Eppenberg
0%
Krems-Land 12009 Lichtenau im Waldviertel Erdweis
0%
Scheibbs 22106 Steinakirchen am Forst Ernegg
0%
Korneuburg 11033 Ernstbrunn Ernstbrunnerwald
0%
Tulln 20121 Zwentendorf an der Donau Erpersdorf
0%
Zwettl 24113 Groß Gerungs Etlas
0%
Zwettl 24114 Arbesbach Etlasamt
0%
Horn 10014 Pernegg Etzelsreith
0%
Zwettl 24115 Groß Gerungs Etzen
0%
Scheibbs 22107 Wolfpassing Etzerstetten
0%
Waidhofen an der Thaya 21204 Vitis Eulenbach
0%
Hollabrunn 09139 Ziersdorf Fahndorf
0%
Melk 14181 Emmersdorf an der Donau Fahnsdorf
0%
Lilienfeld 19004 Ramsau Fahrabach
0%
Gmünd 07206 Amaliendorf-Aalfang Falkendorf
0%
Krems-Land 12310 Maria Laach am Jauerling Felbring
0%
Zwettl 24220 Kottes-Purk Felles
0%
Hollabrunn 18103 Hardegg Felling
0%
Krems-Land 12010 Gföhl Felling
0%
Zwettl 24014 Pölla Felsenberg
0%
Krems-Land 12208 Schönberg am Kamp Fernitz
0%
Zwettl 24116 Altmelon Fichtenbach
0%
Melk 14314 Weiten Filsendorf
0%
Gmünd 07238 Brand-Nagelberg Finsternau
0%
Waidhofen an der Thaya 21010 Groß-Siegharts Fistritz
0%
Tulln 20122 Sieghartskirchen Flachberg
0%
Korneuburg 11025 Hagenbrunn Flandorf
0%
St. Pölten-Land 19443 Neidling Flinsbach
0%
St. Pölten-Land 19114 Obritzberg-Rust Flinsdorf
0%
Zwettl 24297 Kottes-Purk Fohra
0%
Zwettl 24117 Langschlag Fraberg
0%
Melk 14112 Zelking-Matzleinsdorf Frainingau
0%
Horn 10017 Brunn an der Wild Frankenreith
0%
Zwettl 24311 Großgöttfritz Frankenreith
0%
Scheibbs 22006 Randegg Franzenreith
0%
Amstetten 03010 Neustadtl an der Donau Freienstein
0%
St. Pölten-Land 19444 Stössing Freiling
0%
Zwettl 24119 Groß Gerungs Freitzenschlag
0%
Tulln 20124 Judenau-Baumgarten Freundorf
0%
St. Pölten-Land 19445 Ober-Grafendorf Fridau
0%
Mistelbach 13012 Fallbach Friebritz
0%
Gmünd 07307 Großschönau Friedreichs
0%
St. Pölten-Land 19446 Gerersdorf Friesing
0%
Melk 14175 Artstetten-Pöbring Fritzelsdorf
0%
Gmünd 07208 Kirchberg am Walde Frommberg
0%
Horn 10206 Weitersfeld Fronsburg
0%
Waidhofen an der Thaya 21116 Gastern Frühwärts
0%
Horn 10207 Geras Fugnitz
0%
Melk 14208 St. Oswald Fünfling
0%
Scheibbs 22109 Scheibbs Fürteben
0%
Horn 10020 Brunn an der Wild Fürwald
0%
St. Pölten-Land 19448 Neidling Gabersdorf
0%
Amstetten 03011 Euratsfeld Gafring
0%
Hollabrunn 09110 Ravelsbach Gaindorf
0%
Hollabrunn 09015 Hollabrunn Gaisberg
0%
Baden 04006 Baden Gamingerhof
0%
Krems-Land 12011 Gföhl Garmanns
0%
Mistelbach 15012 Ladendorf Garmanns
0%
Amstetten 03303 Hollenstein an der Ybbs Garnberg
0%
Scheibbs 22110 St. Anton an der Jeßnitz Gärtenberg
0%
Zwettl 24221 Kirchschlag Gastles
0%
St. Pölten-Land 19451 Ober-Grafendorf Gattmannsdorf
0%
Horn 10109 Eggenburg Gauderndorf
0%
Lilienfeld 19005 Ramsau Gaupmannsgraben
0%
Gmünd 07209 Schrems Gebharts
0%
Lilienfeld 19006 Hainfeld Gegend Eck
0%
Horn 10110 Burgschleinitz-Kühnring Geiersdorf
0%
St. Pölten-Land 19713 Asperhofen Geigelberg
0%
Mistelbach 13014 Laa an der Thaya Geiselbrechtshof
0%
Zwettl 24313 Zwettl-Niederösterreich Gerlas
0%
Horn 10072 Röhrenbach Germanns
0%
Zwettl 24314 Zwettl-Niederösterreich Germanns
0%
St. Pölten-Land 19714 Brand-Laaben Gern
0%
Zwettl 24315 Zwettl-Niederösterreich Gerotten
0%
Hollabrunn 09111 Ziersdorf Gettsdorf
0%
St. Pölten-Land 19715 Maria Anzbach Getzwiesen
0%
Krems-Land 12155 Bergern im Dunkelsteinerwald Geyersberg
0%
Tulln 20012 Kirchberg am Wagram Gigging
0%
Krems-Land 12144 Albrechtsberg an der Großen Krems Gillaus
0%
Scheibbs 22111 Scheibbs Ginning
0%
Baden 04007 Alland Glashütten
0%
Krems-Land 12061 Lichtenau im Waldviertel Gloden
0%
Melk 14316 Münichreith-Laimbach Gmaining
0%
Korneuburg 11034 Ernstbrunn Göbmanns
0%
Hollabrunn 09016 Sitzendorf an der Schmida Goggendorf
0%
Horn 10209 Geras Goggitsch
0%
St. Pölten-Land 19457 Neidling Goldegg
0%
Tulln 20126 Sieghartskirchen Gollarn
0%
Gmünd 7107 Litschau Gopprechts
0%
Tulln 20013 Fels am Wagram Gösing
0%
Horn 10210 Japons Goslarn
0%
Zwettl 24223 Kottes-Purk Gotthardschlag
0%
Tulln 20202 Würmla Gotthartsberg
0%
Melk 14404 Ybbs an der Donau Göttsbach
0%
Melk 14014 Ruprechtshofen Grabenegg
0%
St. Pölten-Land 19718 Asperhofen Grabensee
0%
Zwettl 24316 Zwettl-Niederösterreich Gradnitz
0%
Scheibbs 22112 St. Anton an der Jeßnitz Grafenmühl
0%
Mistelbach 15015 Ladendorf Grafensulz
0%
Melk 14210 Marbach an der Donau Granz
0%
St. Pölten-Land 19121 Obritzberg-Rust Greiling
0%
Zwettl 24120 Rappottenstein Gretschen
0%
St. Pölten-Land 19461 Neidling Griechenberg
0%
St. Pölten-Land 19462 Gerersdorf Grillenhöfe
0%
Gmünd 07009 Gmünd Grillenstein
0%
Melk 14016 St. Leonhard am Forst Grimmegg
0%
Melk 14184 Emmersdorf an der Donau Grimsing
0%
St. Pölten-Land 19463 Ober-Grafendorf Gröben
0%
Amstetten 03001 Euratsfeld Großaigen
0%
Melk 14017 Mank Großaigen
0%
Horn 10009 St. Bernhard-Frauenhofen Großburgstall
0%
Neunkirchen 23005 Aspangberg-St. Peter Großes Amt
0%
Waidhofen an der Thaya 21128 Thaya Großgerharts
0%
Zwettl 24317 Zwettl-Niederösterreich Großglobnitz
0%
St. Pölten-Land 19719 Asperhofen Großgraben
0%
Zwettl 24123 Rappottenstein Großgundholz
0%
Waidhofen an der Thaya 21129 Dobersberg Großharmanns
0%
Zwettl 24021 Schwarzenau Großhaselbach
0%
Zwettl 24319 Zwettl-Niederösterreich Großhaslau
0%
Krems-Land 12182 Weinzierl am Walde Großheinrichschlag
0%
Gmünd 07010 Waldenstein Großhöbarten
0%
Amstetten 03304 Hollenstein an der Ybbs Großhollenstein
0%
Zwettl 24022 Echsenbach Großkainraths
0%
Zwettl 24124 Groß Gerungs Großmeinharts
0%
Krems-Land 12034 Gföhl Großmotten
0%
Gmünd 07012 Waldenstein Großneusiedl
0%
Hollabrunn 09038 Guntersdorf Großnondorf
0%
Zwettl 24225 Sallingberg Großnondorf
0%
Gmünd 07323 Großschönau Großotten
0%
Zwettl 24125 Altmelon Großpertenschlag
0%
Zwettl 24023 Allentsteig Großpoppen
0%
Melk 14117 Melk Großpriel
0%
St. Pölten-Land 19720 Maria Anzbach Großraßberg
0%
Krems-Land 12062 Lichtenau im Waldviertel Großreinprechts
0%
Hollabrunn 18134 Pulkau Großreipersdorf
0%
Waidhofen an der Thaya 21205 Vitis Großrupprechts
0%
St. Pölten-Land 19721 Neulengbach Großweinberg
0%
Zwettl 24320 Großgöttfritz Großweißenbach
0%
Hollabrunn 09131 Heldenberg Großwetzdorf
0%
Tulln 20038 Großweikersdorf Großwiesendorf
0%
Gmünd 07353 Weitra Großwolfgers
0%
Hollabrunn 09113 Maissau Grübern
0%
St. Pölten-Land 19204 Hofstetten-Grünau Grünsbach
0%
Neunkirchen 23112 Reichenau an der Rax Grünsting
0%
Lilienfeld 19338 St. Aegyd am Neuwalde Gscheid
0%
Hollabrunn 09136 Maissau Gumping
0%
Melk 14405 Bergland Gumprechtsberg
0%
Scheibbs 22114 Wieselburg-Land Gumprechtsfelden
0%
Zwettl 24227 Kottes-Purk Günzles
0%
Zwettl 24228 Bad Traunstein Gürtlberg
0%
St. Pölten-Land 19467 Kasten bei Böheimkirchen Gwörth
0%
St. Pölten-Land 19725 Asperhofen Habersdorf
0%
Krems-Land 12183 Weinzierl am Walde Habruck
0%
Tulln 20129 St. Andrä-Wördern Hadersfeld
0%
Wiener Neustadt-Land 23411 Lanzenkirchen Haderswörth
0%
St. Pölten-Land 19726 Asperhofen Hagenau
0%
Melk 14211 Persenbeug-Gottsdorf Hagsdorf
0%
St. Pölten-Land 19126 Herzogenburg Hameten
0%
St. Pölten-Land 19471 Wilhelmsburg Handelberg
0%
Lilienfeld 19011 Ramsau Haraseck
0%
Melk 14118 Erlauf Harlanden
0%
Gmünd 07310 Großschönau Harmannstein
0%
Melk 14021 Hürm Harmersdorf
0%
Krems-Land 12178 Albrechtsberg an der Großen Krems Harrau
0%
Mistelbach 15113 Großkrut Harrersdorf
0%
Zwettl 24128 Groß Gerungs Harruck
0%
Amstetten 03209 Weistrach Hartlmühl
0%
Amstetten 03305 Ybbsitz Haselgraben
0%
Tulln 20130 Sitzenberg-Reidling Hasendorf
0%
Hollabrunn 09026 Nappersdorf-Kammersdorf Haslach
0%
Krems-Land 12323 Maria Laach am Jauerling Haslarn
0%
Melk 14177 Artstetten-Pöbring Hasling
0%
Melk 14022 Kilb Hauersdorf
0%
Lilienfeld 19332 Annaberg Haupttürnitzrotte
0%
St. Pölten-Land 19475 Karlstetten Hausenbach
0%
Mistelbach 13021 Neudorf im Weinviertel Hausleitnerwald
0%
Zwettl 24130 Groß Gerungs Häuslern
0%
Melk 14119 Dunkelsteinerwald Häusling
0%
Amstetten 03114 Haag Heimberg
0%
Zwettl 24025 Echsenbach Heimschlag
0%
Melk 14023 Kilb Heinrichsberg
0%
Horn 10213 Weitersfeld Heinrichsdorf
0%
Horn 10214 Drosendorf-Zissersdorf Heinrichsreith
0%
Melk 14120 Dunkelsteinerwald Heitzing
0%
St. Pölten-Land 19476 Karlstetten Heitzing
0%
Zwettl 24231 Kottes-Purk Heitzles
0%
Mistelbach 15016 Niederleis Helfens
0%
St. Pölten-Land 19477 Stössing Hendelgraben
0%
St. Pölten-Land 19478 Hafnerbach Hengstberg
0%
St. Pölten-Land 19129 Obritzberg-Rust Henigstetten
0%
Tulln 20131 Sieghartskirchen Henzing
0%
Mistelbach 15017 Ladendorf Herrnleis
0%
Lilienfeld 19310 St. Aegyd am Neuwalde Herrschaftsgründe
0%
Horn 10215 Langau Hessendorf
0%
Melk 14121 Dunkelsteinerwald Hessendorf
0%
St. Pölten-Land 19479 Gerersdorf Hetzersdorf
0%
Zwettl 24232 Sallingberg Heubach
0%
Neunkirchen 23114 Gloggnitz Heufeld
0%
Hollabrunn 18105 Hardegg Heufurth
0%
Lilienfeld 19012 Hainfeld Heugraben
0%
Lilienfeld 19305 Lilienfeld Hintereben
0%
Lilienfeld 19010 Kleinzell Hinterhallbach
0%
Krems-Land 12327 Maria Laach am Jauerling Hinterkogl
0%
Tulln 20015 Königsbrunn am Wagram Hippersdorf
0%
Gmünd 07112 Reingers Hirschenschlag
0%
Zwettl 24323 Waldhausen Hirschenschlag
0%
Neunkirchen 23115 Enzenreith Hitzmannsdorf
0%
Krems-Land 12157 Paudorf Höbenbach
0%
Mistelbach 15116 Poysdorf Höbertsgrub
0%
Amstetten 03306 St. Georgen am Reith Hochau
0%
St. Pölten-Land 19483 Stössing Hochgschaid
0%
Scheibbs 22010 Randegg Hochkoglberg
0%
Scheibbs 22011 Göstling an der Ybbs Hochreith
0%
Scheibbs 22115 Purgstall an der Erlauf Hochrieß
0%
Mödling 16114 Breitenfurt bei Wien Hochroterd
0%
St. Pölten-Land 19484 Stössing Hochstraß
0%
Hollabrunn 18106 Retz Hofern
0%
Lilienfeld 19013 Kaumberg Höfnergraben
0%
Zwettl 24190 Rappottenstein Höhendorf
0%
St. Pölten-Land 19487 Hafnerbach Hoheneggerwald
0%
Amstetten 03210 St. Peter in der Au Hohenreith
0%
Krems-Land 12017 Gföhl Hohenstein
0%
Melk 14406 Bergland Holzing
0%
Amstetten 03116 Haag Holzleiten
0%
Tulln 20133 Würmla Holzleiten
0%
Amstetten 03211 Weistrach Holzschachen
0%
Neunkirchen 23359 Ternitz Holzweg
0%
Zwettl 24233 Kottes-Purk Hörans
0%
Krems-Land 12159 Paudorf Hörfarth
0%
Mistelbach 15226 Kreuttal Hornsburg
0%
Zwettl 24326 Zwettl-Niederösterreich Hörweix
0%
Amstetten 03017 Neustadtl an der Donau Hößgang
0%
Tulln 20134 Atzenbrugg Hütteldorf
0%
Zwettl 24133 Groß Gerungs Hypolts
0%
Krems-Land 12021 Krumau am Kamp Idolsberg
0%
Krems-Land 12112 Senftenberg Imbach
0%
Hollabrunn 09029 Wullersdorf Immendorf
0%
Waidhofen an der Thaya 21136 Gastern Immenschlag
0%
Korneuburg 11117 Stetteldorf am Wagram Inkersdorf
0%
Baden 04014 Alland Innerer Kaltenbergerforst
0%
Lilienfeld 19309 Hohenberg Innerfahrafeld
0%
Lilienfeld 19043 St. Veit an der Gölsen Innerwiesenbach
0%
Melk 14027 Hürm Inning
0%
St. Pölten-Land 19727 Neulengbach Inprugg
0%
Neunkirchen 23312 Pitten Inzenhof
0%
Zwettl 24327 Zwettl-Niederösterreich Jagenbach
0%
Zwettl 24328 Zwettl-Niederösterreich Jahrings
0%
Melk 14317 Weiten Jasenegg
0%
Krems-Land 12020 Lichtenau im Waldviertel Jeitendorf
0%
Hollabrunn 18006 Haugsdorf Jetzelsdorf
0%
Tulln 20135 Würmla Jetzing
0%
Krems-Land 12185 Weißenkirchen in der Wachau Joching
0%
St. Pölten-Land 19728 Asperhofen Johannesberg
0%
Zwettl 24134 Groß Gerungs Josefsdorf
0%
Lilienfeld 19312 Mitterbach am Erlaufsee Josefsrotte
0%
Lilienfeld 19313 Lilienfeld Jungherrnthal
0%
Zwettl 24235 Ottenschlag Jungschlag
0%
Tulln 20137 Zwentendorf an der Donau Kaindorf
0%
Zwettl 24135 Langschlag Kainrathschlag
0%
Horn 10115 Sigmundsherberg Kainreith
0%
Melk 14028 Mank Kälberhart
0%
Zwettl 24236 Kottes-Purk Kalkgrub
0%
Hollabrunn 09031 Wullersdorf Kalladorf
0%
Waidhofen an der Thaya 21142 Vitis Kaltenbach
0%
Zwettl 24237 Bad Traunstein Kaltenbach
0%
Zwettl 24238 Grafenschlag Kaltenbrunn
0%
Horn 10029 Gars am Kamp Kamegg
0%
Zwettl 24239 Sallingberg Kamles
0%
St. Pölten-Land 19206 Hofstetten-Grünau Kammerhof
0%
St. Pölten-Land 19493 Wilhelmsburg Kanzling
0%
Melk 14216 Yspertal Kapelleramt
0%
Zwettl 24137 Langschlag Kasbach
0%
Lilienfeld 19015 Hainfeld Kasberg
0%
Horn 10116 Meiseldorf Kattau
0%
Lilienfeld 19314 St. Aegyd am Neuwalde Keeramt
0%
Melk 14377 Münichreith-Laimbach Kehrbach
0%
Zwettl 24138 Langschlag Kehrbach
0%
Melk 14408 Neumarkt an der Ybbs Kemmelbach
0%
Lilienfeld 19017 St. Veit an der Gölsen Kerschenbach
0%
St. Pölten-Land 19729 Asperhofen Kerschenberg
0%
Scheibbs 22013 Reinsberg Kerschenberg
0%
Hollabrunn 09116 Ziersdorf Kiblitz
0%
Melk 14126 Dunkelsteinerwald Kicking
0%
Scheibbs 22014 Gaming Kienberg
0%
Zwettl 24027 Pölla Kienberg
0%
Lilienfeld 19018 Ramsau Kieneck
0%
Zwettl 24240 Kirchschlag Kienings
0%
Gmünd 07217 Schrems Kiensaß
0%
St. Pölten-Land 19135 Kapelln Killing
0%
St. Pölten-Land 19497 Kasten bei Böheimkirchen Kirchsteig
0%
Melk 14318 Raxendorf Klebing
0%
Zwettl 24329 Zwettl-Niederösterreich Kleehof
0%
Mistelbach 13004 Gaubitsch Kleinbaumgarten
0%
Hollabrunn 09137 Maissau Kleinburgstall
0%
Korneuburg 11001 Großrußbach Kleinebersdorf
0%
Zwettl 24029 Pölla Kleinenzersdorf
0%
Neunkirchen 23009 Aspangberg-St. Peter Kleines Amt
0%
Waidhofen an der Thaya 21145 Kautzen Kleingerharts
0%
Zwettl 24242 Martinsberg Kleingerungs
0%
Waidhofen an der Thaya 21206 Vitis Kleingloms
0%
Waidhofen an der Thaya 21146 Pfaffenschlag bei Waidhofen an der Thaya Kleingöpfritz
0%
Zwettl 24243 Grafenschlag Kleingöttfritz
0%
St. Pölten-Land 19732 Asperhofen Kleingraben
0%
Zwettl 24140 Groß Gerungs Kleingundholz
0%
Waidhofen an der Thaya 21147 Dobersberg Kleinharmanns
0%
Zwettl 24030 Allentsteig Kleinhaselbach
0%
Zwettl 24244 Sallingberg Kleinhaslau
0%
Krems-Land 12179 Albrechtsberg an der Großen Krems Kleinheinrichschlag
0%
Hollabrunn 18107 Retz Kleinhöflein
0%
Horn 10114 Röschitz Kleinjetzelsdorf
0%
Zwettl 24031 Allentsteig Kleinkainraths
0%
Hollabrunn 09033 Sitzendorf an der Schmida Kleinkirchberg
0%
Baden 04041 Klausen-Leopoldsdorf Kleinmariazellerforst
0%
Zwettl 24330 Zwettl-Niederösterreich Kleinmeinharts
0%
Waidhofen an der Thaya 21148 Gastern Kleinmotten
0%
Zwettl 24032 Pölla Kleinmotten
0%
Zwettl 24245 Grafenschlag Kleinnondorf
0%
Zwettl 24141 Rappottenstein Kleinnondorf
0%
Zwettl 24142 Altmelon Kleinpertenschlag
0%
Gmünd 07120 Heidenreichstein Kleinpertholz
0%
Zwettl 24143 Langschlag Kleinpertholz
0%
Zwettl 24246 Martinsberg Kleinpertholz
0%
Zwettl 24033 Echsenbach Kleinpoppen
0%
Zwettl 24034 Pölla Kleinraabs
0%
St. Pölten-Land 19492 St. Margarethen an der Sierning Kleinradsdorf
0%
Zwettl 24144 Groß Gerungs Kleinreinprechts
0%
Horn 10127 Röschitz Kleinreinprechtsdorf
0%
Hollabrunn 18108 Retz Kleinriedenthal
0%
Korneuburg 11014 Harmannsdorf Kleinrötz
0%
Gmünd 07014 Waldenstein Kleinruprechts
0%
Waidhofen an der Thaya 21207 Vitis Kleinschönau
0%
Zwettl 24332 Zwettl-Niederösterreich Kleinschönau
0%
Tulln 20178 Zwentendorf an der Donau Kleinschönbichl
0%
Hollabrunn 09051 Nappersdorf-Kammersdorf Kleinsierndorf
0%
Mistelbach 15024 Niederleis Kleinsitzendorf
0%
Hollabrunn 09057 Hollabrunn Kleinstelzendorf
0%
Hollabrunn 09058 Hollabrunn Kleinstetteldorf
0%
Horn 10073 Irnfritz-Messern Kleinullrichschlag
0%
Zwettl 24333 Großgöttfritz Kleinweißenbach
0%
Hollabrunn 09132 Heldenberg Kleinwetzdorf
0%
Zwettl 24145 Groß Gerungs Kleinwetzles
0%
Tulln 20039 Großweikersdorf Kleinwiesendorf
0%
Zwettl 24334 Schweiggers Kleinwolfgers
0%
Amstetten 03047 Neustadtl an der Donau Kleinwolfstein
0%
Korneuburg 11035 Ernstbrunn Klement
0%
Wiener Neustadt-Land 23417 Walpersbach Klingfurth
0%
St. Pölten-Land 19499 Markersdorf-Haindorf Knetzersdorf
0%
Amstetten 03117 Haag Knillhof
0%
Melk 14127 Erlauf Knocking
0%
Melk 14128 Dunkelsteinerwald Kochholz
0%
Krems-Land 12331 Aggsbach Köfering
0%
Amstetten 03307 St. Georgen am Reith Kogelsbach
0%
Zwettl 24146 Langschlag Koggschlag
0%
Tulln 20141 Sieghartskirchen Kogl
0%
Melk 14129 Melk Kollapriel
0%
Tulln 20019 Kirchberg am Wagram Kollersdorf
0%
Melk 14378 Münichreith-Laimbach Kollnitz
0%
Zwettl 24336 Waldhausen Königsbach
0%
Amstetten 03309 St. Georgen am Reith Königsbergau
0%
Waidhofen an der Ybbs 03308 Waidhofen an der Ybbs Konradsheim
0%
Amstetten 03020 Neuhofen an der Ybbs Kornberg
0%
Krems-Land 12063 Lichtenau im Waldviertel Kornberg
0%
St. Pölten-Land 19500 Hafnerbach Korning
0%
Gmünd 07219 Schrems Kottinghörmanns
0%
Zwettl 24147 Groß Gerungs Kottingnondorf
0%
Neunkirchen 23120 Enzenreith Köttlach
0%
Amstetten 03021 St. Georgen am Ybbsfelde Krahof
0%
Tulln 20143 Sieghartskirchen Kraking
0%
Neunkirchen 23021 Kirchberg am Wechsel Kranichberg
0%
Melk 14130 Dunkelsteinerwald Krapfenberg
0%
Waidhofen an der Ybbs 03310 Waidhofen an der Ybbs Kreilhof
0%
St. Pölten 19503 St. Pölten Kreisberg
0%
Melk 14319 Pöggstall Krempersbach
0%
Amstetten 03311 Hollenstein an der Ybbs Krengraben
0%
Tulln 20145 Sieghartskirchen Kreuth
0%
Krems-Land 12214 Schönberg am Kamp Kriegenreith
0%
Melk 14033 Hürm Kronaberg
0%
Tulln 20144 Langenrohr Kronau
0%
Tulln 20204 Sieghartskirchen Kronstein
0%
Lilienfeld 19020 St. Veit an der Gölsen Kropfsdorf
0%
Amstetten 03118 Haag Krottendorf
0%
Zwettl 24035 Pölla Krug
0%
Melk 14320 Pöggstall Krumling
0%
Krems-Land 12160 Paudorf Krustetten
0%
Krems-Land 12332 Maria Laach am Jauerling Kuffarn
0%
Zwettl 24338 Zwettl-Niederösterreich Kühbach
0%
St. Pölten-Land 19505 Ober-Grafendorf Kunning
0%
Lilienfeld 19021 Kaumberg Laabach
0%
Korneuburg 11007 Ernstbrunn Lachsfeld
0%
Krems-Land 12023 Lichtenau im Waldviertel Ladings
0%
Zwettl 24148 Langschlag Lamberg
0%
Krems an der Donau 12115 Krems an der Donau Landersdorf
0%
St. Pölten-Land 19137 Wölbling Landersdorf
0%
Melk 14410 Bergland Landfriedstetten
0%
St. Pölten-Land 19138 Obritzberg-Rust Landhausen
0%
Melk 14323 Pöggstall Landstetten
0%
Lilienfeld 19022 Hainfeld Landsthal
0%
Tulln 20177 Langenrohr Langenschönbichl
0%
Zwettl 24150 Langschlag Langschlägerwaldhäuser
0%
Lilienfeld 19315 Annaberg Langseitenrotte
0%
Melk 14132 Dunkelsteinerwald Lanzing
0%
Scheibbs 22017 Göstling an der Ybbs Lassing
0%
Lilienfeld 19316 Annaberg Lassingrotte
0%
Melk 14324 Raxendorf Lauffenegg
0%
Horn 10031 Pernegg Lehndorf
0%
Melk 14325 Raxendorf Lehsdorf
0%
Neunkirchen 23315 Pitten Leiding
0%
Krems-Land 12024 Gföhl Lengenfelderamt
0%
Hollabrunn 18109 Pulkau Leodagger
0%
Melk 14135 Dunkelsteinerwald Lerchfeld
0%
Waidhofen an der Thaya 21154 Windigsteig Lichtenberg
0%
St. Pölten-Land 19509 Kasten bei Böheimkirchen Lielach
0%
Zwettl 24036 Schwarzenau Limpfings
0%
St. Pölten-Land 19510 St. Margarethen an der Sierning Linsberg
0%
Wiener Neustadt-Land 23420 Bad Erlach Linsberg
0%
Krems-Land 12026 Gföhl Litsch und Wurfenthalgraben
0%
Krems-Land 12334 Maria Laach am Jauerling Litzendorf
0%
Krems-Land 12186 Weinzierl am Walde Lobendorf
0%
Zwettl 24251 Schönbach Lohn
0%
Melk 14326 Artstetten-Pöbring Lohsdorf an der Schwarza
0%
Zwettl 24037 Pölla Loibenreith
0%
Horn 10032 Gars am Kamp Loibersdorf
0%
Melk 14327 Pöggstall Loibersdorf
0%
Gmünd 07118 Litschau Loimanns
0%
Melk 14035 Mank Loitsdorf
0%
Krems-Land 12336 Maria Laach am Jauerling Loitzendorf
0%
Zwettl 24286 Martinsberg Loitzenreith
0%
Neunkirchen 23126 Altendorf Loitzmannsdorf
0%
Krems-Land 12027 Lichtenau im Waldviertel Loiwein
0%
Scheibbs 22118 Steinakirchen am Forst Lonitzberg
0%
Melk 14137 Leiben Losau
0%
Zwettl 24340 Waldhausen Loschberg
0%
Melk 14138 Dunkelsteinerwald Lottersberg
0%
St. Pölten-Land 19513 Weinburg Luberg
0%
Zwettl 24252 Sallingberg Lugendorf
0%
Scheibbs 22018 Lunz am See Lunzamt
0%
Scheibbs 22019 Lunz am See Lunzdorf
0%
Hollabrunn 09035 Hollabrunn Magersdorf
0%
Horn 10034 Altenburg Mahrersdorf
0%
Neunkirchen 23318 Ternitz Mahrersdorf
0%
Horn 10118 Meiseldorf Maigen
0%
Krems-Land 12118 Weinzierl am Walde Maigen
0%
St. Pölten-Land 19209 Hofstetten-Grünau Mainburg
0%
Amstetten 03313 Ybbsitz Maisberg
0%
Tulln 20021 Kirchberg am Wagram Mallon
0%
Melk 14139 Leiben Mampasberg
0%
Zwettl 24038 Allentsteig Mannshalm
0%
Zwettl 24341 Schweiggers Mannshalm
0%
Zwettl 24152 Groß Gerungs Marharts
0%
Krems-Land 12161 Bergern im Dunkelsteinerwald Maria Langegg
0%
Tulln 20167 Zwentendorf an der Donau Maria Ponsee
0%
Hollabrunn 09036 Hollabrunn Mariathal
0%
Horn 10119 Burgschleinitz-Kühnring Matzelsdorf
0%
Gänserndorf 06214 Groß-Enzersdorf Matzneusiedl
0%
Krems-Land 12163 Mautern an der Donau Mauternbach
0%
Amstetten 03215 Wolfsbach Meilersdorf
0%
Zwettl 24344 Schweiggers Meinhartschlag
0%
Zwettl 24039 Göpfritz an der Wild Merkenbrechts
0%
Melk 14144 Schollach Merkendorf
0%
Zwettl 24254 Kirchschlag Merkengerst
0%
Zwettl 24345 Zwettl-Niederösterreich Merzenstein
0%
Zwettl 24040 Pölla Mestreichs
0%
Tulln 20150 Michelhausen Michelndorf
0%
Hollabrunn 09120 Ravelsbach Minichhofen
0%
Horn 10121 Sigmundsherberg Missingdorf
0%
Krems-Land 12217 Langenlois Mittelberg
0%
Zwettl 24153 Langschlag Mittelberg
0%
Krems-Land 12032 Gföhl Mittelbergeramt
0%
Krems-Land 12187 Rossatz-Arnsdorf Mitterarnsdorf
0%
Lilienfeld 19320 St. Aegyd am Neuwalde Mitterbachamt
0%
Lilienfeld 19321 Mitterbach am Erlaufsee Mitterbachseerotte
0%
St. Pölten-Land 19526 Kasten bei Böheimkirchen Mitterfeld
0%
Hollabrunn 09018 Grabern Mittergrabern
0%
Mistelbach 13028 Wildendürnbach Mitterhof
0%
Tulln 20153 Würmla Mittermoos
0%
Melk 14040 Hürm Mitterradl
0%
Zwettl 24346 Zwettl-Niederösterreich Mitterreith
0%
Zwettl 24154 Langschlag Mitterschlag
0%
Tulln 20030 Kirchberg am Wagram Mitterstockstall
0%
Melk 14187 Emmersdorf an der Donau Mödelsdorf
0%
Zwettl 24256 Bad Traunstein Moderberg Amt
0%
Zwettl 24041 Schwarzenau Modlitsch
0%
Zwettl 24347 Zwettl-Niederösterreich Moidrams
0%
Krems-Land 12218 Schönberg am Kamp Mollands
0%
Melk 14329 Weiten Mollendorf
0%
Baden 04021 Traiskirchen Möllersdorf
0%
Tulln 20152 Tulln an der Donau Mollersdorf
0%
Lilienfeld 19322 Türnitz Moosbachrotte
0%
Melk 14331 Weiten Mörenz
0%
Krems-Land 12033 Gföhl Moritzreith
0%
Horn 10040 Rosenburg-Mold Mörtersdorf
0%
St. Pölten 19528 St. Pölten Mühlgang
0%
St. Pölten-Land 19529 Weinburg Mühlhofen
0%
Zwettl 24156 Langschlag Münzbach
0%
Melk 14333 Pöggstall Mürfelndorf
0%
Melk 14041 Hürm Murschratten
0%
Amstetten 03024 Neustadtl an der Donau Nabegg
0%
Korneuburg 11010 Ernstbrunn Naglern
0%
Melk 14334 Weiten Nasting
0%
St. Pölten-Land 19532 Markersdorf-Haindorf Nenndorf
0%
Krems-Land 12165 Bergern im Dunkelsteinerwald Nesselstauden
0%
Scheibbs 22021 Gaming Nestelberg
0%
Wiener Neustadt-Land 23425 Hohe Wand Netting
0%
Melk 14145 Loosdorf Neubach
0%
Tulln 20022 Großriedenthal Neudegg
0%
Zwettl 24157 Arbesbach Neumelon
0%
Hollabrunn 18113 Hardegg Niederfladnitz
0%
Zwettl 24350 Zwettl-Niederösterreich Niederglobnitz
0%
Krems-Land 12015 Rastenfeld Niedergrünbach
0%
Amstetten 03337 Kematen an der Ybbs Niederhausleiten
0%
Zwettl 24351 Zwettl-Niederösterreich Niederneustift
0%
Zwettl 24352 Waldhausen Niedernondorf
0%
Zwettl 24043 Pölla Niederplöttbach
0%
Krems-Land 12350 Mühldorf Niederranna
0%
Hollabrunn 09074 Sitzendorf an der Schmida Niederschleinz
0%
Gmünd 07227 Schrems Niederschrems
0%
Zwettl 24353 Zwettl-Niederösterreich Niederstrahlbach
0%
Zwettl 24354 Waldhausen Niederwaltenreith
0%
Tulln 20159 Tulln an der Donau Nitzing
0%
Mistelbach 15031 Niederleis Nodendorf
0%
Horn 10044 Pernegg Nödersdorf
0%
Krems-Land 12120 Weinzierl am Walde Nöhagen
0%
Melk 14147 Dunkelsteinerwald Nölling
0%
Horn 10221 Weitersfeld Nonnersdorf
0%
Krems-Land 12343 Maria Laach am Jauerling Nonnersdorf
0%
St. Pölten-Land 19143 Wölbling Noppendorf
0%
Melk 14178 Artstetten-Pöbring Nussendorf
0%
Lilienfeld 19019 Hainfeld Ob der Kirche
0%
Scheibbs 22023 Gresten-Land Oberamt
0%
Krems-Land 12189 Rossatz-Arnsdorf Oberarnsdorf
0%
Amstetten 03204 Aschbach-Markt Oberaschbach
0%
Krems-Land 12149 Bergern im Dunkelsteinerwald Oberbergern
0%
Melk 14339 Pöggstall Oberbierbaum
0%
Neunkirchen 23127 Grafenbach-St. Valentin Oberdanegg
0%
Hollabrunn 09105 Maissau Oberdürnbach
0%
Melk 14227 Maria Taferl Obererla
0%
Hollabrunn 09013 Hollabrunn Oberfellabrunn
0%
Horn 10249 Weitersfeld Oberfladnitz
0%
Krems-Land 12152 Furth bei Göttweig Oberfucha
0%
Lilienfeld 19007 St. Veit an der Gölsen Obergegend
0%
Hollabrunn 09019 Grabern Obergrabern
0%
Korneuburg 11112 Sierndorf Oberhautzental
0%
St. Pölten-Land 19535 St. Margarethen an der Sierning Oberhofen
0%
Lilienfeld 19014 Ramsau Oberhöhe
0%
Melk 14340 Pöggstall Oberhohenau
0%
Krems-Land 12220 Straß im Straßertale Oberholz
0%
Amstetten 03314 Hollenstein an der Ybbs Oberkirchen
0%
Zwettl 24160 Groß Gerungs Oberkirchen
0%
Krems-Land 12116 Dürnstein Oberloiben
0%
St. Pölten-Land 19514 Karlstetten Obermamau
0%
Hollabrunn 18115 Schrattenthal Obermarkersdorf
0%
Krems-Land 12029 Gföhl Obermeisling
0%
St. Pölten-Land 19140 Obritzberg-Rust Obermerking
0%
Horn 10247 Weitersfeld Obermixnitz
0%
Zwettl 24161 Groß Gerungs Oberneustift
0%
Zwettl 24357 Waldhausen Obernondorf
0%
Hollabrunn 09039 Göllersdorf Oberparschenbrunn
0%
Krems-Land 12221 Schönberg am Kamp Oberplank
0%
Zwettl 24358 Zwettl-Niederösterreich Oberplöttbach
0%
Zwettl 24162 Rappottenstein Oberrabenthan
0%
Amstetten 03126 Strengberg Oberramsau
0%
Krems-Land 12351 Mühldorf Oberranna
0%
Hollabrunn 09126 Ravelsbach Oberravelsbach
0%
Krems-Land 12224 Langenlois Oberreith
0%
Lilienfeld 19028 Ramsau Oberried
0%
Korneuburg 11011 Leobendorf Oberrohrbach
0%
Lilienfeld 19030 Rohrbach an der Gölsen Oberrohrbach
0%
Krems-Land 12126 Rohrendorf bei Krems Oberrohrendorf
0%
Zwettl 24163 Groß Gerungs Oberrosenauerwaldhäuser
0%
Melk 14044 Hürm Obersiegendorf
0%
Hollabrunn 09055 Grabern Obersteinabrunn
0%
Tulln 20031 Kirchberg am Wagram Oberstockstall
0%
Zwettl 24359 Zwettl-Niederösterreich Oberstrahlbach
0%
Melk 14228 Maria Taferl Oberthalheim
0%
Hollabrunn 09140 Heldenberg Oberthern
0%
Horn 10231 Japons Oberthumeritz
0%
Horn 10234 Drosendorf-Zissersdorf Oberthürnau
0%
Melk 14045 Hürm Oberthurnhofen
0%
Lilienfeld 19038 Kaumberg Obertriesting
0%
St. Pölten-Land 19458 Hafnerbach Ober- und Untergraben
0%
St. Pölten-Land 19174 Herzogenburg Oberwinden
0%
Gmünd 07351 Weitra Oberwindhag
0%
Melk 14046 Ruprechtshofen Ockert
0%
Mistelbach 13032 Gnadendorf Oedenkirchenwald
0%
Tulln 20161 Sieghartskirchen Oepping
0%
Krems-Land 12345 Mühldorf Oetz
0%
Krems-Land 12346 Mühldorf Oetzbach
0%
Neunkirchen 23015 Kirchberg am Wechsel Ofenbach
0%
Wiener Neustadt-Land 23438 Lanzenkirchen Ofenbach
0%
Amstetten 03315 Opponitz Ofenberg
0%
Melk 14148 Dunkelsteinerwald Ohnreith
0%
Amstetten 03316 Hollenstein an der Ybbs Oisberg
0%
Melk 14149 Pöchlarn Ornding
0%
St. Pölten-Land 19539 Haunoldstein Osterburg
0%
Krems-Land 12121 Weinzierl am Walde Ostra
0%
Melk 14343 Raxendorf Ottenberg
0%
St. Pölten-Land 19742 Asperhofen Paisling
0%
Krems-Land 12037 Lichtenau im Waldviertel Pallweis
0%
Melk 14381 Münichreith-Laimbach Pargatstetten
0%
Hollabrunn 09123 Ravelsbach Parisdorf
0%
Mistelbach 15122 Poysdorf Passauerhof
0%
Hollabrunn 18135 Pulkau Passendorf
0%
Mistelbach 13033 Stronsdorf Patzenthal
0%
Melk 14344 Artstetten-Pöbring Payerstetten
0%
Zwettl 24164 Rappottenstein Pehendorf
0%
Amstetten 03122 Behamberg Penz
0%
Tulln 20162 Sieghartskirchen Penzing
0%
Amstetten 03030 Neuhofen an der Ybbs Perbersdorf
0%
Zwettl 24360 Schweiggers Perndorf
0%
Mistelbach 13005 Laa an der Thaya Pernhofen
0%
Zwettl 24165 Altmelon Perwolfs
0%
Korneuburg 11128 Hausleiten Perzendorf
0%
Neunkirchen 23131 Payerbach Pettenbach
0%
Scheibbs 22123 Purgstall an der Erlauf Petzelsdorf
0%
Krems-Land 12038 Rastenfeld Peygarten
0%
Hollabrunn 18011 Pernersdorf Pfaffendorf
0%
Zwettl 24166 Rappottenstein Pfaffendorf
0%
Horn 10222 Geras Pfaffenreith
0%
Zwettl 24263 Bad Traunstein Pfaffings
0%
Hollabrunn 09124 Ravelsbach Pfaffstetten
0%
St. Pölten-Land 01904 Pressbaum Pfalzau
0%
Mistelbach 15212 Wolkersdorf im Weinviertel Pfösing
0%
Lilienfeld 19323 Türnitz Pichelrotte
0%
Melk 14152 Melk Pielachberg
0%
St. Pölten-Land 19543 Hafnerbach Pielachhaag
0%
Hollabrunn 18118 Zellerndorf Pillersdorf
0%
Horn 10223 Drosendorf-Zissersdorf Pingendorf
0%
Bruck an der Leitha 05015 Götzendorf an der Leitha Pischelsdorf
0%
Tulln 20163 Zwentendorf an der Donau Pischelsdorf
0%
Tulln 20164 Michelhausen Pixendorf
0%
Melk 14413 Bergland Plaika
0%
St. Pölten-Land 19210 Hofstetten-Grünau Plambach
0%
St. Pölten-Land 19211 Hofstetten-Grünau Plambacheck
0%
Tulln 20165 Sieghartskirchen Plankenberg
0%
Tulln 20166 Würmla Pöding
0%
Horn 10048 St. Bernhard-Frauenhofen Poigen
0%
Baden 04024 Alland Pöllerhof
0%
Scheibbs 22025 Gaming Polzberg
0%
Melk 14188 Emmersdorf an der Donau Pömling
0%
St. Pölten-Land 19545 Wilhelmsburg Pömmern
0%
Melk 14349 Pöggstall Pömmerstall
0%
St. Pölten-Land 19546 Markersdorf-Haindorf Poppendorf
0%
Amstetten 03123 Haag Porstenberg
0%
Horn 10049 Pernegg Posselsdorf
0%
Mistelbach 13035 Wildendürnbach Pottenhofen
0%
St. Pölten-Land 19153 Herzogenburg Pottschal
0%
Zwettl 24265 Kottes-Purk Pötzles
0%
Zwettl 24361 Zwettl-Niederösterreich Pötzles
0%
Krems-Land 12348 Mühldorf Povat
0%
Melk 14154 Melk Pöverding
0%
Hollabrunn 09041 Sitzendorf an der Schmida Pranhartsberg
0%
Zwettl 24168 Arbesbach Pretrobruck
0%
Tulln 20168 Zwentendorf an der Donau Preuwitz
0%
Melk 14350 Pöggstall Prinzelndorf
0%
St. Pölten-Land 19549 Pyhra Probstwald
0%
Amstetten 03318 Ybbsitz Prochenberg
0%
Amstetten 03319 Ybbsitz Prolling
0%
Bruck an der Leitha 05016 Bruck an der Leitha Prugg Schloss
0%
Lilienfeld 19025 Rohrbach an der Gölsen Prünst
0%
Horn 10224 Weitersfeld Prutzendorf
0%
St. Pölten-Land 19550 Neidling Pultendorf
0%
Zwettl 24362 Zwettl-Niederösterreich Purken
0%
Zwettl 24169 Arbesbach Purrat
0%
Neunkirchen 23361 Buchbach Putzmannsdorf
0%
Neunkirchen 23361 Ternitz Putzmannsdorf
0%
St. Pölten-Land 19745 Brand-Laaben Pyrath
0%
Lilienfeld 19324 Türnitz Rachsenbachrotte
0%
Waidhofen an der Thaya 21040 Ludweis-Aigen Radessen
0%
Amstetten 03124 Haag Radhof
0%
Hollabrunn 09125 Ziersdorf Radlbrunn
0%
Hollabrunn 09043 Wullersdorf Raffelhof
0%
Melk 14351 Weiten Rafles
0%
Melk 14052 Ruprechtshofen Rainberg
0%
Lilienfeld 19026 St. Veit an der Gölsen Rainfeld
0%
St. Pölten-Land 19746 Neulengbach Raipoltenbach
0%
Horn 10050 Pernegg Raisdorf
0%
Baden 04026 Alland Raisenmarkt
0%
Melk 14053 Kilb Rametzberg
0%
Amstetten 03125 Behamberg Ramingdorf
0%
Zwettl 24170 Arbesbach Rammelhof
0%
St. Pölten-Land 19558 St. Margarethen an der Sierning Rammersdorf
0%
Melk 14155 Pöchlarn Rampersdorf
0%
Neunkirchen 23330 Wartmannstetten Ramplach
0%
Melk 14189 Emmersdorf an der Donau Rantenberg
0%
Tulln 20169 Sieghartskirchen Ranzelsdorf
0%
Waidhofen an der Thaya 21170 Thaya Ranzles
0%
Tulln 20170 Sieghartskirchen Rappoltenkirchen
0%
Melk 14382 Münichreith-Laimbach Rappoltenreith
0%
Zwettl 24363 Waldhausen Rappoltschlag
0%
Hollabrunn 09044 Hollabrunn Raschala
0%
Horn 10226 Weitersfeld Rassingdorf
0%
Krems-Land 12040 Gföhl Rastbach
0%
Krems-Land 12041 Rastenfeld Rastenberg
0%
Zwettl 24364 Zwettl-Niederösterreich Ratschenhof
0%
Melk 14414 Bergland Ratzenberg
0%
Baden 04025 Baden Rauhenstein
0%
Zwettl 24046 Allentsteig Rausmanns
0%
Krems an der Donau 12123 Krems an der Donau Rehberg
0%
Krems-Land 12124 Weinzierl am Walde Reichau
0%
Krems-Land 12125 Senftenberg Reichaueramt
0%
Gmünd 07123 Litschau Reichenbach
0%
Zwettl 24172 Rappottenstein Reichenbach
0%
Tulln 20172 Sieghartskirchen Reichersberg
0%
Zwettl 24047 Pölla Reichhalms
0%
Horn 10051 Irnfritz-Messern Reichharts
0%
Amstetten 03127 Haag Reichhub
0%
Zwettl 24268 Kottes-Purk Reichpolds
0%
Scheibbs 22127 Wang Reidlingberg
0%
Hollabrunn 09138 Maissau Reikersdorf
0%
Zwettl 24397 Schweiggers Reinbolden
0%
Zwettl 24048 Allentsteig Reinsbach
0%
Krems-Land 12043 Gföhl Reisling
0%
Melk 14232 Maria Taferl Reitern
0%
Neunkirchen 23331 Scheiblingkirchen-Thernberg Reitersberg
0%
Krems-Land 12044 Gföhl Reittern
0%
Zwettl 24269 Martinsberg Reitzendorf
0%
Gmünd 07127 Litschau Reitzenschlag
0%
St. Pölten-Land 01907 Pressbaum Rekawinkel
0%
Amstetten 03128 St. Valentin Rems
0%
St. Pölten-Land 19565 Ober-Grafendorf Rennersdorf
0%
Zwettl 24270 Kottes-Purk Richterhof
0%
Zwettl 24173 Rappottenstein Riebeis
0%
Zwettl 24366 Zwettl-Niederösterreich Rieggers
0%
Zwettl 24050 Echsenbach Rieweis
0%
Zwettl 24174 Rappottenstein Ritterkamp
0%
Melk 14057 St. Leonhard am Forst Ritzengrub
0%
Zwettl 24367 Zwettl-Niederösterreich Ritzmannshof
0%
Melk 14353 Raxendorf Robans
0%
Scheibbs 22029 Reinsberg Robitzboden
0%
Hollabrunn 09045 Wullersdorf Roggendorf
0%
Horn 10132 Röschitz Roggendorf
0%
Melk 14156 Schollach Roggendorf
0%
Zwettl 24271 Kirchschlag Roggenreith
0%
Melk 14158 Pöchlarn Röhrapoint
0%
Horn 10130 Sigmundsherberg Röhrawiesen
0%
Neunkirchen 23333 Puchberg am Schneeberg Rohrbachgraben
0%
Zwettl 24368 Großgöttfritz Rohrenreith
0%
Zwettl 24191 Rappottenstein Roiten
0%
Hollabrunn 09129 Hohenwarth-Mühlbach am Manhartsberg Ronthal
0%
Melk 14159 Melk Rosenfeld
0%
Neunkirchen 23334 Willendorf Rothengrub
0%
Gmünd 07331 Großschönau Rothfarn
0%
Horn 10055 Irnfritz-Messern Rothweinsdorf
0%
Zwettl 24370 Zwettl-Niederösterreich Rottenbach
0%
Melk 14233 Hofamt Priel Rottenhof
0%
Amstetten 03129 Ernsthofen Rubring
0%
Mistelbach 13040 Laa an der Thaya Ruhhof
0%
Krems-Land 12168 Rossatz-Arnsdorf Rührsdorf
0%
Zwettl 24272 Kottes-Purk Runds
0%
Tulln 20026 Großweikersdorf Ruppersthal
0%
Bruck an der Leitha 05225 Leopoldsdorf Rustenfeld
0%
Horn 10244 Japons Sabatenreith
0%
Horn 10133 Burgschleinitz-Kühnring Sachsendorf
0%
Amstetten 03130 Haag Salaberg
0%
Tulln 20176 Würmla Saladorf
0%
Horn 10227 Weitersfeld Sallapulka
0%
Zwettl 24372 Schweiggers Sallingstadt
0%
Neunkirchen 23138 Gloggnitz Salloder
0%
Melk 14415 Ybbs an der Donau Sarling
0%
Waidhofen an der Thaya 21178 Waidhofen an der Thaya-Land Sarning
0%
St. Pölten-Land 19570 St. Margarethen an der Sierning Saudorf
0%
Melk 14416 Ybbs an der Donau Säusenstein
0%
Scheibbs 22129 Oberndorf an der Melk Schachau
0%
Scheibbs 22130 Wieselburg-Land Schadendorf
0%
Scheibbs 22030 Gresten-Land Schadneramt
0%
Zwettl 24274 Grafenschlag Schafberg
0%
Waidhofen an der Thaya 21180 Waidhofen an der Thaya Schagles
0%
Hollabrunn 09047 Wullersdorf Schalladorf
0%
Melk 14191 Emmersdorf an der Donau Schallemmersdorf
0%
Amstetten 03033 Neustadtl an der Donau Schaltberg
0%
Gmünd 07131 Litschau Schandachen
0%
Melk 14062 Hürm Scharagraben
0%
Scheibbs 22131 Purgstall an der Erlauf Schauboden
0%
Scheibbs 22133 Scheibbs Scheibbsbach
0%
Krems an der Donau 12128 Krems an der Donau Scheibenhof
0%
Krems-Land 12169 Bergern im Dunkelsteinerwald Scheiblwies
0%
Zwettl 24051 Göpfritz an der Wild Scheideldorf
0%
Krems-Land 12170 Bergern im Dunkelsteinerwald Schenkenbrunn
0%
Amstetten 03034 Neuhofen an der Ybbs Scherbling
0%
Krems-Land 12045 Lichtenau im Waldviertel Scheutz
0%
Zwettl 24373 Zwettl-Niederösterreich Schickenhof
0%
Horn 10228 Geras Schiermannsreith
0%
Lilienfeld 19325 Türnitz Schildbachrotte
0%
Amstetten 03035 Neuhofen an der Ybbs Schindau
0%
Waidhofen an der Thaya 21179 Thaya Schirnes
0%
Wiener Neustadt-Land 23430 Bromberg Schlatten
0%
Krems-Land 12355 Maria Laach am Jauerling Schlaubing
0%
Wiener Neustadt-Land 23431 Walpersbach Schleinz
0%
Krems-Land 12129 Gedersdorf Schlickendorf
0%
Zwettl 24175 Langschlag Schmerbach
0%
Zwettl 24054 Pölla Schmerbach
0%
Lilienfeld 19033 Ramsau Schneidbach
0%
Zwettl 24299 Kottes-Purk Schoberhof
0%
Baden 04108 Ebreichsdorf Schranawand
0%
Melk 14163 Melk Schrattenbruck
0%
Gmünd 07334 Großschönau Schroffen
0%
Amstetten 03131 Haag Schudutz
0%
Amstetten 03221 Weistrach Schwaig
0%
Krems-Land 12357 Spitz Schwallenbach
0%
Zwettl 24178 Arbesbach Schwarzauamt
0%
Zwettl 24057 Pölla Schwarzenreith
0%
Amstetten 03323 Ybbsitz Schwarzois
0%
Baden 04029 Alland Schwechatbach
0%
Korneuburg 11016 Harmannsdorf Seebarn
0%
Tulln 20027 Grafenwörth Seebarn am Wagram
0%
Scheibbs 22031 Lunz am See Seekopf
0%
Gmünd 07335 Bad Großpertholz Seifritz
0%
Amstetten 03038 Viehdorf Seisenegg
0%
Melk 14355 Weiten Seiterndorf
0%
Zwettl 24179 Rappottenstein Selbitz
0%
Krems-Land 12175 Senftenberg Senftenbergeramt
0%
Gmünd 07140 Heidenreichstein Seyfrieds
0%
Waidhofen an der Thaya 21184 Waidhofen an der Thaya Seyfrieds Wald
0%
Zwettl 24180 Groß Gerungs Siebenberg
0%
Zwettl 24181 Langschlag Siebenhöf
0%
Zwettl 24398 Schweiggers Siebenlinden
0%
Baden 04030 Heiligenkreuz Siegenfeld
0%
Baden 04110 Pottendorf Siegersdorf
0%
St. Pölten-Land 19750 Asperhofen Siegersdorf
0%
Horn 10229 Geras Sieghartsreith
0%
Zwettl 24279 Kottes-Purk Singenreith
0%
Krems-Land 12237 Grafenegg Sittendorf
0%
Mödling 16122 Wienerwald Sittendorf
0%
Hollabrunn 09053 Sitzendorf an der Schmida Sitzenhart
0%
Melk 14164 Loosdorf Sitzenthal
0%
Zwettl 24182 Groß Gerungs Sitzmanns
0%
Scheibbs 22134 Purgstall an der Erlauf Sölling
0%
Scheibbs 22135 Purgstall an der Erlauf Söllingerwald
0%
Zwettl 24058 Pölla Söllitz
0%
Horn 10135 Burgschleinitz-Kühnring Sonndorf
0%
Mödling 16123 Hinterbrühl Sparbach
0%
Waidhofen an der Thaya 21185 Vitis Sparbach
0%
Krems-Land 12049 Rastenfeld Sperkenthal
0%
Melk 14165 Melk Spielberg
0%
Zwettl 24280 Bad Traunstein Spielberg
0%
Zwettl 24281 Sallingberg Spielleithen
0%
Gmünd 07337 Weitra Spital
0%
Tulln 20181 Michelhausen Spital
0%
Zwettl 24377 Großgöttfritz Sprögnitz
0%
Tulln 20182 Tulln an der Donau Staasdorf
0%
St. Pölten-Land 19581 Gerersdorf Stainingsdorf
0%
St. Pölten-Land 19582 Kasten bei Böheimkirchen Stallbach
0%
Horn 10057 Rosenburg-Mold Stallegg
0%
Gänserndorf 06033 Deutsch-Wagram Stallingerfeld
0%
Mödling 16124 Wienerwald Stangau
0%
Horn 10058 Pernegg Staningersdorf
0%
Horn 10230 Weitersfeld Starrein
0%
St. Pölten-Land 19751 Asperhofen Starzing
0%
Amstetten 03039 Ardagger Stefanshart
0%
Krems-Land 12171 Furth bei Göttweig Steinaweg
0%
Scheibbs 22032 Göstling an der Ybbs Steinbachmauer
0%
Lilienfeld 19328 Türnitz Steinbachrotte
0%
Lilienfeld 19035 Kaumberg Steinbachthal
0%
Baden 04324 Hernstein Steinhof
0%
Scheibbs 22033 Randegg Steinholz
0%
Melk 14166 Erlauf Steinwand
0%
Lilienfeld 19036 St. Veit an der Gölsen Steinwandleithen
0%
Tulln 20029 Fels am Wagram Stettenhof
0%
Neunkirchen 23344 Warth Steyersberg
0%
Melk 14235 St. Oswald Stiegeramt
0%
Zwettl 24183 Langschlag Stierberg
0%
Krems-Land 12133 Weinzierl am Walde Stixendorf
0%
Zwettl 24060 Schwarzenau Stögersbach
0%
Horn 10137 Eggenburg Stoitzendorf
0%
Horn 10144 Eggenburg Stoitzendorf Heide
0%
St. Pölten-Land 19752 Brand-Laaben Stollberg
0%
Neunkirchen 23345 Puchberg am Schneeberg Stolzenwörth
0%
Gmünd 07232 Hirschbach Stölzles
0%
Waidhofen an der Thaya 21186 Vitis Stoyes
0%
Melk 14072 Mank Strannersdorf
0%
Melk 14357 Pöggstall Straßreith
0%
Krems-Land 12134 Gedersdorf Stratzdorf
0%
Amstetten 03132 Haidershofen Sträußl
0%
Zwettl 24378 Schweiggers Streitbach
0%
Zwettl 24184 Langschlag Streith
0%
Tulln 20183 Michelhausen Streithofen
0%
Melk 14358 Weiten Streitwiesen
0%
Horn 10060 St. Bernhard-Frauenhofen Strögen
0%
Mistelbach 13046 Stronsdorf Stronegg
0%
Zwettl 24061 Pölla Strones
0%
Gmünd 07352 Weitra St. Wolfgang
0%
Hollabrunn 09061 Hollabrunn Suttenbrunn
0%
Zwettl 24379 Zwettl-Niederösterreich Syrafeld
0%
Neunkirchen 23145 Altendorf Tachenberg
0%
Krems-Land 12050 Lichtenau im Waldviertel Taubitz
0%
Zwettl 24283 Kottes-Purk Teichmanns
0%
Melk 14075 Kilb Teufelsdorf
0%
Zwettl 24185 Groß Gerungs Thail
0%
Krems-Land 12359 Maria Laach am Jauerling Thalham
0%
Amstetten 03328 Opponitz Thann
0%
Neunkirchen 23347 Warth Thann
0%
Zwettl 24062 Allentsteig Thaua
0%
Gmünd 07340 Großschönau Thaures
0%
Gmünd 07134 Heidenreichstein Thaures
0%
Zwettl 24063 Pölla Thaures
0%
Horn 10139 Sigmundsherberg Theras
0%
St. Pölten-Land 19165 Nußdorf ob der Traisen Theyern
0%
Neunkirchen 23146 Enzenreith Thiermannsdorf
0%
Horn 10233 Geras Thumeritzer Sasswald
0%
Zwettl 24284 Martinsberg Thumling
0%
Krems-Land 12053 Krumau am Kamp Thurnberg
0%
Amstetten 03134 Strengberg Thürnbuch
0%
Krems-Land 12230 Schönberg am Kamp Thürneustift
0%
Amstetten 03135 St. Valentin Thurnstorf
0%
Tulln 20033 Fels am Wagram Thürnthal
0%
Krems-Land 12064 Krumau am Kamp Tiefenbach
0%
Waidhofen an der Thaya 21188 Kautzen Tiefenbach
0%
Krems-Land 12153 Paudorf Tiefenfucha
0%
Tulln 20034 Großweikersdorf Tiefenthal
0%
Amstetten 03040 Neuhofen an der Ybbs Toberstetten
0%
Melk 14359 Weiten Tottendorf
0%
Horn 10063 Irnfritz-Messern Trabenreith
0%
Lilienfeld 19330 Türnitz Traisenbachrotte
0%
Lilienfeld 19037 St. Veit an der Gölsen Traisenort
0%
Krems-Land 12360 Mühldorf Trandorf
0%
Melk 14360 Artstetten-Pöbring Trennegg
0%
Korneuburg 11019 Leobendorf Tresdorf
0%
Waidhofen an der Thaya 21189 Kautzen Triglas
0%
Zwettl 24501 Kottes-Purk Trittings
0%
Melk 14361 Raxendorf Troibetsberg
0%
Amstetten 03136 Haidershofen Tröstelberg
0%
Tulln 20187 Tulln an der Donau Trübensee
0%
Korneuburg 11144 Hausleiten Trübenseer Auanteil
0%
Gmünd 07135 Haugschlag Türnau
0%
St. Pölten-Land 19592 St. Margarethen an der Sierning Türnau
0%
Melk 14168 Dunkelsteinerwald Umbach
0%
Melk 14076 Kilb Umbach
0%
Hollabrunn 18127 Hardegg Umlauf
0%
Lilienfeld 19333 St. Aegyd am Neuwalde Unrecht Traisen
0%
Scheibbs 22034 Gresten-Land Unteramt
0%
Krems-Land 12150 Bergern im Dunkelsteinerwald Unterbergern
0%
Melk 14179 Artstetten-Pöbring Unterbierbaum
0%
Neunkirchen 23349 Wartmannstetten Unterdanegg
0%
Hollabrunn 09106 Maissau Unterdürnbach
0%
Melk 14237 Maria Taferl Untererla
0%
Korneuburg 11113 Sierndorf Unterhautzental
0%
Melk 14362 Pöggstall Unterhohenau
0%
Krems-Land 12117 Dürnstein Unterloiben
0%
St. Pölten-Land 19515 Karlstetten Untermamau
0%
Krems-Land 12030 Gföhl Untermeisling
0%
St. Pölten-Land 19141 Obritzberg-Rust Untermerking
0%
Horn 10248 Weitersfeld Untermixnitz
0%
Tulln 20154 Würmla Untermoos
0%
St. Pölten-Land 19757 Maria Anzbach Unteroberndorf
0%
Korneuburg 11127 Sierndorf Unterparschenbrunn
0%
Krems-Land 12225 Langenlois Unterreith
0%
Lilienfeld 19029 Ramsau Unterried
0%
Korneuburg 11012 Leobendorf Unterrohrbach
0%
Lilienfeld 19031 Rohrbach an der Gölsen Unterrohrbach
0%
Krems-Land 12127 Rohrendorf bei Krems Unterrohrendorf
0%
Melk 14077 Hürm Untersiegendorf
0%
Tulln 20032 Kirchberg am Wagram Unterstockstall
0%
Melk 14238 Maria Taferl Unterthalheim
0%
Hollabrunn 09141 Heldenberg Unterthern
0%
Horn 10232 Japons Unterthumeritz
0%
Horn 10235 Drosendorf-Zissersdorf Unterthürnau
0%
Melk 14078 Hürm Unterthurnhofen
0%
Lilienfeld 19039 Kaumberg Untertriesting
0%
Bruck an der Leitha 05024 Enzersdorf an der Fischa Unterwald
0%
St. Pölten-Land 19175 Herzogenburg Unterwinden
0%
Zwettl 24382 Schweiggers Unterwindhag
0%
Melk 14169 Dunkelsteinerwald Ursprung
0%
Zwettl 24383 Zwettl-Niederösterreich Uttissenbach
0%
Tulln 20035 Königsbrunn am Wagram Utzenlaa
0%
Baden 04326 Hernstein Veitsau
0%
Amstetten 03138 Haidershofen Vestenthal
0%
Krems-Land 12362 Spitz Vießling
0%
Zwettl 24287 Kottes-Purk Voirans
0%
Zwettl 24288 Kottes-Purk Voitsau
0%
Zwettl 24289 Sallingberg Voitschlag
0%
Lilienfeld 19041 Hainfeld Vollberg
0%
Lilienfeld 19306 Lilienfeld Vordereben
0%
Gmünd 07344 Großschönau Wachtberg
0%
Melk 14363 Pöggstall Wachtberg
0%
St. Pölten-Land 19168 Traismauer Wadletzberg
0%
Tulln 20190 Sieghartskirchen Wagendorf
0%
Amstetten 03330 Ybbsitz Waldamt
0%
Horn 10140 Sigmundsherberg Walkenstein
0%
Krems-Land 12231 Grafenegg Walkersdorf
0%
Melk 14364 Raxendorf Walkersdorf
0%
St. Pölten-Land 19602 Kasten bei Böheimkirchen Wallenreith
0%
Gmünd 07345 Weitra Walterschlag
0%
Zwettl 24291 Bad Traunstein Walterschlag
0%
Zwettl 24386 Schweiggers Walterschlag
0%
St. Pölten-Land 19603 Ober-Grafendorf Wantendorf
0%
Amstetten 03139 Behamberg Wanzenöd
0%
Waidhofen an der Thaya 21210 Vitis Warnungs
0%
Neunkirchen 23149 Raach am Hochgebirge Wartenstein
0%
Hollabrunn 18131 Hardegg Waschbach
0%
Hollabrunn 18132 Zellerndorf Watzelsdorf
0%
St. Pölten-Land 19605 Neidling Watzelsdorf
0%
St. Pölten-Land 19606 Wilhelmsburg Wegbach
0%
St. Pölten-Land 19607 Hafnerbach Weghof
0%
Lilienfeld 19334 Eschenau Wehrabach
0%
Lilienfeld 19335 Türnitz Weidenaurotte
0%
Zwettl 24292 Kottes-Purk Weikartsschlag
0%
Melk 14365 Pöggstall Weinling
0%
Lilienfeld 19336 St. Aegyd am Neuwalde Weißenbachamt
0%
Baden 04037 Alland Weißenweg
0%
Melk 14366 Pöggstall Weißpyhra
0%
St. Pölten-Land 19612 Gerersdorf Weitendorf
0%
Melk 14170 Leiben Weitenegg
0%
Melk 14368 Weiten Weiterndorf
0%
Melk 14418 Blindenmarkt Weitgraben
0%
St. Pölten 19615 St. Pölten Weitzersdorf
0%
Zwettl 24293 Martinsberg Weixelberg
0%
Zwettl 24186 Groß Gerungs Wendelgraben
0%
Mistelbach 15222 Bockfließ Wendlingerhof
0%
Horn 10246 Japons Wenjapons
0%
Mistelbach 13050 Gnadendorf Wenzersdorf
0%
St. Pölten-Land 19614 Neidling Wernersdorf
0%
Zwettl 24502 Kottes-Purk Wernhies
0%
Zwettl 24387 Waldhausen Werschenschlag
0%
Zwettl 24068 Pölla Wetzlas
0%
St. Pölten-Land 19171 Inzersdorf-Getzersdorf Wetzmannsthal
0%
St. Pölten-Land 19616 Karlstetten Weyersdorf
0%
St. Pölten-Land 19617 St. Margarethen an der Sierning Wieden bei Margarethen
0%
St. Pölten-Land 19618 Pyhra Wieden bei Pyhra
0%
Krems-Land 12232 Straß im Straßertale Wiedendorf
0%
Waidhofen an der Thaya 21199 Waidhofen an der Thaya-Land Wiederfeld
0%
Zwettl 24294 Martinsberg Wiehalm
0%
Gmünd 07136 Heidenreichstein Wielandsberg
0%
St. Pölten-Land 19619 Wilhelmsburg Wielandsberg
0%
Hollabrunn 09068 Hollabrunn Wieselsfeld
0%
Zwettl 24388 Waldhausen Wiesenreith
0%
Zwettl 24187 Arbesbach Wiesensfeld
0%
Waidhofen an der Thaya 21200 Gastern Wiesmaden
0%
Krems-Land 12365 Maria Laach am Jauerling Wiesmannsreith
0%
Krems-Land 12054 Lichtenau im Waldviertel Wietzen
0%
Zwettl 24389 Zwettl-Niederösterreich Wildings
0%
Hollabrunn 09133 Maissau Wilhelmsdorf
0%
Mistelbach 15132 Poysdorf Wilhelmsdorf
0%
St. Pölten-Land 19622 St. Margarethen an der Sierning Wilhersdorf bei Margarethen
0%
St. Pölten-Land 19623 Ober-Grafendorf Willersdorf bei Wantendorf
0%
Gmünd 07137 Eisgarn Willings
0%
Waidhofen an der Thaya 21201 Windigsteig Willings
0%
Melk 14241 Yspertal Wimberg
0%
St. Pölten-Land 19760 Asperhofen Wimmersdorf
0%
Melk 14171 Melk Winden
0%
Baden 04039 Alland Windhaag
0%
Waidhofen an der Ybbs 03331 Waidhofen an der Ybbs Windhag
0%
Zwettl 24390 Schweiggers Windhof
0%
St. Pölten-Land 19176 Obritzberg-Rust Winzing
0%
Waidhofen an der Ybbs 03332 Waidhofen an der Ybbs Wirts
0%
Hollabrunn 09070 Göllersdorf Wischathal
0%
Lilienfeld 19045 St. Veit an der Gölsen Wobach
0%
Melk 14419 Bergland Wohlfahrtsbrunn
0%
Scheibbs 22144 St. Anton an der Jeßnitz Wohlfahrtsschlag
0%
Waidhofen an der Thaya 21203 Waidhofen an der Thaya-Land Wohlfarts
0%
Gmünd 07354 Großschönau Wöhnharts
0%
Krems-Land 12173 Bergern im Dunkelsteinerwald Wolfenreith
0%
Krems-Land 12191 Weinzierl am Walde Wolfenreith bei Habruck
0%
Zwettl 24069 Echsenbach Wolfenstein
0%
St. Pölten-Land 19762 Neulengbach Wolfersdorf
0%
Zwettl 24391 Zwettl-Niederösterreich Wolfsberg
0%
Hollabrunn 09071 Hollabrunn Wolfsbrunn
0%
Gmünd 07141 Heidenreichstein Wolfsegg
0%
Melk 14172 Schönbühel-Aggsbach Wolfstein
0%
St. Pölten-Land 19629 Wilhelmsburg Wolkersberg
0%
Korneuburg 11147 Leitzersdorf Wollmannsberg
0%
Horn 10240 Drosendorf-Zissersdorf Wollmersdorf
0%
Krems-Land 12192 Weißenkirchen in der Wachau Wösendorf
0%
Zwettl 24070 Allentsteig Wurmbach
0%
Zwettl 24188 Groß Gerungs Wurmbrand
0%
St. Pölten-Land 19632 Hafnerbach Würmling
0%
Korneuburg 11022 Harmannsdorf Würnitz
0%
Melk 14370 Pöggstall Würnsdorf
0%
Krems-Land 12057 Lichtenau im Waldviertel Wurschenaigen
0%
Horn 10069 Brunn an der Wild Wutzendorf
0%
Scheibbs 22036 Gresten Ybbsbachamt
0%
Scheibbs 22037 Göstling an der Ybbs Ybbssteinbach
0%
Korneuburg 11148 Hausleiten Zaina
0%
Scheibbs 22146 Wolfpassing Zarnsdorf
0%
Tulln 20041 Königsbrunn am Wagram Zaußenberg
0%
Melk 14371 Raxendorf Zehentegg
0%
Gmünd 07020 Waldenstein Zehenthöf
0%
Scheibbs 22147 Steinakirchen am Forst Zehetgrub
0%
Scheibbs 22148 Purgstall an der Erlauf Zehnbach
0%
Melk 14372 Raxendorf Zeining
0%
Krems-Land 12369 Maria Laach am Jauerling Zeißing
0%
Hollabrunn 09134 Hohenwarth-Mühlbach am Manhartsberg Zemling
0%
St. Pölten-Land 19634 Hafnerbach Zendorf
0%
Horn 10241 Japons Zettenreith
0%
Horn 10242 Drosendorf-Zissersdorf Zettlitz
0%
Krems-Land 12059 Rastenfeld Zierings
0%
Krems-Land 12370 Maria Laach am Jauerling Zintring
0%
Horn 10006 Gars am Kamp Zitternberg
0%
Melk 14373 Pöggstall Zöbring
0%
Tulln 20200 Judenau-Baumgarten Zöfing
0%
Horn 10142 Burgschleinitz-Kühnring Zogelsdorf
0%
Melk 14374 Raxendorf Zogelsdorf
0%
Lilienfeld 19337 Lilienfeld Zögersbach
0%
Neunkirchen 23357 Höflein an der Hohen Wand Zweiersdorf
0%
Neunkirchen 23358 Willendorf Zweierwald
0%
Melk 14083 Ruprechtshofen Zwerbach
0%
Mistelbach 13056 Großharras Zwingendorf
0%
Keine übereinstimmenden Quizze gefunden
Verteilung der Resultate
Anzahl Personen mit jedem Resultat
Perzentil nach korrekt beantworteten Fragen
Ihre Resultats-Entwicklung
Sie haben dieses Quiz seit der letzten Aktualisierung nicht gespielt